{"text_format":"3","workbook":"xls","n_sheets":14,"sheets":["计算机辅助设计实训室","科学器材","图书器材","美术器材","体育器材","音乐器材","卫生心理","45台电脑","40台电脑","35台电脑","24台电脑","20台电脑","教学平台 木","多动能室"],"not_rendered":{"external_links":1,"defined_names":14,"comments":14},"read":"whole","date_system":"1900","formulas":"cached_only"}

{"sheet":"计算机辅助设计实训室","index":0,"n_rows":34,"n_cols":8,"rows_kept":34,"merged":[[1,0,1,7],[5,2,5,7],[32,0,32,1],[32,2,32,7],[33,0,33,1],[33,3,33,5],[33,6,33,7]],"flags":["formulas_cached_only"]}
[]
["汕头职业技术学院机电系 计算机辅助设计实训室 预算报价表"]
[null,"项目利旧：灯光、窗帘布；空调、稳压电源、机柜、教师讲台、讲台垫脚；教室电源主干线。"]
[null,"更换设备：学生桌椅、2台教师机、60台学生机、"]
["序号","设备名称","产品参数与规格","参考品牌","单位","数量","单价","金额"]
[null,"(一) 实训设备","教室长13.32米*宽9.92米"]
[1,"24口千兆交换机","Web网管交换机；\n1. 下行端口--24个千兆；上行端口--4个千兆SFP。\n2. 背板带宽168Gbps；包转发率：42Mpps；MAC地址表8K。","华为","台",3]
[2,"理线器","机架式，非屏蔽理线器，高度1U","大唐","个",4]
[3,"教师机","(1) CPU  Intel i7 8核处理器，主频≥2.9GHz\n(2) 散热系统 ▲根据CPU温度调整风扇转速，并提供第三方证书\n(3) 芯片组 Intel B250或以上主板芯片组\n(4)内存 ≥16GB DDR4内存\n(5) 声卡 集成HD Audio，（前置耳麦二合一接口）\n(6) 显卡 ≥4G独立显卡\n(7) 硬盘 ▲≥2TB  SATA3 硬盘+512G固态硬盘；具有硬盘数据备份及恢复认证、硬盘减震发明认证、硬盘保护发明认证（需提供厂家盖章确认的相关证明文件）\n(8) 网卡 集成10/100/1000M以太网卡；\n(9) 显示器 ≥23.8寸LED显示器\n(10) 键盘、鼠标 防水键盘、抗菌鼠标；\n(11) 电源   ▲产品通过恶劣供电检验认证，可实现主板直流供电拉偏±6%，电源交流输入电压90V至265V，并提供国家权威机构（须有CNAS认可的检测机构）的检验证书\n(12) 系统安全 1. ▲原厂同品牌一键恢复操作系统（非Windows自带功能），可保留出厂备份和用户自定义备份，并提供软件著行权登记证书\n 2. 配置BIOS底层集成智能USB技术(非软件实现)，实现仅识别USB键盘、鼠标，无法识别其他USB读取设备，有效防止数据泄露；\n(13) MTBF平均无故障时间 ≥100万小时\n(14) 机箱 1. 标准MATX立式机箱，采用蜂窝结构，顶置电源开关键、顶置提手\n 2. ▲产品通过防腐认证，并提供国家权威机构（须有CNAS认可的检测机构）的检验证书\n(15) 管理功能 1. 能够实现USB端口的有效管理、能够配置网络带宽、流量；\n2. 可以及时更新操作系统、安全补丁及业务系统的安装或升级；\n3. 能够对软/硬件资产进行统计，监控软/硬件变更，并可报警；\n4. 能够提供完善的报表和系统日志；\n(16) 出厂内置智能云部署应用 1、可实现所有的计算机终端集中统一管理。\n2、无需安装任何硬件，终端连上网络就可以启动进入各种Windows桌面云环境。\n3、断网和服务端宕机，终端都可以使用，不影响正常上课教学。\n4、不管客户端是关机或开机状态，系统都可以统一给所有客户端进行软件安装、删除等维护工作，并能不影响已经开机的客户端的正常使用，客户端开机或重启后就能使用新装软件和系统。\n5、▲镜像库中的分区镜像可由任何系统调用，支持同一分区镜像供多个系统使用，达到分区共享目的，无论系统镜像如何变化，数据镜像可保持一致。（提供产品截图并加盖授权章）\n6、▲服务端以扇区流的方式，将创建的虚拟硬盘模板真实的部署到客户端，实现与系统无关性，多个系统只需要一次部署就完成。（提供产品截图并加盖授权章）\n7、支持按需和完全部署两种方式向客户端交付数据，均采用动态、实时、增量的原则，可以实现只部署系统分区或者数据分区。\n8、智能代理机制，实现负载均衡，保证部署效率和客户端的正常使用。\n9、部署过程中，根据管理策略自动修改IP地址和计算机名称。\n10、服务端可以识别并将差异化的信息保存在终端硬盘中，避免每次启动提示安装信息。\n11、▲客户端不需要对硬盘进行任何的操作，不需要分区和预装软件，连上服务端即可使用。（提供产品截图并加盖授权章）\n12、▲客户端不依赖网络和服务端可自我还原，支持分区每次、每天、每周、每月、手动等多种还原方式。（提供产品截图并加盖授权章）\n13、客户端启动界面提供管理接口，断网的情况下，管理员也可以更新系统和应用软件。\n14、系统引导选单显示开启与禁用，实现对当前不使用的系统进行屏蔽。\n15、支持硬盘剩余空间智能调配，满足多系统时硬盘容量不足的问题。\n16、支持包括3DMAX、autocad、maya2010以上等大型软件的运行。\n17、支持机房原有产品实现互通统一管理\n(17) 整机资质认证 1. ▲产品生产厂商获得信息安全服务资质证书（安全工程类一级）\n2. ▲产品生产厂商获得中国合格评定认可委员会（CNAS）实验室认可证书；\n3. ▲产品通过防火阻燃测验，并提供国家权威机构（须有CNAS认可的检测机构）的检验证书\n(18) 售后服务 1. ▲计算机厂商承诺主机三年保修及上门服务，原厂400/800售后电话，第2自然日上门服务，提供客户联络中心标准体系（CCCS）钻石五星级服务（提供证明文件）\n2. ▲制造厂商拥有IT环保处置服务，且拥有“回收批发废旧电子产品”经营范围，加盖制造商印章","联想","套",2]
[4,"学生机","(1) CPU  Intel i5 6核处理器，主频≥3.1GHz\n(2) 散热系统 ▲根据CPU温度调整风扇转速，并提供第三方证书\n(3) 芯片组 Intel B250或以上主板芯片组\n(4)内存 ≥8GB DDR4内存\n(5) 声卡 集成HD Audio，（前置耳麦二合一接口）\n(6) 显卡 ≥4G独立显卡\n(7) 硬盘 ▲≥1TB  SATA3 硬盘+256G固态硬盘；具有硬盘数据备份及恢复认证、硬盘减震发明认证、硬盘保护发明认证（需提供厂家盖章确认的相关证明文件）\n(8) 网卡 集成10/100/1000M以太网卡；\n(9) 显示器 ≥21.5寸LED显示器\n(10) 键盘、鼠标 防水键盘、抗菌鼠标；\n(11) 电源   ▲产品通过恶劣供电检验认证，可实现主板直流供电拉偏±6%，电源交流输入电压90V至265V，并提供国家权威机构（须有CNAS认可的检测机构）的检验证书\n(12) 系统安全 1. ▲原厂同品牌一键恢复操作系统（非Windows自带功能），可保留出厂备份和用户自定义备份，并提供软件著行权登记证书\n 2. 配置BIOS底层集成智能USB技术(非软件实现)，实现仅识别USB键盘、鼠标，无法识别其他USB读取设备，有效防止数据泄露；\n(13) MTBF平均无故障时间 ≥100万小时\n(14) 机箱 1. 标准MATX立式机箱，采用蜂窝结构，顶置电源开关键、顶置提手\n2. ▲产品通过防腐认证，并提供国家权威机构（须有CNAS认可的检测机构）的检验证书\n(15) 管理功能 1. 能够实现USB端口的有效管理、能够配置网络带宽、流量；\n2. 可以及时更新操作系统、安全补丁及业务系统的安装或升级；\n3. 能够对软/硬件资产进行统计，监控软/硬件变更，并可报警；\n4. 能够提供完善的报表和系统日志；\n(16) 出厂内置智能云部署应用 1、可实现所有的计算机终端集中统一管理。\n2、无需安装任何硬件，终端连上网络就可以启动进入各种Windows桌面云环境。\n3、断网和服务端宕机，终端都可以使用，不影响正常上课教学。\n4、不管客户端是关机或开机状态，系统都可以统一给所有客户端进行软件安装、删除等维护工作，并能不影响已经开机的客户端的正常使用，客户端开机或重启后就能使用新装软件和系统。\n5、▲镜像库中的分区镜像可由任何系统调用，支持同一分区镜像供多个系统使用，达到分区共享目的，无论系统镜像如何变化，数据镜像可保持一致。（提供产品截图并加盖授权章）\n6、▲服务端以扇区流的方式，将创建的虚拟硬盘模板真实的部署到客户端，实现与系统无关性，多个系统只需要一次部署就完成。（提供产品截图并加盖授权章）\n7、支持按需和完全部署两种方式向客户端交付数据，均采用动态、实时、增量的原则，可以实现只部署系统分区或者数据分区。\n8、智能代理机制，实现负载均衡，保证部署效率和客户端的正常使用。\n9、部署过程中，根据管理策略自动修改IP地址和计算机名称。\n10、服务端可以识别并将差异化的信息保存在终端硬盘中，避免每次启动提示安装信息。\n11、▲客户端不需要对硬盘进行任何的操作，不需要分区和预装软件，连上服务端即可使用。（提供产品截图并加盖授权章）\n12、▲客户端不依赖网络和服务端可自我还原，支持分区每次、每天、每周、每月、手动等多种还原方式。（提供产品截图并加盖授权章）\n13、客户端启动界面提供管理接口，断网的情况下，管理员也可以更新系统和应用软件。\n14、系统引导选单显示开启与禁用，实现对当前不使用的系统进行屏蔽。\n15、支持硬盘剩余空间智能调配，满足多系统时硬盘容量不足的问题。\n16、支持包括3DMAX、autocad、maya2010以上等大型软件的运行。\n17、支持机房原有产品实现互通统一管理\n(17) 整机资质认证 1. ▲产品生产厂商获得信息安全服务资质证书（安全工程类一级）\n2. ▲产品生产厂商获得中国合格评定认可委员会（CNAS）实验室认可证书；\n3. ▲产品通过防火阻燃测验，并提供国家权威机构（须有CNAS认可的检测机构）的检验证书\n(18) 售后服务 1. ▲计算机厂商承诺主机三年保修及上门服务，原厂400/800售后电话，第2自然日上门服务，提供客户联络中心标准体系（CCCS）钻石五星级服务（提供证明文件）\n2. ▲制造厂商拥有IT环保处置服务，且拥有“回收批发废旧电子产品”经营范围，加盖制造商印章","联想","套",60]
[5,"网络教学硬盘还原软件","一、多媒体教学软件：\n1.软件有屏幕广播、屏幕录制、屏幕回放、转播、网上影院、多路广播、影像广播、语音教学、分组教学、电子教鞭、联机讨论、文件传输、短消息、屏幕监看、黑屏、遥控、远程开关机、电源中控、远程配置、远程信息、远程命令、电子举手、消息传送、作业提交、上网限制、USB禁用等功能。软件能在主流操作系统如win7/win8/win10下良好运行。\n2. 转播功能，教师端指定某学生端的屏幕画面和声音，广播到其他学生端，让其操作示范也能让其他学生观摩。并可允许某个学生通过操控教师端的计算机，并将操作过程广播给其他学生，做示范演习。\n3. 网络影院，教师端可以将各种影片数据实时广播给所有学生，实现多媒体视听教学。\n4. 视频直播，影片辅助教学时，通过多频直播方式，一次性同时进行多路视频文件直播，实现多频道网络影院功能，教师端在各频道播放不同媒体文件，学生机端可以自由选择观看。\n5. 教学监控系统，通过多种监看模式及远程控制工具，就能监看所有学生的学习状况，并可以远距操控学生电脑。\n6. 作业提交，实现对学生的作业进行集中提交与管理。老师可以查看学生提交作业的状态，并以各个学生电脑名进行目录命名。\n7.▲投标公司要提供软件著作权证书、软件登记检测报告证书复印件并加盖厂家公章。\n二、网络保护系统软件：\n1、纯软件设计，免拆机、免重新构建分区，一键安装部署，支持Windows全系列操作系统，包括Windows 7/8/8.1/10(x86&x64)。\n2、支持网络对拷，智能识别增量数据进行差异对拷，百兆网络环境中同传速度可达1GB/Min，千兆网络环境中同传速度可达10GB/Min；接收端可通过网卡、u盘、光驱、硬盘启动方式执行同传，内建智能测速排序机制和同传限速控制，并可跨网段不限台数同时进行对拷。\n3、支持管理端远程部署网络对拷或增量对拷，无需到每台对拷机操作；如遇对拷机故障或操作难题，通过DOS下远程遥控进行协助操作；支持对3DMAX、CAD等图形设计、工程设计类软件的统一注册，无需手动逐台激活；\n4、自动分配IP，对拷时可按照指定顺序自动分配IP地址和计算机名，也可以通过管理端远程批量修改，无需一台一台操作；支持不同系统分配不同IP地址。\n5、▲系统保护，支持自动还原/定时还原/自动保存/定时保存/不还原模式，可授权客户端自主切换，或管理端一键指定切换还原保护模式，设置剩余空间报警。\n6、支持机房节能，帮助机房省电：<1>管理端可设定客户端在多久时间没操作后自动关闭显示器、自动进入待机状态、自动关机；<2>管理端可设定允许客户端每天开机的时段、一周中哪几天开机等；<3>根据预先设定费率生成能源使用报告，精确掌握节省的电费。\n7、按照教学实际需求，可设定计划任务，在指定的时间点自动切换到指定的还原点，且支持离线任务；针对内网的应用，可无缝对接WSUS实现操作系统补丁包的过滤与更新，保证内网的安全。\n8、▲文件目录管理，提供数据多级加密，可指定文件夹不还原，安全密码加密文件夹，防止重要数据泄露；目录同步可以将重要文件备份，按照后缀名等规格同步备份，单向或双向备份，双重保护文件。\n10、网络同传与增量同传，接收端计算机可通过网卡、u盘、光驱、硬盘启动四种方式执行同传，内建同传智能测速排序机制，可支持同传限速以不影响正常的教学活动，支持正版软件（windows操作系统、office软件）的激活，支持CAD等软件批量注册；在Dos下同传也可以进行远程遥控技术指导。\n11、提供多种集中管理功能，远端还原管理、锁定设备、资产管理、远程监看、远程命令、远程监看、远程开关机、远程重启、远程登录、远程遥控。\n","南京远志","套",1]
[6,"投影仪","1、基本参数 3LCD显示技术，液晶板尺寸≥0.64英寸；\n2、标准亮度≥4000流明（ISO21118标准）；对比度≥15000:1；标准分辨率1920*1200（WUXGA）；\n3、灯泡功率≥225W；整机功率≤320W，最低待机功耗≤0.5W；内置扬声器≥10W；\n4、镜头手动1.66倍变焦；投射比1.26-2.09:1；","松下","台",1]
[7,"投影幕","电动投影幕，波珠幕布，比例16：10，尺寸120英寸","国产","块",1]
[8,"视频分配器","1、1进4出，视频分配器，配线。\n2、教师电脑输出到视频分配器，分配器到教师显示器和投影仪。","国产","块",1]
[null,"小计",{"$nulls":5},{"v":0,"d":"0.00"}]
[null,"(二) 教室基础及配套建设"]
[1,"搬运教室设备","1、切割地面钢板；切割配电箱到地面线路槽；拆除课桌电源线、网线；\n2、搬运教室电脑、教室桌椅到其他教室；\n3、清运垃圾。","定制","项",1]
[2,"教室内配电箱","1. 1个36位配电箱（教室内），带接地母排； 1个三相电源防雷模块，二级防雷；\n2. 1个教室总控空气开关--60A/3P；\n3. 8个小组空气开关--32A/1P（6组学生、1组教师、1组备用）；\n4. 1个消防照明空气开关--16A/2P\n5. 5个五孔电源插座--功放、有线话筒、无线话筒、备用；\n6. 62个六孔电源插座--电脑用、62个桌面五孔电源插座--桌面用。","国产","项",1]
[3,"教室电源线","1. 教室电源主干进线利旧（从强电井到配电箱总控开关)；空调、灯光、投影机电源线利旧。\n2、更换电脑电源主干线4组：规格200米ZR-BVV4mm2 + 100米ZR-BV2.5mm2；\n3、更换电脑电源分支线：规格260米ZR-BVV1.5mm2 + 130米ZR-BV1.0mm2；\n4、更换教师讲台电源线：规格40米ZR-BVV1.5mm2 + 20米ZR-BV1.0mm2；\n5、学生桌面5孔插座配线：规格260米ZR-BVV1.5mm2 + 130米ZR-BV1.0mm2；\n6、机柜、教室讲台用五位电源排插，2个。投影幕电源线15米RVV 2*1.0mm。\n7、PVC线槽：65米59×22；65米39×19；30米24×14。","国产","项",1]
[4,"网络信号线","机柜端、电脑端直接打水晶头。\n1、六类非屏蔽网线，网线5箱；\n2、六类非屏蔽水晶头，2盒。","国产","项",1]
[5,"教师椅子","定制：优质网布，内嵌高密度定型海绵，加厚钢制五脚","定制","张",1]
[6,"两位学生桌","1、学生桌尺寸：长1200*宽550*高750mm；\n2、桌面板厚度25mm、其它位置厚度16mm；桌子板材用E0级中纤板；\n3、桌子颜色：桌面蓝+白浅灰。","定制","张",30]
[7,"学生凳","钢木组合框架结构；中纤板凳面，四脚金属；板厚25mm、钢管0.7mm壁厚；长34×宽24×高45厘米","定制","张",60]
[8,"教室牌匾","304不锈钢材质；长60*高40厘米。\n印刷格式参考机电系3楼自动化控制实训室牌匾，内容与学校协商","国产","块",2]
[9,"教室修补","1、配电箱电源线补墙（宽20*高200厘米），粉刷；\n2、学生桌电源线、网线完成后，盖2mm凹型钢板（宽度10厘米*深度3厘米*厚2mm，长度33米）重新固定、填缝剂、补刷漆。","国产","项",1]
[10,"线材配套","1、桌子喷座号，字体的大小、颜色参考机电系3楼嵌入式实训室。\n2、线槽和线管配件、直通头、压线槽、膨胀螺丝、铁钉、胶布、标签、扎带等","国产","项",1]
[null,"小计",{"$nulls":5},{"v":0,"d":"0.00"}]
[]
["A","设备材料小计",{"$nulls":5},{"v":0,"d":"0.00"}]
["B","安装、连接、调试、售后费",{"$nulls":5},{"v":0,"d":"0.00"}]
["C","税费",{"$nulls":5},{"v":0,"d":"0.00"}]
["D","项目合计 (A+B+C)",{"$nulls":5},{"v":0,"d":"0.00"}]
["报价单位",null,"（盖章）"]
["联系人",null,null,"联系电话"]

{"sheet":"科学器材","index":1,"n_rows":150,"n_cols":15,"rows_kept":150,"hidden":true,"merged":[[0,0,0,8],[1,1,1,6],[138,1,138,7],[139,1,139,7],[140,1,140,7],[141,1,141,7]],"flags":["formulas_cached_only"]}
["科学器材达标室 详细清单"]
[{"$nulls":8},"人民币（元）"]
["序号","设备名称","产品参数与规格","品牌","目录编号","单位","数量","单价","金额",null,"比值","成本","成本金额"]
["一、","小学科学实验室"]
[1,"教师演示台","规格：L2400×W750×H1050mm；台面：采用 18/25mm 中密度纤维板或以上，表面贴面防火板，前沿设高 50mm 的围板，两侧采用硬质 PVC 封边。台身：采用 18mm 中密度纤维板或以上，截面用封边机械高温热 压封边,其中外露的边用硬质 PVC 封边条。结构：一体化设计，演示台 应设有教师实验电源，电源总控制器，学生高压交流电源控制，教师 专用水槽、贮存柜等。暗装 15A/220V 二、三孔插座二个，低压交流、 直流电源（演示台预留电教设备位置及两个信息口）。脚垫：采用 ABS 工程塑料，规格：长 40mm，宽 16mm，高 20mm。","国产",null,"张",1,{"v":1824,"d":"1,824.00"},{"v":1824,"d":"1,824.00"},null,1.6,{"v":1140,"d":"1,140.00"},{"v":1140,"d":"1,140.00"},null,1]
[2,"学生实验台（每台 4 人）","规格：L2200×W550×H680mm；台面：采用 25mm 中纤密度板，表面贴面防火板，两侧采用硬质 PVC 封边，前沿设高 50mm 的围板，台面两侧外延 10cm。台身：采用 18mm 中纤密度板，截面用封边机械高温热压封边,其中外露的边用硬质 PVC 封边条。结构：实验台固定在地面，预 埋电线通过两侧暗槽进入台两侧二、三孔电源插座，台面暗装盒式学生实验直流电源。脚垫：采用 ABS 工程塑料。规格：长 40mm，宽 16mm，高 20mm。","国产",null,"张",12,{"v":1344,"d":"1,344.00"},{"v":16128,"d":"16,128.00"},null,1.6,{"v":840,"d":"840.00"},{"v":10080,"d":"10,080.00"},null,12]
[3,"教师实验凳","塑钢结构，四脚。凳面采用工程塑料 ABS 注塑成型。","国产",null,"张",1,{"v":72,"d":"72.00"},{"v":72,"d":"72.00"},null,2,{"v":36,"d":"36.00"},{"v":36,"d":"36.00"},null,1]
[4,"学生实验凳","塑钢结构，三脚。凳面采用工程塑料 ABS 注塑成型。","国产",null,"张",48,{"v":72,"d":"72.00"},{"v":3456,"d":"3,456.00"},null,2,{"v":36,"d":"36.00"},{"v":1728,"d":"1,728.00"},null,48]
[5,"供电系统","符合 JY0374-2004《教学实验室设备 电源系统》，采用 PVC 阻燃线管埋地，穿线到学生台及教师台，分支线沿台侧板暗槽引至侧电源插座。 另供电应充分接上地线，供教师演示台电线线径不小于 4mm,供学生实 验台电线线径不小于 1.5mm。线材采用双塑铜芯线材。","国产",null,"套",1,{"v":960,"d":"960.00"},{"v":960,"d":"960.00"},null,1.6,{"v":600,"d":"600.00"},{"v":600,"d":"600.00"},null,1]
[6,"教师电源","符合 JY036-1999《教学电源》教师实验电源规格为：500×300mm，采用教学安全交、直流电源，教师能对实验室进行总控，分控每组学生 电源。带漏电保护开关（60A），工作指示灯。交直流电源均有过载、 过流短路保护装置。直流 1.5～15V 连续可调,交流 2～15V，每 2V 一 档，额定电流≥6A。","国产",null,"套",1,{"v":1728,"d":"1,728.00"},{"v":1728,"d":"1,728.00"},null,1.6,{"v":1080,"d":"1,080.00"},{"v":1080,"d":"1,080.00"},null,1]
[7,"学生电源","符合 JY036-1999《教学电源》，学生实验电源规格为：210×110mm，学生电源防尘盒规格:240×145mm。台面暗装盒式实验直流电源，每两 人一组独立实验电源。每组直流电源均有过载，过流短路保护装置, 保险装置不容易旋出，电源接线柱不能旋出。电压为 1.5～6V 连续可 调,额定电流≥1A。","国产",null,"套",24,{"v":40,"d":"40.00"},{"v":960,"d":"960.00"},null,1.6,{"v":25,"d":"25.00"},{"v":600,"d":"600.00"},null,24]
[8,"水 槽 台","规格：L5000×W550×H680mm；台面：采用 12.7mm 实芯理化板，两侧采用硬质 PVC 封边。台身：采用 18mm 中纤密度板，截面用封边机械高 温热压封边,其中外露的边用硬质 PVC 封边条。结构：用于放置水槽， 并固定在地面。脚垫：采用 ABS 工程塑料，模具注塑成形。规格：长 40mm，宽 16mm，高 30mm。","国产",null,"套",1,{"v":3840,"d":"3,840.00"},{"v":3840,"d":"3,840.00"},null,1.6,{"v":2400,"d":"2,400.00"},{"v":2400,"d":"2,400.00"},null,1]
[9,"供排水系统","采用 PVCφ110 排污管，PVC-U 给水管，每间教室侧面或后面安装 6 个洗手水槽，水槽台设水阀开关一个。","国产",null,"套",1,{"v":960,"d":"960.00"},{"v":960,"d":"960.00"},null,1.6,{"v":600,"d":"600.00"},{"v":600,"d":"600.00"},null,1]
[10,"水槽","430X330X260mm，实验室专用 5mm 厚 PP 水槽；具有防酸防碱、耐腐蚀。","国产",null,"个",6,{"v":28.8,"d":"28.80"},{"v":172.8,"d":"172.80"},null,1.6,{"v":18,"d":"18.00"},{"v":108,"d":"108.00"},null,6]
[11,"二联水咀","实验室专用高压二联铜芯包塑 PPR 水咀，瓷芯水阀。","国产",null,"套",6,{"v":112,"d":"112.00"},{"v":672,"d":"672.00"},null,1.6,{"v":70,"d":"70.00"},{"v":420,"d":"420.00"},null,6]
[12,"设备安装调试及辅助材料","阻燃套管、PVC 线槽、PVC 线管、波纹管、直通头、压线槽、膨胀螺丝、铁钉、胶布、扎带等配件。执行 JY/T0385-2006《中小学理科实验室装备规范》。","国产",null,"套",1,{"v":2880,"d":"2,880.00"},{"v":2880,"d":"2,880.00"},null,1.6,{"v":1800,"d":"1,800.00"},{"v":1800,"d":"1,800.00"},null,1]
[]
["二","小学科学实验仪器"]
[1,"计算器","简易型","国产","01012","个",12,23.04,276.48,null,1.6,{"v":14.4,"d":"14.40"},{"v":172.8,"d":"172.80"}]
[2,"打孔器","4 件","国产","02002","套",1,7.39,7.39,null,1.6,4.62,4.62]
[3,"打气筒",null,"国产","02015","个",8,{"v":19.2,"d":"19.20"},{"v":153.6,"d":"153.60"},null,1.6,{"v":12,"d":"12.00"},{"v":96,"d":"96.00"}]
[4,"仪器车","不锈钢","国产","02020","辆",2,{"v":345.6,"d":"345.60"},{"v":691.2,"d":"691.20"},null,1.6,{"v":216,"d":"216.00"},{"v":432,"d":"432.00"}]
[5,"生物显微镜","XSP-01-500x","国产","02041","台",1,326.94,326.94,null,1.6,{"v":204.336,"d":"204.34"},{"v":204.336,"d":"204.34"}]
[6,"生物显微演示装置","彩色，分辨率 450TV 线以上，放大倍数 40 x～1500 x","国产","02043","台",1,249.22,249.22,null,1.6,155.76,155.76]
[7,"学生显微镜","200×，单筒,金属","国产","02045","台",8,165.12,{"v":1320.96,"d":"1,320.96"},null,1.6,{"v":103.2,"d":"103.20"},{"v":825.6,"d":"825.60"}]
[8,"放大镜","5 倍，直径不少于 30mm","国产","02051","个",12,1.92,23.04,null,1.6,{"v":1.2,"d":"1.20"},{"v":14.399999999999999,"d":"14.40"}]
[9,"放大镜","3 倍，直径不少于 40mm","国产","02052","个",12,1.92,23.04,null,1.6,{"v":1.2,"d":"1.20"},{"v":14.399999999999999,"d":"14.40"}]
[10,"天文望远镜","φ60mm、30x、70x、附寻星镜及太阳黑子滤光镜","国产","02061","套",1,{"v":672,"d":"672.00"},{"v":672,"d":"672.00"},null,1.6,{"v":420,"d":"420.00"},{"v":420,"d":"420.00"}]
[11,"酒精喷灯","坐式","国产","02075","个",1,53.76,53.76,null,1.6,{"v":33.6,"d":"33.60"},{"v":33.6,"d":"33.60"}]
[12,"电加热器","密封式","国产","02077","台",1,57.12,57.12,null,1.6,{"v":35.7,"d":"35.70"},{"v":35.7,"d":"35.70"}]
[13,"听诊器",null,"国产","02101","个",12,19.58,{"v":234.95999999999998,"d":"234.96"},null,1.6,12.24,146.88]
[14,"水槽",null,"国产","02129","个",12,8.64,103.68,null,1.6,{"v":5.4,"d":"5.40"},{"v":64.80000000000001,"d":"64.80"}]
[15,"三脚架",null,"国产","03006","个",12,4.42,53.04,null,1.6,2.76,33.12]
[16,"试管架",null,"国产","03008","个",12,5.76,69.12,null,1.6,{"v":3.6,"d":"3.60"},{"v":43.2,"d":"43.20"}]
[17,"旋转架",null,"国产","03013","套",12,5.61,{"v":67.32000000000001,"d":"67.32"},null,1.6,{"v":3.504,"d":"3.50"},{"v":42.048,"d":"42.05"}]
[18,"学生电源","直流：1.5～6V，每 1.5V 一档，≥1A","国产","04002","台",8,{"v":96,"d":"96.00"},{"v":768,"d":"768.00"},null,1.6,{"v":60,"d":"60.00"},{"v":480,"d":"480.00"}]
[19,"教学电源","交流：2～12V/5A，每 2V 一档；直流：1.5～12V/2A，分为1.5V、3V、4.5V、6V、9V、12V 共 6 档","国产","04005","台",1,{"v":230.4,"d":"230.40"},{"v":230.4,"d":"230.40"},null,1.6,{"v":144,"d":"144.00"},{"v":144,"d":"144.00"}]
[20,"电池盒","1 号电池 4 节，可串并联","国产","04010","套",24,6.24,149.76,null,1.6,{"v":3.9,"d":"3.90"},{"v":93.6,"d":"93.60"}]
[21,"直尺","500mm","国产",10003,"只",12,5.38,64.56,null,1.6,3.36,40.32]
[22,"软尺","1500mm","国产",10006,"个",12,0.48,5.76,null,1.6,{"v":0.3,"d":"0.30"},{"v":3.5999999999999996,"d":"3.60"}]
[23,"托盘天平","500g，0.5g","国产",11005,"台",12,72.96,875.52,null,1.6,{"v":45.6,"d":"45.60"},{"v":547.2,"d":"547.20"}]
[24,"金属钩码","50g×10","国产",11029,"套",12,16.32,195.84,null,1.6,{"v":10.2,"d":"10.20"},{"v":122.39999999999999,"d":"122.40"}]
[25,"体重计",null,"国产",11030,"台",8,{"v":345.6,"d":"345.60"},{"v":2764.8,"d":"2,764.80"},null,1.6,{"v":216,"d":"216.00"},{"v":1728,"d":"1,728.00"}]
[26,"电子停表","0.1s","国产",12003,"块",12,{"v":19.2,"d":"19.20"},{"v":230.39999999999998,"d":"230.40"},null,1.6,{"v":12,"d":"12.00"},{"v":144,"d":"144.00"}]
[27,"温度计","红液，0～100℃","国产",13001,"支",23,1.44,33.12,null,1.6,{"v":0.9,"d":"0.90"},{"v":20.7,"d":"20.70"}]
[28,"温度计","水银，0～100℃","国产",13002,"支",1,{"v":2.5,"d":"2.50"},{"v":2.5,"d":"2.50"},null,1.6,1.56,1.56]
[29,"体温计","水银，35～42℃","国产",13010,"支",12,2.78,33.36,null,1.6,1.74,20.88]
[30,"寒暑表",null,"国产",13020,"只",1,3.07,3.07,null,1.6,1.92,1.92]
[31,"最高温度表","-16～+81℃","国产",13021,"支",1,8.64,8.64,null,1.6,{"v":5.4,"d":"5.40"},{"v":5.4,"d":"5.40"}]
[32,"最低温度表","-52～+41℃","国产",13022,"支",1,8.64,8.64,null,1.6,{"v":5.4,"d":"5.40"},{"v":5.4,"d":"5.40"}]
[33,"条形盒测力计","5N","国产",14002,"个",12,4.42,53.04,null,1.6,2.76,33.12]
[34,"条形盒测力计","2.5N","国产",14003,"个",12,4.42,53.04,null,1.6,2.76,33.12]
[35,"条形盒测力计","1N","国产",14004,"个",12,4.42,53.04,null,1.6,2.76,33.12]
[36,"多用电表",null,"国产",15011,"个",1,{"v":134.4,"d":"134.40"},{"v":134.4,"d":"134.40"},null,1.6,{"v":84,"d":"84.00"},{"v":84,"d":"84.00"}]
[37,"湿度计","指针式","国产",16004,"个",1,16.32,16.32,null,1.6,{"v":10.2,"d":"10.20"},{"v":10.2,"d":"10.20"}]
[38,"指南针",null,"国产",16007,"个",12,3.46,{"v":41.519999999999996,"d":"41.52"},null,1.6,2.16,25.92]
[39,"肺活量计","一次性吹嘴","国产",16016,"台",1,130.56,130.56,null,1.6,{"v":81.6,"d":"81.60"},{"v":81.6,"d":"81.60"}]
[40,"雨量器","承水口内径 200mm","国产",16022,"套",1,186.91,186.91,null,1.6,116.82,116.82]
[41,"风杯式风速表","有直读装置","国产",16025,"套",1,{"v":105.6,"d":"105.60"},{"v":105.6,"d":"105.60"},null,1.6,{"v":66,"d":"66.00"},{"v":66,"d":"66.00"}]
[42,"音叉","256Hz","国产",22001,"只",12,30.72,368.64,null,1.6,{"v":19.2,"d":"19.20"},{"v":230.39999999999998,"d":"230.40"}]
[43,"单摆","一个摆球","国产",22004,"套",12,6.14,{"v":73.67999999999999,"d":"73.68"},null,1.6,3.84,46.08]
[44,"条形磁铁","D-CG-LT-180","国产",24001,"套",1,17.66,17.66,null,1.6,11.04,11.04]
[45,"蹄形磁铁","D-CG-LU-80","国产",24002,"套",1,11.52,11.52,null,1.6,{"v":7.2,"d":"7.20"},{"v":7.2,"d":"7.20"}]
[46,"斜面",null,"国产",29001,"个",12,11.52,138.24,null,1.6,{"v":7.2,"d":"7.20"},{"v":86.4,"d":"86.40"}]
[47,"压簧",null,"国产",29002,"套",12,1.92,23.04,null,1.6,{"v":1.2,"d":"1.20"},{"v":14.399999999999999,"d":"14.40"}]
[48,"拉簧",null,"国产",29003,"套",12,1.92,23.04,null,1.6,{"v":1.2,"d":"1.20"},{"v":14.399999999999999,"d":"14.40"}]
[49,"沉浮块","同体积不同质量、同质量不同形状、可改变质量等物体","国产",29004,"套",12,7.39,{"v":88.67999999999999,"d":"88.68"},null,1.6,4.62,55.44]
[50,"杠杆尺及支架",null,"国产",29005,"个",12,11.62,139.44,null,1.6,7.26,87.12]
[51,"滑轮组及支架",null,"国产",29006,"套",12,{"v":9.6,"d":"9.60"},{"v":115.19999999999999,"d":"115.20"},null,1.6,{"v":6,"d":"6.00"},{"v":72,"d":"72.00"}]
[52,"轮轴及支架",null,"国产",29007,"套",12,8.64,103.68,null,1.6,{"v":5.4,"d":"5.40"},{"v":64.80000000000001,"d":"64.80"}]
[53,"齿轮组及支架",null,"国产",29008,"套",12,8.64,103.68,null,1.6,{"v":5.4,"d":"5.40"},{"v":64.80000000000001,"d":"64.80"}]
[54,"弹簧片",null,"国产",29009,"套",12,1.54,18.48,null,1.6,0.96,11.52]
[55,"小车",null,"国产",29010,"个",23,7.68,176.64,null,1.6,{"v":4.8,"d":"4.80"},{"v":110.39999999999999,"d":"110.40"}]
[56,"太阳高度测量器",null,"国产",29011,"个",12,7.68,92.16,null,1.6,{"v":4.8,"d":"4.80"},{"v":57.599999999999994,"d":"57.60"}]
[57,"风的形成实验材料",null,"国产",29012,"套",12,13.73,164.76,null,1.6,8.58,{"v":102.96000000000001,"d":"102.96"}]
[58,"组装风车材料",null,"国产",29013,"套",12,4.03,48.36,null,1.6,2.52,{"v":30.240000000000002,"d":"30.24"}]
[59,"组装水轮材料",null,"国产",29014,"套",12,4.03,48.36,null,1.6,2.52,{"v":30.240000000000002,"d":"30.24"}]
[60,"太阳能的应用材料",null,"国产",29015,"套",12,16.32,195.84,null,1.6,{"v":10.2,"d":"10.20"},{"v":122.39999999999999,"d":"122.40"}]
[61,"小鼓",null,"国产",29016,"个",12,{"v":9.6,"d":"9.60"},{"v":115.19999999999999,"d":"115.20"},null,1.6,{"v":6,"d":"6.00"},{"v":72,"d":"72.00"}]
[62,"组装土电话材料",null,"国产",29017,"套",12,3.84,46.08,null,1.6,{"v":2.4,"d":"2.40"},{"v":28.799999999999997,"d":"28.80"}]
[63,"热传导实验材料","木、金属、塑料、玻璃、陶瓷、棉花、石棉等材料","国产",29018,"套",12,4.99,59.88,null,1.6,3.12,37.44]
[64,"物体热涨冷缩实验材料","金属球、塑料球、实验架等","国产",29019,"套",12,11.14,133.68,null,1.6,6.96,83.52]
[65,"灯座及灯泡",null,"国产",29020,"个",23,1.92,44.16,null,1.6,{"v":1.2,"d":"1.20"},{"v":27.599999999999998,"d":"27.60"}]
[66,"开关",null,"国产",29021,"个",23,{"v":2.5,"d":"2.50"},{"v":57.5,"d":"57.50"},null,1.6,1.56,35.88]
[67,"物体导电性实验材料",null,"国产",29022,"套",12,10.56,126.72,null,1.6,{"v":6.6,"d":"6.60"},{"v":79.19999999999999,"d":"79.20"}]
[68,"条形磁铁","学生用","国产",29025,"套",12,5.38,64.56,null,1.6,3.36,40.32]
[69,"蹄形磁铁","学生用","国产",29028,"套",12,5.38,64.56,null,1.6,3.36,40.32]
[70,"磁针",null,"国产",29029,"对",12,4.22,50.64,null,1.6,2.64,31.68]
[71,"环形磁铁",null,"国产",29030,"套",12,{"v":2.3,"d":"2.30"},{"v":27.599999999999998,"d":"27.60"},null,1.6,1.44,17.28]
[72,"电磁铁组装材料",null,"国产",29031,"套",12,10.56,126.72,null,1.6,{"v":6.6,"d":"6.60"},{"v":79.19999999999999,"d":"79.20"}]
[73,"电磁铁","演示用","国产",29032,"套",1,17.28,17.28,null,1.6,{"v":10.8,"d":"10.80"},{"v":10.8,"d":"10.80"}]
[74,"手摇发电机",null,"国产",29033,"个",8,23.04,184.32,null,1.6,{"v":14.4,"d":"14.40"},{"v":115.2,"d":"115.20"}]
[75,"激光笔",null,"国产",29034,"个",12,4.22,50.64,null,1.6,2.64,31.68]
[76,"小孔成像装置","组装式","国产",29035,"套",12,5.76,69.12,null,1.6,{"v":3.6,"d":"3.60"},{"v":43.2,"d":"43.20"}]
[77,"平面镜及支架",null,"国产",29036,"套",12,4.22,50.64,null,1.6,2.64,31.68]
[78,"曲面镜及支架","凸面镜、凹面镜等","国产",29037,"套",12,7.68,92.16,null,1.6,{"v":4.8,"d":"4.80"},{"v":57.599999999999994,"d":"57.60"}]
[79,"透镜、棱镜及支架","凸透镜、三棱镜等","国产",29038,"套",12,11.52,138.24,null,1.6,{"v":7.2,"d":"7.20"},{"v":86.4,"d":"86.40"}]
[80,"成像屏及支架",null,"国产",29039,"套",12,3.84,46.08,null,1.6,{"v":2.4,"d":"2.40"},{"v":28.799999999999997,"d":"28.80"}]
[81,"昆虫观察盒","带不小于 3×的放大镜","国产",29040,"个",23,4.42,101.66,null,1.6,2.76,63.48]
[82,"平面政区地球仪","1∶40 000 000","国产",34001,"个",1,{"v":67.2,"d":"67.20"},{"v":67.2,"d":"67.20"},null,1.6,{"v":42,"d":"42.00"},{"v":42,"d":"42.00"}]
[83,"平面地形地球仪","1∶40 000 000","国产",34002,"个",1,{"v":67.2,"d":"67.20"},{"v":67.2,"d":"67.20"},null,1.6,{"v":42,"d":"42.00"},{"v":42,"d":"42.00"}]
[84,"照相机模型","光学","国产",39001,"套",1,24.96,24.96,null,1.6,{"v":15.6,"d":"15.60"},{"v":15.6,"d":"15.60"}]
[85,"眼构造模型",null,"国产",39054,"台",1,53.76,53.76,null,1.6,{"v":33.6,"d":"33.60"},{"v":33.6,"d":"33.60"}]
[86,"啄木鸟仿真模型","自然大，用羽毛制作","国产",39101,"件",1,36.48,36.48,null,1.6,{"v":22.8,"d":"22.80"},{"v":22.8,"d":"22.80"}]
[87,"猫头鹰仿真模型","自然大，用羽毛制作","国产",39102,"件",1,40.32,40.32,null,1.6,{"v":25.2,"d":"25.20"},{"v":25.2,"d":"25.20"}]
[88,"地动仪模型",null,"国产",39151,"台",1,{"v":307.2,"d":"307.20"},{"v":307.2,"d":"307.20"},null,1.6,{"v":192,"d":"192.00"},{"v":192,"d":"192.00"}]
[89,"司南模型",null,"国产",39154,"台",1,51.84,51.84,null,1.6,{"v":32.4,"d":"32.40"},{"v":32.4,"d":"32.40"}]
[90,"月相变化演示器",null,"国产",39156,"件",1,{"v":134.4,"d":"134.40"},{"v":134.4,"d":"134.40"},null,1.6,{"v":84,"d":"84.00"},{"v":84,"d":"84.00"}]
[91,"蟾蜍浸制标本",null,"国产",43050,"瓶",8,23.04,184.32,null,1.6,{"v":14.4,"d":"14.40"},{"v":115.2,"d":"115.20"}]
[92,"河蚌浸制标本",null,"国产",43051,"瓶",8,23.04,184.32,null,1.6,{"v":14.4,"d":"14.40"},{"v":115.2,"d":"115.20"}]
[93,"爬行类动物浸制标本","蛇或蜥蜴","国产",43052,"瓶",8,23.04,184.32,null,1.6,{"v":14.4,"d":"14.40"},{"v":115.2,"d":"115.20"}]
[94,"蛙发育顺序标本",null,"国产",43053,"瓶",8,{"v":28.8,"d":"28.80"},{"v":230.4,"d":"230.40"},null,1.6,{"v":18,"d":"18.00"},{"v":144,"d":"144.00"}]
[95,"昆虫标本","常见益虫、害虫各 6～7 种","国产",43150,"套",8,30.72,245.76,null,1.6,{"v":19.2,"d":"19.20"},{"v":153.6,"d":"153.60"}]
[96,"桑蚕生活史标本",null,"国产",43151,"套",8,24.96,199.68,null,1.6,{"v":15.6,"d":"15.60"},{"v":124.8,"d":"124.80"}]
[97,"兔外形标本",null,"国产",43152,"件",8,{"v":48,"d":"48.00"},{"v":384,"d":"384.00"},null,1.6,{"v":30,"d":"30.00"},{"v":240,"d":"240.00"}]
[98,"植物种子传播方式标本","动物传播、弹力传播、风力传播、水力传播","国产",43153,"盒",8,26.88,215.04,null,1.6,{"v":16.8,"d":"16.80"},{"v":134.4,"d":"134.40"}]
[99,"天然材料标本","木、棉花、石油、煤、矿石等","国产",49001,"套",8,{"v":28.8,"d":"28.80"},{"v":230.4,"d":"230.40"},null,1.6,{"v":18,"d":"18.00"},{"v":144,"d":"144.00"}]
[100,"人造材料标本","金属、塑料、玻璃、陶瓷、纸、布、密度板、水泥等","国产",49002,"套",8,{"v":28.8,"d":"28.80"},{"v":230.4,"d":"230.40"},null,1.6,{"v":18,"d":"18.00"},{"v":144,"d":"144.00"}]
[101,"纺织品标本",null,"国产",49003,"套",8,{"v":28.8,"d":"28.80"},{"v":230.4,"d":"230.40"},null,1.6,{"v":18,"d":"18.00"},{"v":144,"d":"144.00"}]
[102,"各种纸样标本",null,"国产",49004,"套",8,{"v":28.8,"d":"28.80"},{"v":230.4,"d":"230.40"},null,1.6,{"v":18,"d":"18.00"},{"v":144,"d":"144.00"}]
[103,"矿物标本",null,"国产",49005,"套",8,17.28,138.24,null,1.6,{"v":10.8,"d":"10.80"},{"v":86.4,"d":"86.40"}]
[104,"岩石标本",null,"国产",49006,"套",8,17.28,138.24,null,1.6,{"v":10.8,"d":"10.80"},{"v":86.4,"d":"86.40"}]
[105,"金属矿物标本","铜、铁、铝、钨、锡等","国产",49007,"套",8,17.28,138.24,null,1.6,{"v":10.8,"d":"10.80"},{"v":86.4,"d":"86.40"}]
[106,"土壤标本",null,"国产",49008,"套",8,23.04,184.32,null,1.6,{"v":14.4,"d":"14.40"},{"v":115.2,"d":"115.20"}]
[107,"矿物提炼物标本","石油、金属等","国产",49009,"套",8,26.88,215.04,null,1.6,{"v":16.8,"d":"16.80"},{"v":134.4,"d":"134.40"}]
[108,"中国政区地图","全张","国产",59001,"张",1,{"v":9.6,"d":"9.60"},{"v":9.6,"d":"9.60"},null,1.6,{"v":6,"d":"6.00"},{"v":6,"d":"6.00"}]
[109,"中国地形地图","全张","国产",59002,"张",1,{"v":9.6,"d":"9.60"},{"v":9.6,"d":"9.60"},null,1.6,{"v":6,"d":"6.00"},{"v":6,"d":"6.00"}]
[110,"小学科学安全操作挂图","对开,30 幅","国产",59003,"套",1,{"v":57.6,"d":"57.60"},{"v":57.6,"d":"57.60"},null,1.6,{"v":36,"d":"36.00"},{"v":36,"d":"36.00"}]
[111,"小学科学生命世界教学挂图","对开,29 幅","国产",59004,"套",1,55.68,55.68,null,1.6,{"v":34.8,"d":"34.80"},{"v":34.8,"d":"34.80"}]
[112,"小学科学物质世界教学挂图","对开,22 幅","国产",59005,"套",1,42.24,42.24,null,1.6,{"v":26.4,"d":"26.40"},{"v":26.4,"d":"26.40"}]
[113,"小学科学地球与宇宙教学挂图","对开,28 幅","国产",59006,"套",1,53.76,53.76,null,1.6,{"v":33.6,"d":"33.60"},{"v":33.6,"d":"33.60"}]
[114,"科学史挂图","对开,24 幅","国产",59007,"套",1,61.44,61.44,null,1.6,{"v":38.4,"d":"38.40"},{"v":38.4,"d":"38.40"}]
[115,"植物分类图谱","大 16 开书","国产",59008,"本",1,{"v":28.8,"d":"28.80"},{"v":28.8,"d":"28.80"},null,1.6,{"v":18,"d":"18.00"},{"v":18,"d":"18.00"}]
[116,"动物分类图谱","大 16 开书","国产",59009,"本",1,{"v":28.8,"d":"28.80"},{"v":28.8,"d":"28.80"},null,1.6,{"v":18,"d":"18.00"},{"v":18,"d":"18.00"}]
[117,"小学科学生命世界教学投影片","170×240mm,60 片","国产",59101,"套",1,{"v":230.4,"d":"230.40"},{"v":230.4,"d":"230.40"},null,1.6,{"v":144,"d":"144.00"},{"v":144,"d":"144.00"}]
[118,"小学科学物质世界教学投影片","170×240mm,60 片","国产",59102,"套",1,{"v":230.4,"d":"230.40"},{"v":230.4,"d":"230.40"},null,1.6,{"v":144,"d":"144.00"},{"v":144,"d":"144.00"}]
[119,"小学科学地球与宇宙教学投影片","170×240mm,60 片","国产",59103,"套",1,{"v":230.4,"d":"230.40"},{"v":230.4,"d":"230.40"},null,1.6,{"v":144,"d":"144.00"},{"v":144,"d":"144.00"}]
[]
["A","设备材料小计",{"$nulls":6},{"v":53188.61000000003,"d":"53,188.61"},{"$nulls":3},{"v":32801.664000000004,"d":"32,801.66"}]
["B","项目施工、系统集成、售后服务费",{"$nulls":6},{"v":5319,"d":"5,319.00"}]
["C","税费",{"$nulls":6},{"v":2034,"d":"2,034.00"}]
["D","项目合计",{"$nulls":6},{"v":60541.61000000003,"d":"60,541.61"}]
[]
[]
[{"$nulls":8},{"v":27739.946000000025,"d":"27,739.95"}]
[{"$nulls":8},{"v":0.4581963710578561,"d":"45.82%"}]
[]
[null,"以下是设计 计算用，不列入对外的设备清单。"]
[]
[1,"土建配套","地面埋线、上面盖U型槽","定制",null,"项",1,{"v":2500,"d":"2,500.00"},{"v":2500,"d":"2,500.00"},null,1.3,{"v":1620,"d":"1,620.00"},{"v":1620,"d":"1,620.00"}]

{"sheet":"图书器材","index":2,"n_rows":31,"n_cols":17,"rows_kept":31,"hidden":true,"merged":[[0,0,0,8],[1,1,1,6],[1,11,1,12],[1,14,1,15],[14,1,14,7],[15,1,15,7],[16,1,16,7],[17,1,17,7]],"flags":["formulas_cached_only"]}
["科学器材达标室 详细清单"]
[{"$nulls":8},"人民币（元）",null,null,"广州威惠教学设备有限公司詹欣抄13826165848",null,null,"汕头市东珠科技有限公司张先生13829666510"]
["序号","设备名称","产品参数与规格","品牌","型号","单位","数量","单价","金额",null,"比值","成本","成本金额"]
[null,"一、设备部分"]
[1,"教师计算机","Intel G3250 CPU(双核双线程 主频≥3.2GHz 3M缓存) /4G DDRIII 内存 /硬盘：500G，SATA接口，7200rpm  /19\"宽屏液晶显示器 /DVD光驱 /防水抗菌键盘、USB光电鼠标 /集成声卡、显卡、网卡 /三年有限保修及上门   /集成网络同传及还原功能\n配套电脑桌长90×宽60×高75厘米，木质；浅木纹色；电脑椅子；电源排插各1。","ACER","Veriton D430-3113","套",1,{"v":4267,"d":"4,267.00"},{"v":4267,"d":"4,267.00"},null,1.475,{"v":2893,"d":"2,893.00"},{"v":2893,"d":"2,893.00"},"此报价无南京远志软件",2830,2830]
[2,"六层双面书架","900*450*2000H 冷扎钢板、立柱 1.5mm，层板 1.0mm，侧板0.8mm 喷塑",null,null,"个",12,{"v":1184,"d":"1,184.00"},{"v":14208,"d":"14,208.00"},null,1.6,{"v":740,"d":"740.00"},{"v":8880,"d":"8,880.00"},null,{"v":1200,"d":"1,200.00"},14400]
[3,"条形码扫描器","1、扫描速率：≥100 线/秒 国际先进水平\n2、扫描模式：CCD 扫描模式\n3、 其它特性：接口：RS232、键盘，解码芯片",null,null,"支",1,{"v":464,"d":"464.00"},{"v":464,"d":"464.00"},null,1.6,{"v":290,"d":"290.00"},{"v":290,"d":"290.00"},null,{"v":300,"d":"300.00"},300]
[4,"借阅台","1600*600*760 材质：采用三聚氰胺板外帖防火板，其截面 用 PVC 封边，粘力强，密封性好，外形美观，经久耐用。",null,null,"张",2,{"v":1376,"d":"1,376.00"},{"v":2752,"d":"2,752.00"},null,1.6,{"v":860,"d":"860.00"},{"v":1720,"d":"1,720.00"},null,{"v":600,"d":"600.00"},1200]
[5,"教师椅","实木：采用实木，材质细腻，线条均匀。油漆：采用环保油 漆，经过 12 道油漆工序处理，台面光亮平整，油漆无颗粒气泡、渣点，颜色均匀。",null,null,"张",4,{"v":104,"d":"104.00"},{"v":416,"d":"416.00"},null,1.6,{"v":65,"d":"65.00"},{"v":260,"d":"260.00"},null,{"v":250,"d":"250.00"},1000]
[6,"报刊架","常规 冷扎钢板喷塑",null,null,"个",6,{"v":176,"d":"176.00"},{"v":1056,"d":"1,056.00"},null,1.6,{"v":110,"d":"110.00"},{"v":660,"d":"660.00"},null,{"v":200,"d":"200.00"},1200]
[7,"书刊架","900*400*2000H 冷扎钢板喷塑",null,null,"个",4,{"v":1200,"d":"1,200.00"},{"v":4800,"d":"4,800.00"},null,1.6,{"v":750,"d":"750.00"},{"v":3000,"d":"3,000.00"},null,{"v":900,"d":"900.00"},3600]
[8,"阅览台","1800*900*760Hmm 台面采用 25mm 单贴三聚氰胺，外贴防火 板，台脚使用 16mm 三聚氰胺板",null,null,"张",24,{"v":1760,"d":"1,760.00"},{"v":42240,"d":"42,240.00"},null,1.6,{"v":1100,"d":"1,100.00"},{"v":26400,"d":"26,400.00"},null,{"v":900,"d":"900.00"},21600]
[9,"阅览凳","实木：采用实木，材质细腻，线条均匀。油漆：采用环保油 漆，经过 12 道油漆工序处理，台面光亮平整，油漆无颗粒气泡、渣点，颜色均匀。",null,null,"张",150,{"v":104,"d":"104.00"},{"v":15600,"d":"15,600.00"},null,1.6,{"v":65,"d":"65.00"},{"v":9750,"d":"9,750.00"},null,{"v":150,"d":"150.00"},22500,"1800*350*400按每位算"]
[]
["A","设备材料小计",{"$nulls":6},{"v":85803,"d":"85,803.00"},{"$nulls":3},{"v":53853,"d":"53,853.00"},null,null,{"v":68630,"d":"68,630.00"}]
["B","项目施工、系统集成、售后服务费",{"$nulls":6},{"v":8580,"d":"8,580.00"}]
["C","税费",{"$nulls":6},{"v":3282,"d":"3,282.00"}]
["D","项目合计",{"$nulls":6},{"v":97665,"d":"97,665.00"}]
[]
[]
[{"$nulls":8},{"v":43812,"d":"43,812.00"}]
[{"$nulls":8},{"v":0.44859468591614193,"d":"44.86%"}]
[]
[null,"以下是设计 计算用，不列入对外的设备清单。"]
[]
[1,"土建配套","地面埋线、上面盖U型槽","定制",null,"项",1,{"v":2500,"d":"2,500.00"},{"v":2500,"d":"2,500.00"},null,1.3,{"v":1620,"d":"1,620.00"},{"v":1620,"d":"1,620.00"}]
[]
[]
[]
[]
[9,"办公电脑","Intel G3250 CPU(双核双线程 主频≥3.2GHz 3M缓存) /4G DDRIII 内存 /硬盘：500G，SATA接口，7200rpm  /19\"宽屏液晶显示器 /DVD光驱 /防水抗菌键盘、USB光电鼠标 /集成声卡、显卡、网卡 /三年有限保修及上门   /集成网络同传及还原功能\n配套电脑桌长90×宽60×高75厘米，木质；浅木纹色；电脑椅子；电源排插各1。","ACER","Veriton D430-3113","套",8,{"v":3865,"d":"3,865.00"},{"v":30920,"d":"30,920.00"},null,1.475,{"v":2620,"d":"2,620.00"},{"v":20960,"d":"20,960.00"},"此报价无南京远志软件"]

{"sheet":"美术器材","index":3,"n_rows":46,"n_cols":15,"rows_kept":46,"hidden":true,"merged":[[0,0,0,8],[1,1,1,6],[1,11,1,12],[1,13,1,14],[13,13,15,13],[34,1,34,7],[35,1,35,7],[36,1,36,7],[37,1,37,7]],"flags":["formulas_cached_only"]}
["美术器材达标室 详细清单"]
[{"$nulls":8},"人民币（元）",null,null,"广州威惠教学设备有限公司詹欣抄13826165848",null,"汕头市东珠科技有限公司张先生13829666510"]
["序号","设备名称","产品参数与规格","品牌","目录编号","单位","数量","单价","金额",null,"比值","成本","成本金额"]
["一、","小学美术室"]
[1,"书写板","4000*1200mm",null,null,"块",1,{"v":1424,"d":"1,424.00"},{"v":1424,"d":"1,424.00"},null,1.6,890,{"v":890,"d":"890.00"},{"v":600,"d":"600.00"},600]
[2,"演示讲台","尺寸 1200*700*850mm 结构：台面：采用 25mm 贴面三聚氰胺板,经久耐用， 造型美观。桌身：采用 16mm 双贴面三聚氰胺板，其截面 PVC 封边带利用机 械高温热熔胶封边，粘力强，密封性好，外形美观，经久耐用。结构：演 示台一体化，整体造型豪华大方、美观实用。VCD 等多媒体设备位置。脚垫 采用特模具 ABS 注塑脚垫，高度可调，可有效防止桌身受潮，延长设备的 使用寿命。",null,null,"张",1,{"v":1312,"d":"1,312.00"},{"v":1312,"d":"1,312.00"},null,1.6,820,{"v":820,"d":"820.00"},{"v":1000,"d":"1,000.00"},1000]
[3,"教师椅","实木：采用实木，材质细腻，线条均匀。油漆：采用环保油漆，经过 12 道 油漆工序处理，台面光亮平整，油漆无颗粒、气泡、渣点，颜色均匀。",null,null,"张",1,{"v":104,"d":"104.00"},{"v":104,"d":"104.00"},null,1.6,65,{"v":65,"d":"65.00"},{"v":300,"d":"300.00"},300]
[4,"学生凳","300*450 凳面：采用 ABS 注塑一次成型， 凳身：PVC 包钢立管壁厚 3mm 上 圆管直径最小 7cm，高强度尼龙螺纹升降器，升降范围 450*550mm 凳脚： 四脚塑质，防滑设计，一次成型。",null,null,"张",42,{"v":60.8,"d":"60.80"},{"v":2553.6,"d":"2,553.60"},null,1.6,38,{"v":1596,"d":"1,596.00"},{"v":50,"d":"50.00"},2100]
[5,"画板","2# 图板，规格 600mm×450mm，板面采用优质合板，木条框架，四周包边",null,null,"张",42,{"v":36.8,"d":"36.80"},{"v":1545.6,"d":"1,545.60"},null,1.6,23,{"v":966,"d":"966.00"},{"v":35,"d":"35.00"},1470]
[6,"画架","1、梯形画架；2、材质：松木，防蛀、防裂，表面平滑、无毛刺；3、丁字 活动脚；4、外形尺寸不小于厚 25mm×宽 580mm×高 1550mm",null,null,"张",42,{"v":168,"d":"168.00"},{"v":7056,"d":"7,056.00"},null,1.6,105,{"v":4410,"d":"4,410.00"},{"v":110,"d":"110.00"},4620]
[7,"静物台","采用 16/25mm 厚双贴面三聚氰胺板制作，所有板材外露端面采用高质量 PVC 封边条，利用机械封边机配以热溶胶高温封边，高密封性不吸水、不膨胀外型美观、经久耐用。脚垫：采用特制模具 ABS 注塑脚垫，高度可调，可 有效防止台身受潮，延长设备 的使用寿命。",null,null,"张",2,{"v":264,"d":"264.00"},{"v":528,"d":"528.00"},null,1.6,165,{"v":330,"d":"330.00"},{"v":100,"d":"100.00"},200]
[8,"静物灯","光线和亮度可调",null,null,"套",2,{"v":360,"d":"360.00"},{"v":720,"d":"720.00"},null,1.6,225,{"v":450,"d":"450.00"},{"v":160,"d":"160.00"},320]
[9,"美术教具柜","尺寸 900*350*600H 柜身：装板采用 16/25mm 厚双贴面三聚氰胺板制作，所 有板材外露端面采用高质量 PVC 封边条，利用机械封边机配以热溶胶高温 封边，高密封性不吸水、不膨胀，外型美观、经久耐用。脚垫：采用特制 模具 ABS 注塑脚垫，高度可调，可有效防止台身受潮，延长设备 的使用寿 命",null,null,"张",2,{"v":656,"d":"656.00"},{"v":1312,"d":"1,312.00"},null,1.6,410,{"v":820,"d":"820.00"},{"v":560,"d":"560.00"},1120]
[10,"水槽","不锈钢水槽",null,null,"套",1,{"v":1760,"d":"1,760.00"},{"v":1760,"d":"1,760.00"},null,1.6,1100,{"v":1100,"d":"1,100.00"},{"v":2200,"d":"2,200.00"},2200]
[11,"水嘴","不锈钢水嘴",null,null,"套",1,{"v":320,"d":"320.00"},{"v":320,"d":"320.00"},null,1.6,200,{"v":200,"d":"200.00"},null,0]
[12,"给排水系统","供水管、排水管、连接器、五金配件等",null,null,"套",1,{"v":480,"d":"480.00"},{"v":480,"d":"480.00"},null,1.6,300,{"v":300,"d":"300.00"},null,0]
["二","小学美术准备室",{"$nulls":5},{"v":0,"d":"0.00"},{"v":0,"d":"0.00"},{"$nulls":3},{"v":0,"d":"0.00"},null,0]
[1,"器材柜","尺寸 1000*400*2000H 柜身：装板采用16/25mm 厚双贴面三聚氰胺板制作，所有板材外露端面采用高质量 PVC 封边条，利用机械封边机配以热 溶胶高温封边，高密封性不吸水、不膨胀，外型美观、经久耐用。结构柜正面为曲线结构，外形美观、经久耐用；柜子上部为双开内嵌式玻璃 门，内部分三层，下部为双开木门.抽屉下方加固，层板装有加固条。脚垫：采用特制模具 ABS 注塑脚垫，高度可调，可有效防止台身受潮，延长设备的使用寿命。",null,null,"个",2,{"v":1328,"d":"1,328.00"},{"v":2656,"d":"2,656.00"},null,1.6,830,{"v":1660,"d":"1,660.00"},{"v":980,"d":"980.00"},1960]
[2,"写生教具 2","几何形体 15 件",null,null,"套",1,{"v":240,"d":"240.00"},{"v":240,"d":"240.00"},null,1.6,150,{"v":150,"d":"150.00"},{"v":240,"d":"240.00"},240]
[3,"写生教具 3","陶器、蜡果等 37 件",null,null,"套",1,{"v":320,"d":"320.00"},{"v":320,"d":"320.00"},null,1.6,200,{"v":200,"d":"200.00"},{"v":120,"d":"120.00"},120]
[4,"写生教具","5 类 17 件",null,null,"套",1,{"v":560,"d":"560.00"},{"v":560,"d":"560.00"},null,1.6,350,{"v":350,"d":"350.00"},{"v":290,"d":"290.00"},290]
[5,"美术课教学材料","5 类 12 件",null,null,"套",2,{"v":100.8,"d":"100.80"},{"v":201.6,"d":"201.60"},null,1.6,63,{"v":126,"d":"126.00"},{"v":78,"d":"78.00"},156]
[6,"有机直尺","480MM",null,null,"支",2,{"v":9.6,"d":"9.60"},{"v":19.2,"d":"19.20"},null,1.6,6,{"v":12,"d":"12.00"},{"v":12,"d":"12.00"},24]
[7,"有机直尺","1000MM",null,null,"支",1,{"v":24,"d":"24.00"},{"v":24,"d":"24.00"},null,1.6,15,{"v":15,"d":"15.00"},{"v":24,"d":"24.00"},24]
[8,"版画工具","6 类 13 件",null,null,"套",1,{"v":48,"d":"48.00"},{"v":48,"d":"48.00"},null,1.6,30,{"v":30,"d":"30.00"},{"v":30,"d":"30.00"},30]
[9,"绘画工具","笔,调色盘等 7 类 17 件",null,null,"套",1,{"v":96,"d":"96.00"},{"v":96,"d":"96.00"},null,1.6,60,{"v":60,"d":"60.00"},{"v":55,"d":"55.00"},55]
[10,"写生画板 3#","45*32cm",null,null,"块",1,{"v":16,"d":"16.00"},{"v":16,"d":"16.00"},null,1.6,10,{"v":10,"d":"10.00"},{"v":15,"d":"15.00"},15]
[11,"美术教学用具箱","16 类 329 件",null,null,"套",1,{"v":600,"d":"600.00"},{"v":600,"d":"600.00"},null,1.6,375,{"v":375,"d":"375.00"},{"v":550,"d":"550.00"},550]
[12,"大圆规","木质",null,null,"支",2,{"v":7.2,"d":"7.20"},{"v":14.4,"d":"14.40"},null,1.6,4.5,{"v":9,"d":"9.00"},{"v":6,"d":"6.00"},12]
[13,"大三角板","250mm",null,null,"付",2,{"v":19.2,"d":"19.20"},{"v":38.4,"d":"38.40"},null,1.6,12,{"v":24,"d":"24.00"},{"v":13,"d":"13.00"},26]
[14,"美术课配套材料","根据教材规定所需的材料配备",null,null,"套",2,{"v":360,"d":"360.00"},{"v":720,"d":"720.00"},null,1.6,225,{"v":450,"d":"450.00"},{"v":52,"d":"52.00"},104]
[16,"泥工工具","刻刀等",null,null,"套",2,{"v":28.8,"d":"28.80"},{"v":57.6,"d":"57.60"},null,1.6,18,{"v":36,"d":"36.00"},{"v":25,"d":"25.00"},50]
[17,"制作工具","纸工、木工、金工工具等",null,null,"套",2,{"v":360,"d":"360.00"},{"v":720,"d":"720.00"},null,1.6,225,{"v":450,"d":"450.00"},{"v":160,"d":"160.00"},320]
[]
["A","设备材料小计",{"$nulls":6},{"v":25446.4,"d":"25,446.40"},{"$nulls":3},{"v":15904,"d":"15,904.00"},null,17906]
["B","项目施工、系统集成、售后服务费",{"$nulls":6},{"v":2545,"d":"2,545.00"}]
["C","税费",{"$nulls":6},{"v":973,"d":"973.00"}]
["D","项目合计",{"$nulls":6},{"v":28964.4,"d":"28,964.40"}]
[]
[]
[{"$nulls":8},{"v":13060.400000000001,"d":"13,060.40"}]
[{"$nulls":8},{"v":0.45091215423071085,"d":"45.09%"}]
[]
[null,"以下是设计 计算用，不列入对外的设备清单。"]
[]
[1,"土建配套","地面埋线、上面盖U型槽","定制",null,"项",1,{"v":2500,"d":"2,500.00"},{"v":2500,"d":"2,500.00"},null,1.3,{"v":1620,"d":"1,620.00"},{"v":1620,"d":"1,620.00"}]

{"sheet":"体育器材","index":4,"n_rows":53,"n_cols":15,"rows_kept":53,"hidden":true,"merged":[[0,0,0,8],[1,1,1,6],[1,11,1,12],[1,13,1,14],[41,1,41,7],[42,1,42,7],[43,1,43,7],[44,1,44,7]],"flags":["formulas_cached_only"]}
["体育器材达标室 详细清单"]
[{"$nulls":8},"人民币（元）",null,null,"广州威惠教学设备有限公司詹欣抄13826165848",null,"汕头市东珠科技有限公司张先生13829666510"]
["序号","设备名称","产品参数与规格","品牌","目录编号","单位","数量","单价","金额",null,"比值","成本","成本金额"]
[1,"接力棒","1、300mm×30mm，中小学体育教学用；\n2、接力棒为光滑的实木材料，两端堵口与棒身一体连接，长度为 28-30厘米，周长为 12-13 厘米，重量适当，接力棒涂有红白两色，以便在 比赛中明显可见。",null,null,"支",10,{"v":6.4,"d":"6.40"},{"v":64,"d":"64.00"},null,1.6,{"v":4,"d":"4.00"},{"v":40,"d":"40.00"},{"v":3.5,"d":"3.50"},35]
[2,"小栏架","1、钢木，升降，折叠式；\n2、栏架由金属材料或其它强度可靠、经久耐用的材质制成；\n3、表面做防锈处理，保护层无脱落、裂纹及起皱等缺陷，边、棱、角 等部位无毛刺及不安全因素； 4、栏板用优质木料制成，成型规整，薄厚均匀，表面喷漆美观大方， 无结疤、翘曲等缺陷。\n5、产品应符合 GB/T 19851—2005 有关规定。",null,null,"付",6,{"v":128,"d":"128.00"},{"v":768,"d":"768.00"},null,1.6,{"v":80,"d":"80.00"},{"v":480,"d":"480.00"},{"v":130,"d":"130.00"},780]
[3,"发令枪","1、弹种定装式发令弹，容弹量 2 发；\n2、发射方式：单发；\n3、总质量：260 克；\n4、声响：膛口水平面正前方 100 处，声强值不小于 60 分贝；\n5、烟雾：在规定背景下，膛正前方 150 米清晰可见；\n6、配弹一盒/枪。\n7、产品应符合 GB/T 19851—2005 有关规定。",null,null,"支",2,{"v":288,"d":"288.00"},{"v":576,"d":"576.00"},null,1.6,{"v":180,"d":"180.00"},{"v":360,"d":"360.00"},{"v":160,"d":"160.00"},320]
[4,"标志杆","铝合金制作，高 2m，红白相间，带铁制插头。 产品应符合 GB/T 19851—2005 有关规定。",null,null,"根",8,{"v":83.2,"d":"83.20"},{"v":665.6,"d":"665.60"},null,1.6,{"v":52,"d":"52.00"},{"v":416,"d":"416.00"},{"v":35,"d":"35.00"},280]
[5,"秒表","1、机械或电子秒表，供体育教学及比赛训练用；\n2、8 道以上，精度 1/100 秒；\n3、防水防震；\n4、三排数码显示，具有分散、重叠和累计时间显示功能；\n5、具有记忆、存储、重现功能，能存储 8 种以上信息（8 人以上的成绩）；\n6、产品应符合 GB/T 19851—2005 有关规定。",null,null,"块",2,{"v":100.8,"d":"100.80"},{"v":201.6,"d":"201.60"},null,1.6,{"v":63,"d":"63.00"},{"v":126,"d":"126.00"},{"v":115,"d":"115.00"},230]
[6,"跳高架","1、立柱高度：1600~2000mm；\n2、高度刻度：500~1800mm；\n3、横杆托长：60±5mm，宽：40±5mm；\n4、跳高架高度应超过横杆实际提升高度 100mm；\n5、跳高架立柱应垂直地面，垂直公差不大于 1/800，其高度刻度应精 确、清晰；两立柱高度刻度应对称。横杆应采用不宜折断的适宜材料 制成，不得采用金属材料，除两端外，横杆截面应显圆型，横杆颜色 应醒目，表面不得有毛刺；\n6、立柱应承受 100N 水平力而保持稳定，不得出现倾翻现象；\n7、立柱外观质量：表面光滑平整，色泽均匀，无起皮脱落、漏涂、裂 痕及明显流痕，花斑、起泡凹凸等缺陷；\n8、各项技术指标符合 GB/T 19851.17《中小学体育器材场地 第 16 部 分：跳高架》标准规定要求。",null,null,"付",1,{"v":179.2,"d":"179.20"},{"v":179.2,"d":"179.20"},null,1.6,{"v":112,"d":"112.00"},{"v":112,"d":"112.00"},{"v":210,"d":"210.00"},210]
[7,"跳高横杆","1、横杆长度：3000~4000mm，横杆直径：25~30mm，质量≤2000g 竹竿。\n2、产品应符合 GB/T 19851—2005 有关规定。",null,null,"根",2,{"v":288,"d":"288.00"},{"v":576,"d":"576.00"},null,1.6,{"v":180,"d":"180.00"},{"v":360,"d":"360.00"},{"v":90,"d":"90.00"},180]
[8,"山羊","1、升降调节式；\n2、山羊全高为 680mm 至 1080mm 范围内可调；\n3、山羊头长 420mm 至 460mm；山羊头宽 280mm ；山羊头高 180mm 至 220mm。\n4、立轴升降间距 50mm；\n5、山羊腿外径不小于 30mm，壁厚不小于 3mm；\n6、山羊底脚为铸铁，羊脚底椭圆面长径不小于 60mm，椭圆面短颈不小于 50mm；\n7、底托、箍与腿连接牢固，内、外管配合严密，升降灵活，组装后落地平稳，焊接平整，无脱焊和塌焊现象，金属件表面均作防锈和装饰处理； \n8、安全性能应符合 GB17498 标准要求；\n9、山羊头面采用优质人造革，夹层采用海绵，以优质木板等材料粘合而成，人造革面应色泽一致，不允许有伤残，缝线应不漏针、跳线。涂漆部位色泽均匀一致，无气泡、无流挂。若有电镀工艺，电镀层耐蚀级别应不低于 5 级；\n10、山羊身必须平整，软硬适宜，手感舒适；\n11、符合 GB/T 19851.2—2005 的要求。",null,null,"台",1,{"v":352,"d":"352.00"},{"v":352,"d":"352.00"},null,1.6,{"v":220,"d":"220.00"},{"v":220,"d":"220.00"},{"v":350,"d":"350.00"},350]
[9,"跳箱","1、跳箱分为五级，总高≥800mm；\n2、用 25mm 厚水曲柳或红松木制成，之间拼装应采用燕尾槽，木柱出 头高 40～50 mm，表面涂有起保护和装饰用的漆层； 3、跳箱盖必须平整，软硬适宜，手感舒适，用重体海绵做成弧形，表 面用优质人造革包制，泡钉封口，级间用内撑木插联组合。各层结合 应平直、稳定牢固，接地面应平稳。应采用黄色、红色、绿色或蓝色， 并注意器材颜色协调；\n4、金属件表面均作防锈和装饰处理；\n5、产品应符合 GB/T 19851—2005 有关规定。",null,null,"付",1,{"v":896,"d":"896.00"},{"v":896,"d":"896.00"},null,1.6,{"v":560,"d":"560.00"},{"v":560,"d":"560.00"},{"v":380,"d":"380.00"},380]
[10,"助跳板","1、助跳板长 800mm，宽 500mm 板条宽 60mm，间距 17mm,板条厚 25mm， 最高点 160mm，最低点 50mm；\n2、助跳板背面加固定横衬，板条长 800mm；\n3、材质：用坚硬而富有弹性的优质木材制成，表面刷透明漆，涂层均 匀，光洁。木材应无裂缝，无疤痕，不变形，并经过脱脂干燥处理， 制作工艺精细，各连接部位牢固可靠，经久耐用；\n4、产品应符合 GB/T 19851—2005 有关规定。",null,null,"块",2,{"v":156.8,"d":"156.80"},{"v":313.6,"d":"313.60"},null,1.6,{"v":98,"d":"98.00"},{"v":196,"d":"196.00"},{"v":130,"d":"130.00"},260]
[11,"小沙包","规格 6*6，重量 150g。",null,null,"只",20,{"v":4,"d":"4.00"},{"v":80,"d":"80.00"},null,1.6,{"v":2.5,"d":"2.50"},{"v":50,"d":"50.00"},{"v":4,"d":"4.00"},80]
[12,"垒球","1、用强度较高的牛皮缝制，手感细腻；\n2、圆周长：195mm+10，重量为 80g+5；\n3、表面清洁，便于用后清洗消毒，清洗晾干后缩水率≤1%,且不起皮， 不裂纹；\n4、产品应符合 GB/T 19851—2005 有关规定。",null,null,"个",20,{"v":8,"d":"8.00"},{"v":160,"d":"160.00"},null,1.6,{"v":5,"d":"5.00"},{"v":100,"d":"100.00"},{"v":4,"d":"4.00"},80]
[13,"实心球","1、重量 2Kg，直径≥180mm，壁厚≥1.5mm；\n2、材质为塑胶（PU），表面手感有弹性，平滑、无毛刺；\n3、色彩鲜艳，符合学生心理特点；\n4、产品应符合 GB/T 19851—2005 有关规定。",null,null,"个",20,{"v":14.4,"d":"14.40"},{"v":288,"d":"288.00"},null,1.6,{"v":9,"d":"9.00"},{"v":180,"d":"180.00"},{"v":14,"d":"14.00"},280]
[14,"投掷靶","符合 JY0001－2003《教学仪器一般质量要求》的有关规定。",null,null,"个",2,{"v":208,"d":"208.00"},{"v":416,"d":"416.00"},null,1.6,{"v":130,"d":"130.00"},{"v":260,"d":"260.00"},{"v":180,"d":"180.00"},360]
[15,"皮尺","布卷尺；长 30m，刻度清晰",null,null,"卷",1,{"v":48,"d":"48.00"},{"v":48,"d":"48.00"},null,1.6,{"v":30,"d":"30.00"},{"v":30,"d":"30.00"},{"v":40,"d":"40.00"},40]
[16,"大体操垫","1、大体操垫规格为 2000×1000×100mm；\n2、内胆材质为聚氨脂塑料发泡材料，为两个整块结构，不允许拼湊； 采用环保材料，压缩强度≥100KPa，吸水率≤6.0%；\n3、垫套材质为 4×4 精细帆布，颜色为军绿色，为防水帆布。可在长 度方向对半折叠，体操垫长度方向两侧设提手把，在垫子四周加装粘扣，便于拼接使用。涤纶线缝合，两面革贴角，棱角加红或白牙子；\n4、跳垫的四角为直角，四周仿皮革包角：表面平整，无皱折，当载荷落至体操垫时，外层不得起皱，里外层不得发生相对位移； \n5、当载荷落至跳垫时，外层不得起皱，里外层不得发生相对位移；\n6、硬度和减震指标应符合 GB8398 标准第 2.4 条的要求。",null,null,"块",6,{"v":224,"d":"224.00"},{"v":1344,"d":"1,344.00"},null,1.6,{"v":140,"d":"140.00"},{"v":840,"d":"840.00"},{"v":270,"d":"270.00"},1620]
[17,"小体操垫","1、小体操垫规格为 1200×600×100mm；\n2、内胆材质为聚氨脂塑料发泡材料，为两个整块结构，不允许拼湊； 采用环保材料，压缩强度≥100KPa，吸水率≤6.0%；\n3、垫套材质为 4×4 精细帆布，颜色为军绿色，为防水帆布，可在长 度方向对半折叠，体操垫长度方向两侧设提手把，在垫子四周加装粘 扣，便于拼接使用。涤纶线缝合，两面革贴角，棱角加红或白牙子； \n4、跳垫的四角为直角，四周仿皮革包角：表面平整，无皱折，当载荷 落至体操垫时，外层不得起皱，里外层不得发生相对位移； \n5、当载荷落至跳垫时，外层不得起皱，里外层不得发生相对位移；\n6、硬度和减震指标应符合 GB8398 标准第 2.4 条的要求；",null,null,"块",10,{"v":88,"d":"88.00"},{"v":880,"d":"880.00"},null,1.6,{"v":55,"d":"55.00"},{"v":550,"d":"550.00"},{"v":110,"d":"110.00"},1100]
[18,"低单杠","1、净高 1000 至 1200mm，使用杠宽≥1200mm，横杠材料为Φ28 的优质\n碳钢管，立管直径≥60×3mm，横杠与两端立柱穿插连接用不锈钢螺丝 固定，带防盗帽，地埋深度≥600mm。表面静电喷塑；\n2、必须符合 GB/T 19851.1—2005 的要求。",null,null,"付",1,{"v":784,"d":"784.00"},{"v":784,"d":"784.00"},null,1.6,{"v":490,"d":"490.00"},{"v":490,"d":"490.00"},{"v":800,"d":"800.00"},800]
[19,"高单杠","1、1500mm 至 2000 mm,使用杠宽为≥1200mm，横杠材料为Φ28 的优质 碳钢管，立管直径≥60×3mm，横杠与两端立柱穿插连接用不锈钢螺丝固定，带防盗帽，地埋深度≥600mm。表面静电喷塑； \n2、必须符合 GB/T 19851.1—2005 的要求。。",null,null,"付",1,{"v":832,"d":"832.00"},{"v":832,"d":"832.00"},null,1.6,{"v":520,"d":"520.00"},{"v":520,"d":"520.00"},{"v":900,"d":"900.00"},900]
[20,"肋木","室外地埋固定式。肋木架器材上相邻的上下横肋间的中心距 250mm，横管为Ф32mm 优质镀锌管制作。立柱采用Ф76mm*3mm 的镀锌管制作。 产品采用直埋式。表面处理：焊接严密牢固、无漏焊、虚焊、包渣、 裂纹等缺陷。除锈和表面处理工艺：表面喷涂全部采用国际上通用低 污染的优质纯聚酯室外粉末喷涂，喷涂前处理采用整体酸洗磷化工艺， 有效地确保粉末涂料的附着力。\n3、产品应符合 GB/T 19851—2005 有关规定。",null,null,"间",1,{"v":1200,"d":"1,200.00"},{"v":1200,"d":"1,200.00"},null,1.6,{"v":750,"d":"750.00"},{"v":750,"d":"750.00"},{"v":1400,"d":"1,400.00"},1400]
[21,"平梯","1、平梯埋入地下后基本尺寸：长×高×宽=3500×2100×600（mm）；\n埋入地下部分长 600mm； \n2、云梯由上部横梯和下部支架组成，主要材料采用Φ60×3、Φ32×2 圆管拼焊而成，焊接部位焊缝均匀，无虚焊；\n3、表面静电喷塑；\n4、必须符合 GB/T 19851.1—2005 的要求。",null,null,"架",1,{"v":2080,"d":"2,080.00"},{"v":2080,"d":"2,080.00"},null,1.6,{"v":1300,"d":"1,300.00"},{"v":1300,"d":"1,300.00"},{"v":1980,"d":"1,980.00"},1980]
[22,"爬竿","1、爬杆采用ф42*3mm 的镀锌管制作；\n2、表面处理：焊接严密牢固、无漏焊、虚焊、包渣、裂纹等缺陷；\n3、爬绳和爬杆上端的连接部分设有防止绳杆断裂的防护装置，爬杆至 其垂直轴线的单向摆动幅度 8°；\n4、必须符合 GB 19272-2003 的规定要求。",null,null,"付",1,{"v":576,"d":"576.00"},{"v":576,"d":"576.00"},null,1.6,{"v":360,"d":"360.00"},{"v":360,"d":"360.00"},{"v":1980,"d":"1,980.00"},1980]
[23,"毽子","606#毽球。",null,null,"只",40,{"v":6.4,"d":"6.40"},{"v":256,"d":"256.00"},null,1.6,{"v":4,"d":"4.00"},{"v":160,"d":"160.00"},{"v":4.7,"d":"4.70"},188]
[24,"短跳绳","1、绳的规格：长度 2600mm~2800mm，直径 6~7mm；\n2、柄的规格：长度 150-170mm，直径 28-33mm（握手柄）；\n3、绳材质为软性橡胶材料制成，无毒、环保；\n4、柄材质为塑料加海绵防滑套；\n5、绳柔软，韧性好；滚动流畅、方便调节绳的长度，有锁紧绳装置；\n6、色彩鲜艳，符合学生心理特点。产品应符合 GB/T 19851.20-2007《跳绳》 有关规定。",null,null,"根",40,{"v":17.6,"d":"17.60"},{"v":704,"d":"704.00"},null,1.6,{"v":11,"d":"11.00"},{"v":440,"d":"440.00"},{"v":8.5,"d":"8.50"},340]
[25,"长跳绳","1、手柄用杂木制成，尺寸为Φ26mm×130mm；\n2、表面光滑，无裂纹，无毛刺，手感舒适且与绳结合牢固；\n3、绳料用涤纶材质制成，绳粗约为Φ7mm，绳长 500cm；\n4、手柄与绳的结合能承受 20kg 的力而不脱落；\n5、手柄与绳连接处灵活转动，无缠绞现象；\n6、产品应符合 GB/T 19851.20-2007《跳绳》有关规定。",null,null,"根",20,{"v":28.8,"d":"28.80"},{"v":576,"d":"576.00"},null,1.6,{"v":18,"d":"18.00"},{"v":360,"d":"360.00"},{"v":32,"d":"32.00"},640]
[26,"小篮球","1、PVC 材质；圆周长 645 mm 至 670 mm；质量 420g 至 480g。\n2、产品应符合 GB/T19851.4-2005《篮球》的优等品有关标准。",null,null,"只",20,{"v":83.2,"d":"83.20"},{"v":1664,"d":"1,664.00"},null,1.6,{"v":52,"d":"52.00"},{"v":1040,"d":"1,040.00"},{"v":52,"d":"52.00"},1040]
[27,"小篮球架","圆管底座移动篮球架。\n1、篮圈距地面 2600mm，主要材料:优质钢材， 主管钢材直径 145 mm，壁厚 3.25mm；\n2、篮板钢化透明玻璃板。尺寸：1200*800*10mm；\n3、移动底座箱体规格：1000*800*360mm（长×宽× 高），移动底座箱里装负重物，以保证在使用时的稳定性。\n4、表面采用防紫外线静电喷塑处理，有效防止自然环境的腐蚀。",null,null,"付",1,{"v":2800,"d":"2,800.00"},{"v":2800,"d":"2,800.00"},null,1.6,{"v":1750,"d":"1,750.00"},{"v":1750,"d":"1,750.00"},{"v":4800,"d":"4,800.00"},4800]
[28,"小足球","1、材质：天然革；\n2、球体充气后圆周长 540～560mm，质量 280g～310g，圆周差≤5mm， 产品应符合 GB/T 22892-2008《足球》的日常活动用足球有关标准；",null,null,"只",20,{"v":84.8,"d":"84.80"},{"v":1696,"d":"1,696.00"},null,1.6,{"v":53,"d":"53.00"},{"v":1060,"d":"1,060.00"},{"v":55,"d":"55.00"},1100]
[29,"小足球门","5 人制足球门：3 米×2 米。管直径 75mm,壁厚 3mm；球门网用耐用材 质编制，网孔不大于 100X100 mm；\n产品应符合 GB/T 19851—2005 有关规定。",null,null,"付",1,{"v":2560,"d":"2,560.00"},{"v":2560,"d":"2,560.00"},null,1.6,{"v":1600,"d":"1,600.00"},{"v":1600,"d":"1,600.00"},{"v":2650,"d":"2,650.00"},2650]
[30,"软式排球","圆周长 565mm 至 575mm；圆周差≤4.0 mm；质量 180g 至 220g；自动恢\n原时间≤30s；气孔大小≤4.0 mm；反弹高度 600 mm；冲击次数 15000。 羊皮或 PU[PU:球壁厚不小于 1.4mm，丁基球胆]。表面无模具缝痕迹， 接缝表面平整，缝线高度不高于球表面，无划手现象；且颜色均匀一 致，无偏色、杂色、或花斑；3、外表面以目测为主，商标、图案、色 泽等字迹清晰、图案端正、色彩鲜艳符合产品的要求，表面无破损、 脱落等现象，在 1m 目测距球表面污渍、颜色无色差。\n产品应符合 GB/T 19851—2005 有关规定。",null,null,"只",20,{"v":51.2,"d":"51.20"},{"v":1024,"d":"1,024.00"},null,1.6,{"v":32,"d":"32.00"},{"v":640,"d":"640.00"},{"v":55,"d":"55.00"},1100]
[31,"排球架","1、排球柱由两立柱、升降起构和锁紧装置组成；\n2、二立柱选用直径 89mm、厚度不小于 8mm 的无缝钢管制作，内置一 对互成 90 度的钭齿轮，配梯形螺纹的螺杆升降机构，使钢管内立柱上 下移动，实现网高度调节范围； \n3、二立柱中，一立柱上置有网钩，另一立柱上置有棘爪紧线锁紧机构， 通过调节手柄调节钢丝绳的松紧，从而实现网的高度要求。 \n4、产品应符合 GB/T 19851—2005 有关规定。",null,null,"付",2,{"v":1760,"d":"1,760.00"},{"v":3520,"d":"3,520.00"},null,1.6,{"v":1100,"d":"1,100.00"},{"v":2200,"d":"2,200.00"},{"v":1400,"d":"1,400.00"},2800]
[32,"乒乓球台","1、室外用；\n2、符合 GB/T19851.7—2005 中对“乒乓球台”的要求；\n3、台面尺寸 2740mm×1525mm；\n4、台板采用 SMC 材料，台面翻边厚度不小于 50mm，台高 680mm；\n5、彩虹腿采用ф60mm 的优质钢管，厚度≥2.5mm，螺栓连接；\n6、台面下加 2 个不小于 1000 mm×1000mm 的田字方框，采用 20 mm× 40mm；\n7、表面采用酸洗磷化处理，静电喷涂；\n8、台脚与端面距离≥150mm，台脚与两侧距离≥100mm，端部和侧面撑 档与地面距离≥250mm； \n9、网架采用不锈钢钢管和不锈钢钢网组成，网架高度 152.5mm；\n10、台面弹性：230 mm～260mm；\n11、球台台面颜色为蓝色，表面无光泽；\n12、台面耐磨性强、防腐、防晒、防雨、防风、阻燃、环保、不易变 形、零收缩、耐老化；\n13、端、边线和中线为白色面标线规格；\n14、所有紧固件均采用镀锌螺拴、螺母，并加防盗帽；所有腿架连接 板等必须采用酸洗、磷化、除油、除锈等处理工艺，然后静电喷塑；\n15、可用于训练和比赛。",null,null,"张",1,{"v":2512,"d":"2,512.00"},{"v":2512,"d":"2,512.00"},null,1.6,{"v":1570,"d":"1,570.00"},{"v":1570,"d":"1,570.00"},{"v":2248,"d":"2,248.00"},2248]
[33,"羽毛球拍","握柄直径不含柄皮厚度。",null,null,"付",20,{"v":67.2,"d":"67.20"},{"v":1344,"d":"1,344.00"},null,1.6,{"v":42,"d":"42.00"},{"v":840,"d":"840.00"},{"v":36,"d":"36.00"},720]
[34,"羽毛球","产品应符合 GB/T 19851—2005 《羽毛球》一等品的有关规定",null,null,"只",20,{"v":4,"d":"4.00"},{"v":80,"d":"80.00"},null,1.6,{"v":2.5,"d":"2.50"},{"v":50,"d":"50.00"},{"v":4,"d":"4.00"},80]
[35,"羽毛球架","1、球柱由两立柱、升降起构和锁紧装置组成；\n2、二立柱选用直径 89mm、厚度不小于 8mm 的无缝钢管制作，内置一 对互成 90 度的钭齿轮，配梯形螺纹的螺杆升降机构，使钢管内立柱上 下移动，实现网高度调节范围； 3、二立柱中，一立柱上置有网钩，另一立柱上置有棘爪紧线锁紧机构， 通过调节手柄调节钢丝绳的松紧，从而实现网的高度要求。产品应符 合 GB/T 19851—2005 有关规定",null,null,"付",1,{"v":600,"d":"600.00"},{"v":600,"d":"600.00"},null,1.6,{"v":375,"d":"375.00"},{"v":375,"d":"375.00"},{"v":550,"d":"550.00"},550]
[36,"录音机","1、台式复读机；\n2、外形尺寸：约 345×132×130mm；\n3、产品重量:约 1.3kg；\n4、功能:USB 播放/复读功能，液晶显示；\n5、保真 240 秒原声复读；\n6、USB 接口(播放 MP3/WMA 音频格式)；\n7、调频/中波二波段收音；\n8、盒式磁带录放机。",null,null,"台",1,{"v":368,"d":"368.00"},{"v":368,"d":"368.00"},null,1.6,{"v":230,"d":"230.00"},{"v":230,"d":"230.00"},{"v":580,"d":"580.00"},580]
[37,"肺活量测试仪","落地式，语音同步提示功能，宽屏液晶显示，自动清零；准确性好， 防补气、防水，可进行三次测试，取其最大值。量程：100—9999 毫升；分度值：1 毫升；误差：±1%；\n产品应符合 GB/T 19851—2005 有 关规定。",null,null,"台",1,{"v":608,"d":"608.00"},{"v":608,"d":"608.00"},null,1.6,{"v":380,"d":"380.00"},{"v":380,"d":"380.00"},{"v":550,"d":"550.00"},550]
[]
["A","设备材料小计",{"$nulls":6},{"v":33592,"d":"33,592.00"},{"$nulls":3},{"v":20995,"d":"20,995.00"},null,{"v":33031,"d":"33,031.00"}]
["B","项目施工、系统集成、售后服务费",{"$nulls":6},{"v":3359,"d":"3,359.00"}]
["C","税费",{"$nulls":6},{"v":1285,"d":"1,285.00"}]
["D","项目合计",{"$nulls":6},{"v":38236,"d":"38,236.00"}]
[]
[]
[{"$nulls":8},{"v":17241,"d":"17,241.00"}]
[{"$nulls":8},{"v":0.4509101370436238,"d":"45.09%"}]
[]
[null,"以下是设计 计算用，不列入对外的设备清单。"]
[]
[1,"土建配套","地面埋线、上面盖U型槽","定制",null,"项",1,{"v":2500,"d":"2,500.00"},{"v":2500,"d":"2,500.00"},null,1.3,{"v":1620,"d":"1,620.00"},{"v":1620,"d":"1,620.00"}]

{"sheet":"音乐器材","index":5,"n_rows":42,"n_cols":15,"rows_kept":42,"hidden":true,"merged":[[0,0,0,8],[1,1,1,6],[1,11,1,12],[1,13,1,14],[30,1,30,7],[31,1,31,7],[32,1,32,7],[33,1,33,7]],"flags":["formulas_cached_only"]}
["音乐器材达标室 详细清单"]
[{"$nulls":8},"人民币（元）",null,null,"广州威惠教学设备有限公司詹欣抄13826165848",null,"汕头市东珠科技有限公司张先生13829666510"]
["序号","设备名称","产品参数与规格","品牌","目录编号","单位","数量","单价","金额",null,"比值","成本","成本金额"]
["一、","小学音乐室"]
[1,"多功能五线谱电 教板","1、开展音乐教学使用，结构牢固，性能稳定，美观大方，不反光。规 格；1800mm×100mm×1000mm； \n2、采用轻触式按键，音量调节和节拍速度为电子调节。\n3、具有 128 种 GM 音色，12 种调式，12 种节奏，节拍速度为 40-208 拍\n/分；\n4、内存有 522 首练习曲、示范曲；18 首中外欣赏名曲，18 分钟的录音。\n5、在有效音域内任意和弦演示；\n6、MIDI 输入、输出，手控音符升降，线路输出，可连接麦克风，3 组 谱表；\n7、音域 G-a2；\n8、双教鞭演示，任意教鞭可录制和弦、乐曲以及节奏等，可反复播放， 随时暂停、保留、声光同步显示功能；\n9、3.5 寸真彩触摸液晶屏操作界面；\n10、支持内置 SD 卡，支持外接 U 盘。支持 mp3,wav,midi 等格式的歌曲 文件、midi 格式节拍等文件；\n11、和弦保持播放功能：教鞭可以点击多个音调后，再一起同时播放多 个音调的和弦发声，最多支持 64 和弦；\n12、教鞭操作录音功能：教鞭操作可以录制成 midi 格式文件存放 U 盘。",null,null,"套",1,{"v":3680,"d":"3,680.00"},{"v":3680,"d":"3,680.00"},null,1.6,{"v":2300,"d":"2,300.00"},{"v":2300,"d":"2,300.00"},{"v":2000,"d":"2,000.00"},2000]
[2,"组合音响","视频：DVD播放、静态照片播放。 音频：光盘CD、USB闪存盘。 收音机：自动数字调谐、预设20个电台。\n支持闹钟、定时关机、VFD显示屏；主屏显示时钟、OSD语言有简体中文、英文；带遥控器。\n声音：2×50W RMS、杜比数字声音系统。 扬声器：双路主音箱，4英寸低音扬声器、低音反射扬声器系统、可拆卸网罩、压电式高音扬声器；\n机身尺寸：248×110×307mm； 主音箱尺寸：170×270×220mm","飞利浦(停产)","MCD712","套",1,{"v":0,"d":"0.00"},{"v":0,"d":"0.00"},null,1.6,{"v":0,"d":"0.00"},{"v":0,"d":"0.00"},{"v":2100,"d":"2,100.00"},2100]
[2,"组合音响","专业功放、音箱、有线麦克风、无线麦麦克风、DVD\n数字功放：\n1、信号输入端：话筒2路，线路1路。\n2、信号输出端：线路信号1组，录音电平1组。\n3、高低音调节。\n4、采用开关电源，具有较宽的电源电压（160伏-260伏）。\n5、具有自我检测及保护功能，有较高的可靠性。\n6、带有可调混响效果器。\n7、立体声输出功率：2*100W/8Ω   2*150W/4Ω\n8、频率响应：     20Hz~20KHz   ±0.8db\n9、输入阻抗：     话筒2KΩ   线路25KΩ.\n10、分离度：      ＞60db\n11、谐波失真THD：＜0.06%  60Hz-7KHz\n12、信噪比：      ＞85dB\n音箱1对：\n1、三分频三单元：10寸低音一只，3寸中高音一只，三寸超高音一只\n2、带有过功率保护电路及指示灯。\n3、承受功率   150W（RMS）。\n4、阻抗       8Ω\n5、灵敏度     ＞=94db\n6、频率响应   40Hz~20KHz    ±5db\n7、失真度      ＜4%    ＠80Hz-8KHz\n8、外形尺寸     约515x295x325\n9、带有吊挂装置\n","威惠","WH6150+k10","套",1,{"v":4000,"d":"4,000.00"},{"v":4000,"d":"4,000.00"},null,1.6,{"v":2500,"d":"2,500.00"},{"v":2500,"d":"2,500.00"}]
[3,"节拍器","金属机芯，传统示拍模式 40－208 拍/分，速度误差≤1%。",null,null,"套",1,{"v":179.2,"d":"179.20"},{"v":179.2,"d":"179.20"},null,1.6,112,{"v":112,"d":"112.00"},{"v":150,"d":"150.00"},150]
[4,"音乐教学挂图","小学配套教学挂图",null,null,"套",1,{"v":131.2,"d":"131.20"},{"v":131.2,"d":"131.20"},null,1.6,82,{"v":82,"d":"82.00"},{"v":85,"d":"85.00"},85]
[5,"全国学生音乐欣 赏曲库","《全国学生音乐欣赏曲库》（上下集）",null,null,"套",1,{"v":504,"d":"504.00"},{"v":504,"d":"504.00"},null,1.6,315,{"v":315,"d":"315.00"},{"v":83,"d":"83.00"},83]
[6,"音叉","音频 440 赫兹",null,null,"个",1,{"v":28.8,"d":"28.80"},{"v":28.8,"d":"28.80"},null,1.6,18,{"v":18,"d":"18.00"},{"v":40,"d":"40.00"},40]
[7,"多用划线规","材质：塑料.多用. 可画五线,四字格,圆. 能在黑板上划四线格、五线 格、小方格、田字格、画圆、几何图形",null,null,"个",1,{"v":24,"d":"24.00"},{"v":24,"d":"24.00"},null,1.6,15,{"v":15,"d":"15.00"},{"v":24,"d":"24.00"},24]
[8,"响板","木制，舞板。4 片/付",null,null,"副",5,{"v":9.6,"d":"9.60"},{"v":48,"d":"48.00"},null,1.6,6,{"v":30,"d":"30.00"},{"v":7,"d":"7.00"},35]
[9,"木鱼","七音一组",null,null,"套",2,{"v":83.2,"d":"83.20"},{"v":166.4,"d":"166.40"},null,1.6,52,{"v":104,"d":"104.00"},{"v":60,"d":"60.00"},120]
[10,"木鱼","四音一组",null,null,"套",2,{"v":40,"d":"40.00"},{"v":80,"d":"80.00"},null,1.6,25,{"v":50,"d":"50.00"},{"v":45,"d":"45.00"},90]
[11,"碰钟","大号钟形，铜制品，2 只 1 副，单只钟口直径不小于 45MM，单只重 65N 5g",null,null,"副",2,{"v":16,"d":"16.00"},{"v":32,"d":"32.00"},null,1.6,10,{"v":20,"d":"20.00"},{"v":15,"d":"15.00"},30]
[12,"双响筒","竹制品，长度 200MM，直径 40MM",null,null,"副",2,{"v":9.6,"d":"9.60"},{"v":19.2,"d":"19.20"},null,1.6,6,{"v":12,"d":"12.00"},{"v":8,"d":"8.00"},16]
[13,"串铃","大号",null,null,"副",2,{"v":8,"d":"8.00"},{"v":16,"d":"16.00"},null,1.6,5,{"v":10,"d":"10.00"},{"v":5,"d":"5.00"},10]
[14,"三角铁","不锈钢制",null,null,"副",2,{"v":16,"d":"16.00"},{"v":32,"d":"32.00"},null,1.6,10,{"v":20,"d":"20.00"},{"v":20,"d":"20.00"},40]
[15,"沙锤","木制品",null,null,"副",2,{"v":16,"d":"16.00"},{"v":32,"d":"32.00"},null,1.6,10,{"v":20,"d":"20.00"},{"v":20,"d":"20.00"},40]
[16,"小锣","￠215MM",null,null,"个",2,{"v":139.2,"d":"139.20"},{"v":278.4,"d":"278.40"},null,1.6,87,{"v":174,"d":"174.00"},{"v":120,"d":"120.00"},240]
[17,"大锣","￠290MM",null,null,"个",1,{"v":264,"d":"264.00"},{"v":264,"d":"264.00"},null,1.6,165,{"v":165,"d":"165.00"},{"v":230,"d":"230.00"},230]
[18,"小堂鼓","8 寸",null,null,"个",2,{"v":107.2,"d":"107.20"},{"v":214.4,"d":"214.40"},null,1.6,67,{"v":134,"d":"134.00"},{"v":92,"d":"92.00"},184]
[19,"小钹","￠145MM",null,null,"副",2,{"v":156.8,"d":"156.80"},{"v":313.6,"d":"313.60"},null,1.6,98,{"v":196,"d":"196.00"},{"v":110,"d":"110.00"},220]
[20,"铝板琴","低音、中音、高音",null,null,"套",2,{"v":696,"d":"696.00"},{"v":1392,"d":"1,392.00"},null,1.6,435,{"v":870,"d":"870.00"},{"v":180,"d":"180.00"},360]
[21,"小木琴","低音、中音、高音",null,null,"套",2,{"v":360,"d":"360.00"},{"v":720,"d":"720.00"},null,1.6,225,{"v":450,"d":"450.00"},{"v":280,"d":"280.00"},560]
[22,"口风琴","37 键口风琴 配手提包 送教材",null,null,"台",2,{"v":144,"d":"144.00"},{"v":288,"d":"288.00"},null,1.6,90,{"v":180,"d":"180.00"},{"v":130,"d":"130.00"},260]
[21,"数码钢琴","白色主机+木架+三踏+琴凳； 88键渐层式锤感标准键盘（达到真实原生钢琴效果）；最大复音数128；14种高品质音色；4种混响类型；制音回响、双音色、分割音色、双人演奏等功能；10种钢琴家风格；10种节奏；两轨录音。动态立体声采样（钢琴音色采样来自雅马哈CF3s音乐会三角钢琴采样）；琴尺寸：长1326×宽295×高163mm","雅马哈","P-105","台",1,{"v":5360,"d":"5,360.00"},{"v":5360,"d":"5,360.00"},null,1.6,3350,{"v":3350,"d":"3,350.00"},{"v":5200,"d":"5,200.00"},5200]
[22,"器材柜","尺寸 1000*400*2000H 柜身：装板采用 16/25mm 厚双贴面三聚氰胺板制 作，所有板材外露端面采用高质量 PVC 封边条，利用机械封边机配以热 溶胶高温封边，高密封性不吸水、不膨胀，外型美观、经久耐用。层板 装有加固条，层板装有加固条。脚垫：采用特制模具 ABS 注塑脚垫，高 度可调，可有效防止台身受潮，延长设备 的使用寿命。",null,null,"个",1,{"v":1328,"d":"1,328.00"},{"v":1328,"d":"1,328.00"},null,1.6,830,{"v":830,"d":"830.00"},{"v":980,"d":"980.00"},980]
[]
["A","设备材料小计",{"$nulls":6},{"v":19131.199999999997,"d":"19,131.20"},{"$nulls":3},{"v":11957,"d":"11,957.00"},null,{"v":13097,"d":"13,097.00"}]
["B","项目施工、系统集成、售后服务费",{"$nulls":6},{"v":1913,"d":"1,913.00"}]
["C","税费",{"$nulls":6},{"v":732,"d":"732.00"}]
["D","项目合计",{"$nulls":6},{"v":21776.199999999997,"d":"21,776.20"}]
[]
[]
[{"$nulls":8},{"v":9819.199999999997,"d":"9,819.20"}]
[{"$nulls":8},{"v":0.45091430093404716,"d":"45.09%"}]
[]
[null,"以下是设计 计算用，不列入对外的设备清单。"]
[]
[1,"土建配套","地面埋线、上面盖U型槽","定制",null,"项",1,{"v":2500,"d":"2,500.00"},{"v":2500,"d":"2,500.00"},null,1.3,{"v":1620,"d":"1,620.00"},{"v":1620,"d":"1,620.00"}]

{"sheet":"卫生心理","index":6,"n_rows":57,"n_cols":15,"rows_kept":57,"hidden":true,"merged":[[1,11,1,12],[1,13,1,14],[17,1,17,7],[18,1,18,7],[19,1,19,7],[20,1,20,7],[37,1,37,7],[38,1,38,7],[39,1,39,7],[40,1,40,7]],"flags":["formulas_cached_only"]}
[null,"附表五"]
[null,null,"卫生保健室",{"$nulls":8},"广州威惠教学设备有限公司詹欣抄13826165848",null,"汕头市东珠科技有限公司张先生13829666510"]
["序号","设备名称","产品参数与规格","品牌","型号","单位","数量","单价","金额",null,"比值","成本1","成本金额","成本2","成本金额"]
[1,"药品柜","规格：1200*400*2000（mm）；材质：上下分为三部份，上部份为三门推拉玻璃门，中部份为三个抽屉，下部份为药品储存柜","国产",null,"张",1,{"v":2200,"d":"2,200.00"},{"v":2200,"d":"2,200.00"},null,2,1100,{"v":1100,"d":"1100.00"},{"v":1600,"d":"1600.00"},{"v":1600,"d":"1600.00"}]
[2,"办公台","规格：1200*600*750（mm）；材质：台面25mm双贴面三聚氰胺板、其余采用16mm厚双贴面三聚氰胺密度板，其截面PVC封边带利用机械高温热熔胶封边，粘力强，密封性好，外形美观，经久耐用。","定制",null,"张",1,{"v":1300,"d":"1,300.00"},{"v":1300,"d":"1,300.00"},null,2,650,{"v":650,"d":"650.00"},{"v":750,"d":"750.00"},{"v":750,"d":"750.00"}]
[3,"办公椅","规格：500*500*800（mm）；靠背及下座采用东亚牌高密度泡棉骨架钢管电镀","定制",null,"张",1,{"v":380,"d":"380.00"},{"v":380,"d":"380.00"},null,2,190,{"v":190,"d":"190.00"},{"v":250,"d":"250.00"},{"v":250,"d":"250.00"}]
[4,"诊断床","规格：2000*600*700（mm）；钢架床，附卫生床单","定制",null,"个",1,{"v":1200,"d":"1,200.00"},{"v":1200,"d":"1,200.00"},null,2,600,{"v":600,"d":"600.00"},{"v":750,"d":"750.00"},{"v":750,"d":"750.00"}]
[5,"就诊凳","规格：300*400（mm）；钢架仿面皮","定制",null,"个",3,{"v":300,"d":"300.00"},{"v":900,"d":"900.00"},null,2,150,{"v":450,"d":"450.00"},{"v":210,"d":"210.00"},{"v":630,"d":"630.00"}]
[6,"常用药品","碘酒、酒精、红汞水、驱风油、万花油、正骨水、纱布、棉花、绷带、双氧水、止血帖、胶布、剪刀等","国产",null,"批",1,{"v":180,"d":"180.00"},{"v":180,"d":"180.00"},null,2,90,{"v":90,"d":"90.00"},{"v":200,"d":"200.00"},{"v":200,"d":"200.00"}]
[7,"视力表灯箱","卫生标准","国产",null,"个",1,{"v":500,"d":"500.00"},{"v":500,"d":"500.00"},null,2,250,{"v":250,"d":"250.00"},{"v":280,"d":"280.00"},{"v":280,"d":"280.00"}]
[8,"体重秤","行业标准","国产",null,"个",1,{"v":540,"d":"540.00"},{"v":540,"d":"540.00"},null,2,270,{"v":270,"d":"270.00"},{"v":230,"d":"230.00"},{"v":230,"d":"230.00"}]
[9,"卫生箱","卫生标准","国产",null,"个",1,{"v":120,"d":"120.00"},{"v":120,"d":"120.00"},null,2,60,{"v":60,"d":"60.00"},{"v":160,"d":"160.00"},{"v":160,"d":"160.00"}]
[10,"体温计","卫生标准","国产",null,"支",6,{"v":12,"d":"12.00"},{"v":72,"d":"72.00"},null,2,6,{"v":36,"d":"36.00"},{"v":4,"d":"4.00"},{"v":24,"d":"24.00"}]
[11,"带盖方盘","卫生标准","国产",null,"个",3,{"v":76,"d":"76.00"},{"v":228,"d":"228.00"},null,2,38,{"v":114,"d":"114.00"},{"v":58,"d":"58.00"},{"v":174,"d":"174.00"}]
[12,"器械缸","卫生标准","国产",null,"个",1,{"v":46,"d":"46.00"},{"v":46,"d":"46.00"},null,2,23,{"v":23,"d":"23.00"},{"v":40,"d":"40.00"},{"v":40,"d":"40.00"}]
[13,"口腔检查器械","卫生标准","国产",null,"套",3,{"v":300,"d":"300.00"},{"v":900,"d":"900.00"},null,2,150,{"v":450,"d":"450.00"},{"v":80,"d":"80.00"},{"v":240,"d":"240.00"}]
[]
["A","设备材料小计",{"$nulls":6},{"v":8566,"d":"8,566.00"},null,null,"小计：",{"v":4283,"d":"4283.00"},null,{"v":5328,"d":"5328.00"}]
["B","项目施工、系统集成、售后服务费",{"$nulls":6},{"v":857,"d":"857.00"}]
["C","税费",{"$nulls":6},{"v":328,"d":"328.00"}]
["D","项目合计",{"$nulls":6},{"v":9751,"d":"9,751.00"}]
[]
[{"$nulls":8},{"v":5468,"d":"5,468.00"}]
[{"$nulls":8},{"v":0.5607629986668035,"d":"0.56"}]
[null,"附表八"]
[null,null,"心理咨询室"]
["序号","设备名称","产品参数与规格","品牌","型号","单位","数量","单价","金额",null,"比值","成本1","成本金额","成本2","成本金额"]
[1,"教师办公台","规格：1200*600*750（mm）；材质：台面25mm双贴面三聚氰胺板、其余采用16mm厚双贴面三聚氰胺密度板，其截面PVC封边带利用机械高温热熔胶封边，粘力强，密封性好，外形美观，经久耐用。","定制",null,"张",1,{"v":1300,"d":"1,300.00"},{"v":1300,"d":"1,300.00"},null,2,650,{"v":650,"d":"650.00"},{"v":750,"d":"750.00"},750]
[2,"教师办公椅","规格：500*500*800（mm）；靠背及下座采用东亚牌高密度泡棉骨架钢管电镀","定制",null,"张",1,{"v":380,"d":"380.00"},{"v":380,"d":"380.00"},null,2,190,{"v":190,"d":"190.00"},{"v":250,"d":"250.00"},250]
[3,"1+1谈话休闲椅","藤艺结构","定制",null,"张",2,{"v":1040,"d":"1,040.00"},{"v":2080,"d":"2,080.00"},null,2,520,{"v":1040,"d":"1040.00"},{"v":300,"d":"300.00"},600]
[4,"个性化茶几","台面采用10mm优质钢化玻璃","定制",null,"张",1,{"v":320,"d":"320.00"},{"v":320,"d":"320.00"},null,2,160,{"v":160,"d":"160.00"},{"v":200,"d":"200.00"},200]
[5,"三门书柜","规格：1200*400*2000（mm）；优质五金配件、3门结构，分上下两部分，上部为三门玻璃拉门","定制",null,"个",1,{"v":1920,"d":"1,920.00"},{"v":1920,"d":"1,920.00"},null,2,960,{"v":960,"d":"960.00"},{"v":1600,"d":"1600.00"},1600]
[6,"心理图书","32开  附图书目录","国产",null,"册",200,{"v":21,"d":"21.00"},{"v":4200,"d":"4,200.00"},null,1.4,15,{"v":3000,"d":"3000.00"},{"v":20,"d":"20.00"},4000]
[7,"心理挂图","心健","国产",null,"幅",3,{"v":56,"d":"56.00"},{"v":168,"d":"168.00"},null,1.4,40,{"v":120,"d":"120.00"},{"v":65,"d":"65.00"},195]
[8,"点缀干花","心健","国产",null,"盒",3,{"v":100,"d":"100.00"},{"v":300,"d":"300.00"},null,2,50,{"v":150,"d":"150.00"},{"v":150,"d":"150.00"},450]
[9,"发泄沙袋","吊式","定制",null,"个",3,{"v":620,"d":"620.00"},{"v":1860,"d":"1,860.00"},null,2,310,{"v":930,"d":"930.00"},{"v":650,"d":"650.00"},1950]
[]
["A","设备材料小计",{"$nulls":6},{"v":12528,"d":"12,528.00"},null,null,"小计：",{"v":7200,"d":"7200.00"},null,{"v":9995,"d":"9995.00"}]
["B","项目施工、系统集成、售后服务费",{"$nulls":6},{"v":1253,"d":"1,253.00"}]
["C","税费",{"$nulls":6},{"v":479,"d":"479.00"}]
["D","项目合计",{"$nulls":6},{"v":14260,"d":"14,260.00"}]
[]
[]
[{"$nulls":8},{"v":7060,"d":"7,060.00"}]
[{"$nulls":8},{"v":0.4950911640953717,"d":"0.50"}]
[]
[]
[]
[null,"以下是 设计 用替换品牌，不列入对外的设备清单。"]
[]
[11,"办公电脑","Intel i3 4130 CPU(双核四线程 主频≥3.4GHz 3M缓存) /4G DDRIII 内存 /硬盘：500G，SATA接口，7200rpm  /19\"宽屏液晶显示器 /DVD光驱 /防水抗菌键盘、USB光电鼠标 /集成声卡、显卡、网卡 /三年有限保修及上门   /集成网络同传及还原功能","ACER","Veriton D430","套",1,{"v":4485,"d":"4,485.00"},{"v":4485,"d":"4,485.00"},null,1.5,{"v":2990,"d":"2,990.00"},{"v":2990,"d":"2,990.00"}]
[12,"笔记本电脑","奔腾双核3556U CPU(双核双线程 主频≥1.7GHz 三级缓存2MB TDP≤15W) /4GB内存 DDR3 /500GB硬盘 /14.0英寸屏幕 /DVD刻录光驱 /6芯 56Wh锂离子电池","ACER","TravelMate P246","台",1,{"v":4250,"d":"4,250.00"},{"v":4250,"d":"4,250.00"},null,1.7,{"v":2500,"d":"2,500.00"},{"v":2500,"d":"2,500.00"}]
[13,"A4激光四合一打印机","多功能黑白激光一体机；支持打印、复印、扫描、传真功能；最大打印幅面A4；黑白打印速度20ppm；内存128MB；接口类型：USB 2.0、10Base-T/100Base-TX（RJ-45网络接口）； 首页打印时间9.5秒； 打印分辨率：600*600dpi","惠普","LaserJet Pro\nMFP M128fp","台",1,{"v":2465,"d":"2,465.00"},{"v":2465,"d":"2,465.00"},null,1.45,{"v":1700,"d":"1,700.00"},{"v":1700,"d":"1,700.00"}]
[14,"广播主机","合并式功放； 120W；带USB接口；16G U盘","ITC","T-120U","套",1,{"v":1664,"d":"1,664.00"},{"v":1664,"d":"1,664.00"},null,1.5,{"v":1109,"d":"1,109.00"},{"v":1109,"d":"1,109.00"}]
[15,"复印机","带工作台 带打印服务器（网络接口）","美能达","bizhub195","台",1,{"v":7616,"d":"7,616.00"},{"v":7616,"d":"7,616.00"},null,1.6,{"v":4760,"d":"4,760.00"},{"v":4760,"d":"4,760.00"},"协议价 6962"]
[]
[12,"笔记本电脑","I3-4030 /4G内存 /500G硬盘 /1G独显 GT820M  /DVDRW /WIN8.1 /15.6寸液晶屏","华硕","PRO551\nLD403945S3","台",1,{"v":5848,"d":"5,848.00"},{"v":5848,"d":"5,848.00"},null,1.6,{"v":3655,"d":"3,655.00"},{"v":3655,"d":"3,655.00"}]

{"sheet":"45台电脑","index":7,"n_rows":77,"n_cols":18,"rows_kept":77,"hidden":true,"merged":[[0,0,0,8],[1,1,1,6],[29,1,29,7],[30,1,30,7],[31,1,31,7],[32,1,32,7]],"flags":["formulas_cached_only"]}
["北门小学电脑教室 详细报价表"]
[null,"学校自理：粉刷教室墙面、清空教室。",{"$nulls":6},"人民币（元）",null,"电脑数：45台学生机、1台教师机"]
["序号","设备名称","产品参数与规格","品牌","型号","单位","数量","单价","金额",null,"比值","成本","成本金额",null,"2014潮阳","2014改薄报价","改薄成本","2014年创强的配置"]
[null,"一、设备部分"]
[1,"教师计算机","Intel G3250 CPU(双核双线程 主频≥3.2GHz 3M缓存) /4G DDRIII 内存 /硬盘：500G，SATA接口，7200rpm  /19\"宽屏液晶显示器 /DVD光驱 /防水抗菌键盘、USB光电鼠标 /集成声卡、显卡、网卡 /三年有限保修及上门   /集成网络同传及还原功能","ACER","Veriton D430-3113","套",1,{"v":3865,"d":"3,865.00"},{"v":3865,"d":"3,865.00"},null,1.475,{"v":2620,"d":"2,620.00"},{"v":2620,"d":"2,620.00"},"此报价无南京远志软件",1.472,{"v":3862,"d":"3,862.00"},{"v":2620,"d":"2,620.00"},"Intel G3250 CPU(双核双线程 主频≥3.2GHz 3M缓存) /4G DDRIII 内存 /硬盘：500G，SATA接口，7200rpm  /19\"宽屏液晶显示器 /DVD光驱 /防水抗菌键盘、USB光电鼠标 /集成声卡、显卡、网卡 /三年有限保修及上门   /集成网络同传及还原功能  /安装管理软件和WINDOWS系统"]
[2,"学生计算机","Intel G1840 CPU(双核双线程 主频≥2.8GHz 2M缓存) /2G DDRIII 内存 /硬盘：500G，SATA接口，7200rpm  /19\"宽屏液晶显示器 /防水抗菌键盘、USB光电鼠标 /集成声卡、显卡、网卡  /三年有限保修及上门   /集成网络同传及还原功能","ACER","Veriton D430-3197","套",45,{"v":3390,"d":"3,390.00"},{"v":152550,"d":"152,550.00"},null,1.63,{"v":2080,"d":"2,080.00"},{"v":93600,"d":"93,600.00"},"此报价无南京远志软件",1.62,{"v":3370,"d":"3,370.00"},{"v":2080,"d":"2,080.00"},"Intel G1840 CPU(双核双线程 主频≥2.8GHz 2M缓存) /2G DDRIII 内存 /硬盘：500G，SATA接口，7200rpm  /19\"宽屏液晶显示器 /防水抗菌键盘、USB光电鼠标 /集成声卡、显卡、网卡  /三年有限保修及上门   /集成网络同传及还原功能  /安装管理软件和WINDOWS系统"]
[3,"头夹式耳机","头夹式耳机，带麦克风  /喇叭：φ40mm喇叭，阻抗32Ω，频率响应20Hz～20kHz，输出声压108dB；皮质头垫、包耳式耳垫。  /麦克风：φ6.0×5.0mm，全指向，阻抗2.2KΩ，灵敏度-58dB  /φ3.5mm插头；线长1.8米以上","硕美科","DT-2109","个",47,{"v":43,"d":"43.00"},{"v":2021,"d":"2,021.00"},null,1.5,{"v":28.5,"d":"28.50"},{"v":1339.5,"d":"1,339.50"}]
[4,"落地式机柜","15U (宽W60×深450×高78厘米)","弘誉","HYD5A-6415","台",1,{"v":792,"d":"792.00"},{"v":792,"d":"792.00"},null,2.2,{"v":360,"d":"360.00"},{"v":360,"d":"360.00"}]
[5,"企业级路由器","百兆企业级无线路由器，内置防火墙； 1个WAN口、4个LAN口、1USB、1串行控制口； DHCP、PPPOE； 支持组播、VPN、QOS、ACL、ARP安全。 支持IPV4、IPV6单播路由。","华为","AR121-S","台",1,{"v":2325,"d":"2,325.00"},{"v":2325,"d":"2,325.00"},null,2.5,{"v":930,"d":"930.00"},{"v":930,"d":"930.00"}]
[6,"24口千兆交换机","24口千兆二层企业级交换机；背板带宽48Gbps；包转发率：36Mpps；MAC地址表8K；全双工/半双工自适应； 网络标准：IEEE 802.3，IEEE 802.3u，IEEE 802.3ab，ANSI/IEEE 802.3 Nway，IEEE 802.3x，IEEE 802.3az；交流电源","华为","S1724G-AC","台",2,{"v":1480,"d":"1,480.00"},{"v":2960,"d":"2,960.00"},null,2,{"v":740,"d":"740.00"},{"v":1480,"d":"1,480.00"}]
[7,"学生桌","1、双位学生桌：长120×宽55×高75cm；中纤板；浅木纹色。\n2、学生凳2张：凳高≥43厘米；塑料凳面；五爪金属脚","定制",null,"套",23,{"v":640,"d":"640.00"},{"v":14720,"d":"14,720.00"},null,2.2,{"v":291,"d":"291.00"},{"v":6693,"d":"6,693.00"}]
[8,"教学讲台","1、讲台：长180×宽60×高75cm；中纤板；浅木纹色。\n2、教师椅：有扶手、有靠背、带轮子","定制",null,"套",1,{"v":2282,"d":"2,282.00"},{"v":2282,"d":"2,282.00"},null,2.7,{"v":845,"d":"845.00"},{"v":845,"d":"845.00"}]
[9,"全自动稳压电源","全自动稳压电源；20KVA","全力","SJW-20KVS","台",1,{"v":6400,"d":"6,400.00"},{"v":6400,"d":"6,400.00"},null,3.2,{"v":2000,"d":"2,000.00"},{"v":2000,"d":"2,000.00"}]
[10,"UPS电源","后备式UPS；额定功率500VA；后备时间≥7分钟；转换时间10毫秒；阀控式铅酸蓄电池；充电时间10小时；","山特","TG500","台",1,{"v":378,"d":"378.00"},{"v":378,"d":"378.00"},null,2.1,{"v":180,"d":"180.00"},{"v":180,"d":"180.00"}]
[11,"合并式功率放大器","2U铝合金面板；2路线路输入；2路话筒输入；设高音和低音独立调节。2种功率输出方式；内置2级有源高通滤波及完整的线路安全工作保证。","ITC","T-30C","台",1,{"v":792,"d":"792.00"},{"v":792,"d":"792.00"},null,2,{"v":396,"d":"396.00"},{"v":396,"d":"396.00"}]
[12,"室内全频音柱","2个5\"喇叭单元,15W功率,灵敏度90dB±3dB,木质外壳,壁挂式","ITC","T-301A","个",2,{"v":318,"d":"318.00"},{"v":636,"d":"636.00"},null,2,{"v":159,"d":"159.00"},{"v":318,"d":"318.00"}]
[13,"鹅颈式有线话筒","频率响应：50-12KHz;阻抗:600Ω;灵敏度:-63dB;尺寸:125x150x455mm;重量:1.3Kg;电源:AC 220V /50Hz","ITC","T-621","个",1,{"v":338,"d":"338.00"},{"v":338,"d":"338.00"},null,2,{"v":169,"d":"169.00"},{"v":169,"d":"169.00"}]
[14,"网络教学软件","1、网络教学：屏幕录制、屏幕回放、屏幕广播；电子教鞭、文件收集、远程命令、远程设置、远程消息、电子举手、黑屏肃静；\n2、硬盘检测、软硬件资产侦测及盘点；\n3、支持所有格式图像的显示方式。增加了网络实时考试系统功能，实现完美的教学评估应用。\n4、软件厂商要提供软件著作权证书","南京远志","Lanstar 8","套",1,{"v":3375,"d":"3,375.00"},{"v":3375,"d":"3,375.00"},null,1.5,{"v":2250,"d":"2250.00"},{"v":2250,"d":"2,250.00"}]
[15,"投影机","DLP显示技术；3200流明；分辨率1280×800；对比度15000:1；主机2年质保（灯泡6个月）；遥控器具备红外遥控和翻页功能","ACER","X1385WH","台",1,{"v":7040,"d":"7,040.00"},{"v":7040,"d":"7,040.00"},null,2.2,{"v":3200,"d":"3200.00"},{"v":3200,"d":"3,200.00"}]
[16,"投影屏幕","100寸电动遥控幕 16：9 白塑幕","莱特斯",null,"块",1,{"v":756,"d":"756.00"},{"v":756,"d":"756.00"},null,1.8,{"v":420,"d":"420.00"},{"v":420,"d":"420.00"}]
[null,"二、配套建设"]
[1,"明装配电箱","24位配电箱 带接地母排；一体化防雷模块；空气开关","定制",null,"项",1,{"v":1125,"d":"1,125.00"},{"v":1125,"d":"1,125.00"},null,3,{"v":375,"d":"375.00"},{"v":375,"d":"375.00"}]
[2,"教室电源主干","学校将电源主干线（满足电脑教室用）布放到教室内。本次工程续接到稳压电源和配电箱上，预估电源主干线的长度15米。","三固",null,"项",1,{"v":927,"d":"927.00"},{"v":927,"d":"927.00"},null,1.3,{"v":713,"d":"713.00"},{"v":713,"d":"713.00"}]
[3,"电源线","ZR-BVV4mm2    2粒\nZR-BV2.5mm2   1粒\nZR-BVV2.5mm2  4粒\nZR-BV1.5mm2   3粒\nZR-BVV1.5mm2  2粒","三固",null,"项",1,{"v":3148,"d":"3,148.00"},{"v":3148,"d":"3,148.00"},null,1.7,{"v":1852,"d":"1,852.00"},{"v":1852,"d":"1,852.00"}]
[4,"电源插座","五孔电源插座4个；六孔电源插座(电脑数)。五位电源排插1个。","八达",null,"项",1,{"v":617,"d":"617.00"},{"v":617,"d":"617.00"},null,1.5,{"v":411,"d":"411.00"},{"v":411,"d":"411.00"}]
[5,"网线","超五类非屏蔽四对双绞线","大唐",null,"箱",4,{"v":660,"d":"660.00"},{"v":2640,"d":"2,640.00"},null,1.7,{"v":388,"d":"388.00"},{"v":1552,"d":"1,552.00"}]
[6,"阻燃PVC线槽","59×22； 39×19； 24×14","国产",null,"项",1,{"v":1294,"d":"1,294.00"},{"v":1294,"d":"1,294.00"},null,2,{"v":647,"d":"647.00"},{"v":647,"d":"647.00"}]
[7,"土建配套","地面上埋线、上盖弧形金属槽；水晶头、3个理线器、投影吊架","定制",null,"项",1,{"v":2592,"d":"2,592.00"},{"v":2592,"d":"2,592.00"},null,1.6,{"v":1620,"d":"1,620.00"},{"v":1620,"d":"1,620.00"}]
[]
["A","设备材料小计",{"$nulls":6},{"v":213573,"d":"213,573.00"},{"$nulls":3},{"v":123970.5,"d":"123,970.50"}]
["B","项目施工、系统集成、售后服务费",{"$nulls":6},{"v":21357,"d":"21,357.00"}]
["C","税费",{"$nulls":6},{"v":8169,"d":"8,169.00"}]
["D","项目合计",{"$nulls":6},{"v":243099,"d":"243,099.00"}]
[]
[]
[{"$nulls":8},{"v":119128.5,"d":"119,128.50"}]
[{"$nulls":8},{"v":0.4900410943689608,"d":"49.00%"}]
[]
[]
[null,"以下是 设计 用替换品牌，不列入对外的设备清单。"]
[]
[1,"教师计算机","Intel G3250 CPU(双核双线程 主频≥3.2GHz 3M缓存) /4G DDRIII 内存 /硬盘：500G，SATA接口，7200rpm  /19\"宽屏液晶显示器 /DVD光驱 /防水抗菌键盘、USB光电鼠标 /集成声卡、显卡、网卡 /三年有限保修及上门   /集成网络同传及还原功能  /安装管理软件和WINDOWS系统","ACER","Veriton D430","套",1,{"v":3930,"d":"3,930.00"},{"v":3930,"d":"3,930.00"},null,1.5,{"v":2620,"d":"2,620.00"},{"v":2620,"d":"2,620.00"},null,1.472,{"v":3862,"d":"3,862.00"},{"v":2620,"d":"2,620.00"},"Intel G3250 CPU(双核双线程 主频≥3.2GHz 3M缓存) /4G DDRIII 内存 /硬盘：500G，SATA接口，7200rpm  /19\"宽屏液晶显示器 /DVD光驱 /防水抗菌键盘、USB光电鼠标 /集成声卡、显卡、网卡 /三年有限保修及上门   /集成网络同传及还原功能  /安装管理软件和WINDOWS系统"]
[2,"学生计算机","Intel G1840 CPU(双核双线程 主频≥2.8GHz 2M缓存) /2G DDRIII 内存 /硬盘：500G，SATA接口，7200rpm  /19\"宽屏液晶显示器 /防水抗菌键盘、USB光电鼠标 /集成声卡、显卡、网卡  /三年有限保修及上门   /集成网络同传及还原功能  /安装管理软件和WINDOWS系统","ACER","Veriton D430","套",45,{"v":3370,"d":"3,370.00"},{"v":151650,"d":"151,650.00"},null,1.62,{"v":2080,"d":"2,080.00"},{"v":93600,"d":"93,600.00"},null,1.62,{"v":3370,"d":"3,370.00"},{"v":2080,"d":"2,080.00"},"Intel G1840 CPU(双核双线程 主频≥2.8GHz 2M缓存) /2G DDRIII 内存 /硬盘：500G，SATA接口，7200rpm  /19\"宽屏液晶显示器 /防水抗菌键盘、USB光电鼠标 /集成声卡、显卡、网卡  /三年有限保修及上门   /集成网络同传及还原功能  /安装管理软件和WINDOWS系统"]
[5,"企业路由器","钢壳设计，内置电源，50台带机量。集成4口10/100M交换机，集成DHCP服务，新增PPPoP功能","TP-Link","TL-R478","台",1,{"v":780,"d":"780.00"},{"v":780,"d":"780.00"},null,2,{"v":390,"d":"390.00"},{"v":390,"d":"390.00"}]
[15,"投影机","3700流明、分辨率1280×800、对比度2500:1；2年质保（灯泡6个月）","爱普生","CB-935W","台",1,{"v":8060,"d":"8,060.00"},{"v":8060,"d":"8,060.00"},null,1.3,{"v":6200,"d":"6200.00"},{"v":6200,"d":"6,200.00"}]
[16,"投影屏幕","100寸电动遥控幕 16：9 白塑幕","莱特斯",null,"块",1,{"v":546,"d":"546.00"},{"v":546,"d":"546.00"},null,1.3,{"v":420,"d":"420.00"},{"v":420,"d":"420.00"}]
[17,"无线演示器","翻页笔：含无线接收器；无线控制距离10米；红色激光指针","诺为","(KNORVAY)N75 ","个",1,{"v":158,"d":"158.00"},{"v":158,"d":"158.00"},null,2,{"v":79,"d":"79.00"},{"v":79,"d":"79.00"}]
[]
[]
[1,"土建配套","地面埋线、上面盖U型槽","定制",null,"项",1,{"v":2500,"d":"2,500.00"},{"v":2500,"d":"2,500.00"},null,1.543,{"v":1620,"d":"1,620.00"},{"v":1620,"d":"1,620.00"}]
[2,"教室内配电箱","24位 带接地母排","金海",null,"个",1,{"v":406,"d":"406.00"},{"v":406,"d":"406.00"},null,3.53,{"v":115,"d":"115.00"},{"v":115,"d":"115.00"}]
[3,"五孔电源插座","五孔电源插座","八达",null,"个",4,{"v":11.6,"d":"11.60"},{"v":46.4,"d":"46.40"},null,1.785,{"v":6.5,"d":"6.50"},{"v":26,"d":"26.00"}]
[4,"六孔电源插座","六孔电源插座","八达",null,"个",47,{"v":11.6,"d":"11.60"},{"v":545.1999999999999,"d":"545.20"},null,1.506,{"v":7.7,"d":"7.70"},{"v":361.90000000000003,"d":"361.90"}]
[5,"电源线","ZR-BVV4mm2","三固",null,"粒",2,{"v":461.1,"d":"461.10"},{"v":922.2,"d":"922.20"},null,1.721,{"v":268,"d":"268.00"},{"v":536,"d":"536.00"}]
[6,"电源线","ZR-BV2.5mm2","三固",null,"粒",1,274.05,274.05,null,1.89,{"v":145,"d":"145.00"},{"v":145,"d":"145.00"}]
[7,"电源线","ZR-BVV2.5mm2","三固",null,"粒",4,289.28,{"v":1157.12,"d":"1,157.12"},null,1.722,{"v":168,"d":"168.00"},{"v":672,"d":"672.00"}]
[8,"电源线","ZR-BV1.5mm2","三固",null,"粒",2,175.45,{"v":350.9,"d":"350.90"},null,1.847,{"v":95,"d":"95.00"},{"v":190,"d":"190.00"}]
[9,"电源线","ZR-BVV1.5mm2","三固",null,"粒",2,186.33,372.66,null,1.741,{"v":107,"d":"107.00"},{"v":214,"d":"214.00"}]
[10,"电源线","ZR-BV1.5mm2","三固",null,"粒",1,175.45,175.45,null,1.847,{"v":95,"d":"95.00"},{"v":95,"d":"95.00"}]
[11,"空气开关","60A/4P","正泰",null,"个",1,{"v":522,"d":"522.00"},{"v":522,"d":"522.00"},null,16.571,{"v":31.5,"d":"31.50"},{"v":31.5,"d":"31.50"}]
[12,"空气开关","25A/1P","正泰",null,"个",6,36.25,{"v":217.5,"d":"217.50"},null,5.691,6.37,38.22]
[13,"阻燃PVC线槽","59×22","国产",null,"米",87,8.41,731.67,null,3.419,2.46,214.02]
[14,"阻燃PVC线槽","39×19","国产",null,"米",127,4.21,534.67,null,2.339,{"v":1.8,"d":"1.80"},{"v":228.6,"d":"228.60"}]
[15,"阻燃PVC线槽","24×14","国产",null,"米",141,3.05,{"v":430.04999999999995,"d":"430.05"},null,2.652,1.15,{"v":162.14999999999998,"d":"162.15"}]
[16,"波纹管","DN25","国产",null,"米",30,3.19,{"v":95.7,"d":"95.70"},null,2.279,{"v":1.4,"d":"1.40"},{"v":42,"d":"42.00"}]
[17,"电源排插","五位电源排插","佳立","佳立905","只",1,{"v":26.1,"d":"26.10"},{"v":26.1,"d":"26.10"},null,1.16,{"v":22.5,"d":"22.50"},{"v":22.5,"d":"22.50"}]
[]
[19,"超五类理线器","非屏蔽","大唐",null,"个",3,79.75,239.25,null,2.279,{"v":35,"d":"35.00"},{"v":105,"d":"105.00"}]
[20,"超五类四对双绞线","非屏蔽","三固",null,"箱",4,{"v":725,"d":"725.00"},{"v":2900,"d":"2,900.00"},null,1.871,{"v":387.5,"d":"387.50"},{"v":1550,"d":"1,550.00"}]
[21,"水晶头","网线两头直接打水晶头","唯康",null,"盒",1,{"v":147.9,"d":"147.90"},{"v":147.9,"d":"147.90"},null,3.698,{"v":40,"d":"40.00"},{"v":40,"d":"40.00"}]
[22,"教室电源主干","三相电源；电源主干长15米；安装在门背后；学校需将电源主干（满足电脑教室用）布放到教室门口。","三固",null,"项",1,{"v":997,"d":"997.00"},{"v":997,"d":"997.00"},null,1.398,{"v":713,"d":"713.00"},{"v":713,"d":"713.00"}]
[23,"教师讲台升高","长180×宽60×高15cm；若教室没有垫脚，则取消此项","定制",null,"个",1,{"v":330,"d":"330.00"},{"v":330,"d":"330.00"},null,1.5,{"v":220,"d":"220.00"},{"v":220,"d":"220.00"}]
[]
[]
[]
[1,"教师计算机","Intel i3 4160 CPU(双核四线程 主频≥3.6GHz 3M缓存) /4G DDRIII 内存 /硬盘：500G，SATA接口，7200rpm  /19.5\"宽屏液晶显示器 /DVD光驱 /防水抗菌键盘、USB光电鼠标 /集成声卡、显卡、网卡 /三年有限保修及上门   /集成网络同传及还原功能","ACER","Veriton D430-3113","套",1,{"v":4528,"d":"4,528.00"},{"v":4528,"d":"4,528.00"},null,1.6,{"v":2830,"d":"2,830.00"},{"v":2830,"d":"2,830.00"},"此报价无南京远志软件",1.472,{"v":3862,"d":"3,862.00"},{"v":2620,"d":"2,620.00"},"Intel G3250 CPU(双核双线程 主频≥3.2GHz 3M缓存) /4G DDRIII 内存 /硬盘：500G，SATA接口，7200rpm  /19\"宽屏液晶显示器 /DVD光驱 /防水抗菌键盘、USB光电鼠标 /集成声卡、显卡、网卡 /三年有限保修及上门   /集成网络同传及还原功能  /安装管理软件和WINDOWS系统"]
[2,"学生计算机","Intel G3250 CPU(双核双线程 主频≥3.2GHz 3M缓存) /2G DDRIII 内存 /硬盘：500G，SATA接口，7200rpm  /19.5\"宽屏液晶显示器  /防水抗菌键盘、USB光电鼠标 /集成声卡、显卡、网卡  /三年有限保修及上门   /集成网络同传及还原功能","ACER","Veriton D430-3197","套",45,{"v":4032,"d":"4,032.00"},{"v":181440,"d":"181,440.00"},null,1.6,{"v":2520,"d":"2,520.00"},{"v":113400,"d":"113,400.00"},"此报价无南京远志软件",1.62,{"v":3370,"d":"3,370.00"},{"v":2080,"d":"2,080.00"},"Intel G1840 CPU(双核双线程 主频≥2.8GHz 2M缓存) /2G DDRIII 内存 /硬盘：500G，SATA接口，7200rpm  /19\"宽屏液晶显示器 /防水抗菌键盘、USB光电鼠标 /集成声卡、显卡、网卡  /三年有限保修及上门   /集成网络同传及还原功能  /安装管理软件和WINDOWS系统"]

{"sheet":"40台电脑","index":8,"n_rows":64,"n_cols":18,"rows_kept":64,"hidden":true,"merged":[[0,0,0,8],[1,1,1,6],[29,1,29,7],[30,1,30,7],[31,1,31,7],[32,1,32,7]],"flags":["formulas_cached_only"]}
["第一小学电脑教室 详细报价表"]
[null,"学校自理：粉刷教室墙面、清空教室。",{"$nulls":6},"人民币（元）",null,"电脑数：40台学生机、1台教师机"]
["序号","设备名称","产品参数与规格","品牌","型号","单位","数量","单价","金额",null,"比值","成本","成本金额",null,"2014潮阳","2014改薄报价","改薄成本","2014年创强的配置"]
[null,"一、设备部分"]
[1,"教师计算机","Intel G3250 CPU(双核双线程 主频≥3.2GHz 3M缓存) /4G DDRIII 内存 /硬盘：500G，SATA接口，7200rpm  /19\"宽屏液晶显示器 /DVD光驱 /防水抗菌键盘、USB光电鼠标 /集成声卡、显卡、网卡 /三年有限保修及上门   /集成网络同传及还原功能","ACER","Veriton D430-3113","套",1,{"v":3865,"d":"3,865.00"},{"v":3865,"d":"3,865.00"},null,1.475,{"v":2620,"d":"2,620.00"},{"v":2620,"d":"2,620.00"},"此报价无南京远志软件",1.472,{"v":3862,"d":"3,862.00"},{"v":2620,"d":"2,620.00"},"Intel G3250 CPU(双核双线程 主频≥3.2GHz 3M缓存) /4G DDRIII 内存 /硬盘：500G，SATA接口，7200rpm  /19\"宽屏液晶显示器 /DVD光驱 /防水抗菌键盘、USB光电鼠标 /集成声卡、显卡、网卡 /三年有限保修及上门   /集成网络同传及还原功能  /安装管理软件和WINDOWS系统"]
[2,"学生计算机","Intel G1840 CPU(双核双线程 主频≥2.8GHz 2M缓存) /2G DDRIII 内存 /硬盘：500G，SATA接口，7200rpm  /19\"宽屏液晶显示器 /防水抗菌键盘、USB光电鼠标 /集成声卡、显卡、网卡  /三年有限保修及上门   /集成网络同传及还原功能","ACER","Veriton D430-3197","套",40,{"v":3390,"d":"3,390.00"},{"v":135600,"d":"135,600.00"},null,1.63,{"v":2080,"d":"2,080.00"},{"v":83200,"d":"83,200.00"},"此报价无南京远志软件",1.62,{"v":3370,"d":"3,370.00"},{"v":2080,"d":"2,080.00"},"Intel G1840 CPU(双核双线程 主频≥2.8GHz 2M缓存) /2G DDRIII 内存 /硬盘：500G，SATA接口，7200rpm  /19\"宽屏液晶显示器 /防水抗菌键盘、USB光电鼠标 /集成声卡、显卡、网卡  /三年有限保修及上门   /集成网络同传及还原功能  /安装管理软件和WINDOWS系统"]
[3,"头夹式耳机","头夹式耳机，带麦克风  /喇叭：φ40mm喇叭，阻抗32Ω，频率响应20Hz～20kHz，输出声压108dB；皮质头垫、包耳式耳垫。  /麦克风：φ6.0×5.0mm，全指向，阻抗2.2KΩ，灵敏度-58dB  /φ3.5mm插头；线长1.8米以上","硕美科","DT-2109","个",41,{"v":43,"d":"43.00"},{"v":1763,"d":"1,763.00"},null,1.5,{"v":28.5,"d":"28.50"},{"v":1168.5,"d":"1,168.50"}]
[4,"落地式机柜","15U (宽W60×深450×高78厘米)","弘誉","HYD5A-6415","台",1,{"v":792,"d":"792.00"},{"v":792,"d":"792.00"},null,2.2,{"v":360,"d":"360.00"},{"v":360,"d":"360.00"}]
[5,"企业级路由器","百兆企业级无线路由器，内置防火墙； 1个WAN口、4个LAN口、1USB、1串行控制口； DHCP、PPPOE； 支持组播、VPN、QOS、ACL、ARP安全。 支持IPV4、IPV6单播路由。","华为","AR121-S","台",1,{"v":2325,"d":"2,325.00"},{"v":2325,"d":"2,325.00"},null,2.5,{"v":930,"d":"930.00"},{"v":930,"d":"930.00"}]
[6,"24口千兆交换机","24口千兆二层企业级交换机；背板带宽48Gbps；包转发率：36Mpps；MAC地址表8K；全双工/半双工自适应； 网络标准：IEEE 802.3，IEEE 802.3u，IEEE 802.3ab，ANSI/IEEE 802.3 Nway，IEEE 802.3x，IEEE 802.3az；交流电源","华为","S1724G-AC","台",2,{"v":1480,"d":"1,480.00"},{"v":2960,"d":"2,960.00"},null,2,{"v":740,"d":"740.00"},{"v":1480,"d":"1,480.00"}]
[7,"学生桌","1、双位学生桌：长120×宽55×高75cm；中纤板；浅木纹色。\n2、学生凳2张：凳高≥43厘米；塑料凳面；五爪金属脚","定制",null,"套",20,{"v":640,"d":"640.00"},{"v":12800,"d":"12,800.00"},null,2.2,{"v":291,"d":"291.00"},{"v":5820,"d":"5,820.00"}]
[8,"教学讲台","1、讲台：长180×宽60×高75cm；中纤板；浅木纹色。\n2、教师椅：有扶手、有靠背、带轮子","定制",null,"套",1,{"v":2282,"d":"2,282.00"},{"v":2282,"d":"2,282.00"},null,2.7,{"v":845,"d":"845.00"},{"v":845,"d":"845.00"}]
[9,"全自动稳压电源","全自动稳压电源；20KVA","全力","SJW-20KVS","台",1,{"v":6400,"d":"6,400.00"},{"v":6400,"d":"6,400.00"},null,3.2,{"v":2000,"d":"2,000.00"},{"v":2000,"d":"2,000.00"}]
[10,"UPS电源","后备式UPS；额定功率500VA；后备时间≥7分钟；转换时间10毫秒；阀控式铅酸蓄电池；充电时间10小时；","山特","TG500","台",1,{"v":378,"d":"378.00"},{"v":378,"d":"378.00"},null,2.1,{"v":180,"d":"180.00"},{"v":180,"d":"180.00"}]
[11,"合并式功率放大器","2U铝合金面板；2路线路输入；2路话筒输入；设高音和低音独立调节。2种功率输出方式；内置2级有源高通滤波及完整的线路安全工作保证。","ITC","T-30C","台",1,{"v":792,"d":"792.00"},{"v":792,"d":"792.00"},null,2,{"v":396,"d":"396.00"},{"v":396,"d":"396.00"}]
[12,"室内全频音柱","2个5\"喇叭单元,15W功率,灵敏度90dB±3dB,木质外壳,壁挂式","ITC","T-301A","个",2,{"v":318,"d":"318.00"},{"v":636,"d":"636.00"},null,2,{"v":159,"d":"159.00"},{"v":318,"d":"318.00"}]
[13,"鹅颈式有线话筒","频率响应：50-12KHz;阻抗:600Ω;灵敏度:-63dB;尺寸:125x150x455mm;重量:1.3Kg;电源:AC 220V /50Hz","ITC","T-621","个",1,{"v":338,"d":"338.00"},{"v":338,"d":"338.00"},null,2,{"v":169,"d":"169.00"},{"v":169,"d":"169.00"}]
[14,"网络教学软件","1、网络教学：屏幕录制、屏幕回放、屏幕广播；电子教鞭、文件收集、远程命令、远程设置、远程消息、电子举手、黑屏肃静；\n2、硬盘检测、软硬件资产侦测及盘点；\n3、支持所有格式图像的显示方式。增加了网络实时考试系统功能，实现完美的教学评估应用。\n4、软件厂商要提供软件著作权证书","南京远志","Lanstar 8","套",1,{"v":3375,"d":"3,375.00"},{"v":3375,"d":"3,375.00"},null,1.5,{"v":2250,"d":"2250.00"},{"v":2250,"d":"2,250.00"}]
[15,"投影机","DLP显示技术；3200流明；分辨率1280×800；对比度15000:1；主机2年质保（灯泡6个月）；遥控器具备红外遥控和翻页功能","ACER","X1385WH","台",1,{"v":7040,"d":"7,040.00"},{"v":7040,"d":"7,040.00"},null,2.2,{"v":3200,"d":"3200.00"},{"v":3200,"d":"3,200.00"}]
[16,"投影屏幕","100寸电动遥控幕 16：9 白塑幕","莱特斯",null,"块",1,{"v":756,"d":"756.00"},{"v":756,"d":"756.00"},null,1.8,{"v":420,"d":"420.00"},{"v":420,"d":"420.00"}]
[null,"二、配套建设"]
[1,"明装配电箱","24位配电箱 带接地母排；一体化防雷模块；空气开关","定制",null,"项",1,{"v":1125,"d":"1,125.00"},{"v":1125,"d":"1,125.00"},null,3,{"v":375,"d":"375.00"},{"v":375,"d":"375.00"}]
[2,"教室电源主干","学校将电源主干线（满足电脑教室用）布放到教室内。本次工程续接到稳压电源和配电箱上，预估电源主干线的长度15米。","三固",null,"项",1,{"v":927,"d":"927.00"},{"v":927,"d":"927.00"},null,1.3,{"v":713,"d":"713.00"},{"v":713,"d":"713.00"}]
[3,"电源线","ZR-BVV4mm2    2粒\nZR-BV2.5mm2   1粒\nZR-BVV2.5mm2  3.5粒\nZR-BV1.5mm2   3粒\nZR-BVV1.5mm2  2粒","三固",null,"项",1,{"v":3006,"d":"3,006.00"},{"v":3006,"d":"3,006.00"},null,1.7,{"v":1768,"d":"1,768.00"},{"v":1768,"d":"1,768.00"}]
[4,"电源插座","五孔电源插座4个；六孔电源插座(电脑数)。五位电源排插1个。","八达",null,"项",1,{"v":548,"d":"548.00"},{"v":548,"d":"548.00"},null,1.5,{"v":365,"d":"365.00"},{"v":365,"d":"365.00"}]
[5,"网线","超五类非屏蔽四对双绞线","大唐",null,"箱",3.5,{"v":660,"d":"660.00"},{"v":2310,"d":"2,310.00"},null,1.7,{"v":388,"d":"388.00"},{"v":1358,"d":"1,358.00"}]
[6,"阻燃PVC线槽","59×22； 39×19； 24×14","国产",null,"项",1,{"v":1180,"d":"1,180.00"},{"v":1180,"d":"1,180.00"},null,2,{"v":590,"d":"590.00"},{"v":590,"d":"590.00"}]
[7,"土建配套","地面上埋线、上盖弧形金属槽；水晶头、3个理线器、投影吊架","定制",null,"项",1,{"v":2592,"d":"2,592.00"},{"v":2592,"d":"2,592.00"},null,1.6,{"v":1620,"d":"1,620.00"},{"v":1620,"d":"1,620.00"}]
[]
["A","设备材料小计",{"$nulls":6},{"v":193790,"d":"193,790.00"},{"$nulls":3},{"v":112145.5,"d":"112,145.50"}]
["B","项目施工、系统集成、售后服务费",{"$nulls":6},{"v":19379,"d":"19,379.00"}]
["C","税费",{"$nulls":6},{"v":7412,"d":"7,412.00"}]
["D","项目合计",{"$nulls":6},{"v":220581,"d":"220,581.00"}]
[]
[]
[{"$nulls":8},{"v":108435.5,"d":"108,435.50"}]
[{"$nulls":8},{"v":0.4915903908314859,"d":"49.16%"}]
[]
[null,"以下是设计 计算用，不列入对外的设备清单。"]
[]
[1,"土建配套","地面埋线、上面盖U型槽","定制",null,"项",1,{"v":2500,"d":"2,500.00"},{"v":2500,"d":"2,500.00"},null,1.3,{"v":1620,"d":"1,620.00"},{"v":1620,"d":"1,620.00"}]
[2,"教室内配电箱","24位 带接地母排","金海",null,"个",1,{"v":406,"d":"406.00"},{"v":406,"d":"406.00"},null,1.45,{"v":115,"d":"115.00"},{"v":115,"d":"115.00"}]
[3,"五孔电源插座","五孔电源插座","八达",null,"个",4,{"v":11.6,"d":"11.60"},{"v":46.4,"d":"46.40"},null,1.45,{"v":6.5,"d":"6.50"},{"v":26,"d":"26.00"}]
[4,"六孔电源插座","六孔电源插座","八达",null,"个",41,{"v":11.6,"d":"11.60"},{"v":475.6,"d":"475.60"},null,1.45,{"v":7.7,"d":"7.70"},{"v":315.7,"d":"315.70"}]
[5,"电源线","ZR-BVV 16mm2","三固",null,"粒",2,{"v":1247,"d":"1,247.00"},{"v":2494,"d":"2,494.00"},null,1.25,{"v":998,"d":"998.00"},{"v":1996,"d":"1,996.00"}]
[6,"电源线","ZR-BV 10mm2","三固",null,"粒",1,{"v":792,"d":"792.00"},{"v":792,"d":"792.00"},null,1.25,{"v":633,"d":"633.00"},{"v":633,"d":"633.00"}]
[7,"电源线","ZR-BVV4mm2","三固",null,"粒",2,{"v":461.1,"d":"461.10"},{"v":922.2,"d":"922.20"},null,1.45,{"v":268,"d":"268.00"},{"v":536,"d":"536.00"}]
[8,"电源线","ZR-BV2.5mm2","三固",null,"粒",1,274.05,274.05,null,1.45,{"v":145,"d":"145.00"},{"v":145,"d":"145.00"}]
[9,"电源线","ZR-BVV2.5mm2","三固",null,"粒",4,289.28,{"v":1157.12,"d":"1,157.12"},null,1.45,{"v":168,"d":"168.00"},{"v":672,"d":"672.00"}]
[10,"电源线","ZR-BV1.5mm2","三固",null,"粒",2,175.45,{"v":350.9,"d":"350.90"},null,1.45,{"v":95,"d":"95.00"},{"v":190,"d":"190.00"}]
[11,"电源线","ZR-BVV1.5mm2","三固",null,"粒",2,186.33,372.66,null,1.45,{"v":107,"d":"107.00"},{"v":214,"d":"214.00"}]
[12,"电源线","ZR-BV1.5mm2","三固",null,"粒",1,175.45,175.45,null,1.45,{"v":95,"d":"95.00"},{"v":95,"d":"95.00"}]
[13,"空气开关","60A/4P","正泰",null,"个",1,{"v":522,"d":"522.00"},{"v":522,"d":"522.00"},null,1.45,{"v":31.5,"d":"31.50"},{"v":31.5,"d":"31.50"}]
[14,"空气开关","25A/1P","正泰",null,"个",5,36.25,181.25,null,1.45,6.37,31.85]
[15,"空气开关","10A/2P","正泰",null,"个",1,{"v":72.5,"d":"72.50"},{"v":72.5,"d":"72.50"},null,1.45,{"v":13.4,"d":"13.40"},{"v":13.4,"d":"13.40"}]
[16,"阻燃PVC线槽","59×22","国产",null,"米",87,8.41,731.67,null,1.45,2.46,214.02]
[17,"阻燃PVC线槽","39×19","国产",null,"米",111,4.21,467.31,null,1.45,{"v":1.8,"d":"1.80"},{"v":199.8,"d":"199.80"}]
[18,"阻燃PVC线槽","24×14","国产",null,"米",123,3.05,375.15,null,1.45,1.15,141.45]
[19,"波纹管","DN25","国产",null,"米",25,3.19,79.75,null,1.45,{"v":1.4,"d":"1.40"},{"v":35,"d":"35.00"}]
[20,"电源排插","五位电源排插","佳立","佳立905","只",1,{"v":26.1,"d":"26.10"},{"v":26.1,"d":"26.10"},null,1.45,{"v":22.5,"d":"22.50"},{"v":22.5,"d":"22.50"}]
[21,"机柜","15U (宽W60×深450×高78厘米)","弘誉","HYD5A-6415","台",1,{"v":797.5,"d":"797.50"},{"v":797.5,"d":"797.50"},null,1.45,{"v":360,"d":"360.00"},{"v":360,"d":"360.00"}]
[22,"超五类理线器","非屏蔽","大唐",null,"个",3.5,79.75,279.13,null,1.45,{"v":35,"d":"35.00"},{"v":122.5,"d":"122.50"}]
[23,"超五类四对双绞线","非屏蔽","三固",null,"箱",4,{"v":725,"d":"725.00"},{"v":2900,"d":"2,900.00"},null,1.45,{"v":387.5,"d":"387.50"},{"v":1550,"d":"1,550.00"}]
[24,"水晶头","网线两头直接打水晶头","唯康",null,"盒",1,{"v":147.9,"d":"147.90"},{"v":147.9,"d":"147.90"},null,1.45,{"v":40,"d":"40.00"},{"v":40,"d":"40.00"}]

{"sheet":"35台电脑","index":9,"n_rows":62,"n_cols":18,"rows_kept":62,"hidden":true,"merged":[[0,0,0,8],[1,1,1,6],[29,1,29,7],[30,1,30,7],[31,1,31,7],[32,1,32,7]],"flags":["formulas_cached_only"]}
["第一小学电脑教室 详细报价表"]
[null,"学校自理：粉刷教室墙面、清空教室。",{"$nulls":6},"人民币（元）",null,"电脑数：35台学生机、1台教师机"]
["序号","设备名称","产品参数与规格","品牌","型号","单位","数量","单价","金额",null,"比值","成本","成本金额",null,"2014潮阳","2014改薄报价","改薄成本","2014年创强的配置"]
[null,"一、设备部分"]
[1,"教师计算机","Intel G3250 CPU(双核双线程 主频≥3.2GHz 3M缓存) /4G DDRIII 内存 /硬盘：500G，SATA接口，7200rpm  /19\"宽屏液晶显示器 /DVD光驱 /防水抗菌键盘、USB光电鼠标 /集成声卡、显卡、网卡 /三年有限保修及上门   /集成网络同传及还原功能","ACER","Veriton D430-3113","套",1,{"v":3865,"d":"3,865.00"},{"v":3865,"d":"3,865.00"},null,1.475,{"v":2620,"d":"2,620.00"},{"v":2620,"d":"2,620.00"},"此报价无南京远志软件",1.472,{"v":3862,"d":"3,862.00"},{"v":2620,"d":"2,620.00"},"Intel G3250 CPU(双核双线程 主频≥3.2GHz 3M缓存) /4G DDRIII 内存 /硬盘：500G，SATA接口，7200rpm  /19\"宽屏液晶显示器 /DVD光驱 /防水抗菌键盘、USB光电鼠标 /集成声卡、显卡、网卡 /三年有限保修及上门   /集成网络同传及还原功能  /安装管理软件和WINDOWS系统"]
[2,"学生计算机","Intel G1840 CPU(双核双线程 主频≥2.8GHz 2M缓存) /2G DDRIII 内存 /硬盘：500G，SATA接口，7200rpm  /19\"宽屏液晶显示器 /防水抗菌键盘、USB光电鼠标 /集成声卡、显卡、网卡  /三年有限保修及上门   /集成网络同传及还原功能","ACER","Veriton D430-3197","套",35,{"v":3390,"d":"3,390.00"},{"v":118650,"d":"118,650.00"},null,1.63,{"v":2080,"d":"2,080.00"},{"v":72800,"d":"72,800.00"},"此报价无南京远志软件",1.62,{"v":3370,"d":"3,370.00"},{"v":2080,"d":"2,080.00"},"Intel G1840 CPU(双核双线程 主频≥2.8GHz 2M缓存) /2G DDRIII 内存 /硬盘：500G，SATA接口，7200rpm  /19\"宽屏液晶显示器 /防水抗菌键盘、USB光电鼠标 /集成声卡、显卡、网卡  /三年有限保修及上门   /集成网络同传及还原功能  /安装管理软件和WINDOWS系统"]
[3,"头夹式耳机","头夹式耳机，带麦克风  /喇叭：φ40mm喇叭，阻抗32Ω，频率响应20Hz～20kHz，输出声压108dB；皮质头垫、包耳式耳垫。  /麦克风：φ6.0×5.0mm，全指向，阻抗2.2KΩ，灵敏度-58dB  /φ3.5mm插头；线长1.8米以上","硕美科","DT-2109","个",37,{"v":43,"d":"43.00"},{"v":1591,"d":"1,591.00"},null,1.5,{"v":28.5,"d":"28.50"},{"v":1054.5,"d":"1,054.50"}]
[4,"落地式机柜","15U (宽W60×深450×高78厘米)","弘誉","HYD5A-6415","台",1,{"v":792,"d":"792.00"},{"v":792,"d":"792.00"},null,2.2,{"v":360,"d":"360.00"},{"v":360,"d":"360.00"}]
[5,"企业级路由器","百兆企业级无线路由器，内置防火墙； 1个WAN口、4个LAN口、1USB、1串行控制口； DHCP、PPPOE； 支持组播、VPN、QOS、ACL、ARP安全。 支持IPV4、IPV6单播路由。","华为","AR121-S","台",1,{"v":2325,"d":"2,325.00"},{"v":2325,"d":"2,325.00"},null,2.5,{"v":930,"d":"930.00"},{"v":930,"d":"930.00"}]
[6,"24口千兆交换机","24口千兆二层企业级交换机；背板带宽48Gbps；包转发率：36Mpps；MAC地址表8K；全双工/半双工自适应； 网络标准：IEEE 802.3，IEEE 802.3u，IEEE 802.3ab，ANSI/IEEE 802.3 Nway，IEEE 802.3x，IEEE 802.3az；交流电源","华为","S1724G-AC","台",2,{"v":1480,"d":"1,480.00"},{"v":2960,"d":"2,960.00"},null,2,{"v":740,"d":"740.00"},{"v":1480,"d":"1,480.00"}]
[7,"学生桌","1、双位学生桌：长120×宽55×高75cm；中纤板；浅木纹色。\n2、学生凳2张：凳高≥43厘米；塑料凳面；五爪金属脚","定制",null,"套",18,{"v":640,"d":"640.00"},{"v":11520,"d":"11,520.00"},null,2.2,{"v":291,"d":"291.00"},{"v":5238,"d":"5,238.00"}]
[8,"教学讲台","1、讲台：长180×宽60×高75cm；中纤板；浅木纹色。\n2、教师椅：有扶手、有靠背、带轮子","定制",null,"套",1,{"v":2282,"d":"2,282.00"},{"v":2282,"d":"2,282.00"},null,2.7,{"v":845,"d":"845.00"},{"v":845,"d":"845.00"}]
[9,"全自动稳压电源","全自动稳压电源；20KVA","全力","SJW-20KVS","台",1,{"v":6400,"d":"6,400.00"},{"v":6400,"d":"6,400.00"},null,3.2,{"v":2000,"d":"2,000.00"},{"v":2000,"d":"2,000.00"}]
[10,"UPS电源","后备式UPS；额定功率500VA；后备时间≥7分钟；转换时间10毫秒；阀控式铅酸蓄电池；充电时间10小时；","山特","TG500","台",1,{"v":378,"d":"378.00"},{"v":378,"d":"378.00"},null,2.1,{"v":180,"d":"180.00"},{"v":180,"d":"180.00"}]
[11,"合并式功率放大器","2U铝合金面板；2路线路输入；2路话筒输入；设高音和低音独立调节。2种功率输出方式；内置2级有源高通滤波及完整的线路安全工作保证。","ITC","T-30C","台",1,{"v":792,"d":"792.00"},{"v":792,"d":"792.00"},null,2,{"v":396,"d":"396.00"},{"v":396,"d":"396.00"}]
[12,"室内全频音柱","2个5\"喇叭单元,15W功率,灵敏度90dB±3dB,木质外壳,壁挂式","ITC","T-301A","个",2,{"v":318,"d":"318.00"},{"v":636,"d":"636.00"},null,2,{"v":159,"d":"159.00"},{"v":318,"d":"318.00"}]
[13,"鹅颈式有线话筒","频率响应：50-12KHz;阻抗:600Ω;灵敏度:-63dB;尺寸:125x150x455mm;重量:1.3Kg;电源:AC 220V /50Hz","ITC","T-621","个",1,{"v":338,"d":"338.00"},{"v":338,"d":"338.00"},null,2,{"v":169,"d":"169.00"},{"v":169,"d":"169.00"}]
[14,"网络教学软件","1、网络教学：屏幕录制、屏幕回放、屏幕广播；电子教鞭、文件收集、远程命令、远程设置、远程消息、电子举手、黑屏肃静；\n2、硬盘检测、软硬件资产侦测及盘点；\n3、支持所有格式图像的显示方式。增加了网络实时考试系统功能，实现完美的教学评估应用。\n4、软件厂商要提供软件著作权证书","南京远志","Lanstar 8","套",1,{"v":3375,"d":"3,375.00"},{"v":3375,"d":"3,375.00"},null,1.5,{"v":2250,"d":"2250.00"},{"v":2250,"d":"2,250.00"}]
[15,"投影机","DLP显示技术；3200流明；分辨率1280×800；对比度15000:1；主机2年质保（灯泡6个月）；遥控器具备红外遥控和翻页功能","ACER","X1385WH","台",1,{"v":7040,"d":"7,040.00"},{"v":7040,"d":"7,040.00"},null,2.2,{"v":3200,"d":"3200.00"},{"v":3200,"d":"3,200.00"}]
[16,"投影屏幕","100寸电动遥控幕 16：9 白塑幕","莱特斯",null,"块",1,{"v":756,"d":"756.00"},{"v":756,"d":"756.00"},null,1.8,{"v":420,"d":"420.00"},{"v":420,"d":"420.00"}]
[null,"二、配套建设"]
[1,"明装配电箱","24位配电箱 带接地母排；一体化防雷模块；空气开关","定制",null,"项",1,{"v":1107,"d":"1,107.00"},{"v":1107,"d":"1,107.00"},null,3,{"v":369,"d":"369.00"},{"v":369,"d":"369.00"}]
[2,"教室电源主干","学校将电源主干线（满足电脑教室用）布放到教室内。本次工程续接到稳压电源和配电箱上，预估电源主干线的长度15米。","三固",null,"项",1,{"v":927,"d":"927.00"},{"v":927,"d":"927.00"},null,1.3,{"v":713,"d":"713.00"},{"v":713,"d":"713.00"}]
[3,"电源线","ZR-BVV4mm2    2粒\nZR-BV2.5mm2   1粒\nZR-BVV2.5mm2  3粒\nZR-BV1.5mm2   2粒\nZR-BVV1.5mm2  1.5粒","三固",null,"项",1,{"v":2611,"d":"2,611.00"},{"v":2611,"d":"2,611.00"},null,1.7,{"v":1536,"d":"1,536.00"},{"v":1536,"d":"1,536.00"}]
[4,"电源插座","五孔电源插座4个；六孔电源插座(电脑数)。五位电源排插1个。","八达",null,"项",1,{"v":501,"d":"501.00"},{"v":501,"d":"501.00"},null,1.5,{"v":334,"d":"334.00"},{"v":334,"d":"334.00"}]
[5,"网线","超五类非屏蔽四对双绞线","大唐",null,"箱",3,{"v":660,"d":"660.00"},{"v":1980,"d":"1,980.00"},null,1.7,{"v":388,"d":"388.00"},{"v":1164,"d":"1,164.00"}]
[6,"阻燃PVC线槽","59×22； 39×19； 24×14","国产",null,"项",1,{"v":1100,"d":"1,100.00"},{"v":1100,"d":"1,100.00"},null,2,{"v":550,"d":"550.00"},{"v":550,"d":"550.00"}]
[7,"土建配套","地面上埋线、上盖弧形金属槽；水晶头、3个理线器、投影吊架","定制",null,"项",1,{"v":2592,"d":"2,592.00"},{"v":2592,"d":"2,592.00"},null,1.6,{"v":1620,"d":"1,620.00"},{"v":1620,"d":"1,620.00"}]
[]
["A","设备材料小计",{"$nulls":6},{"v":174518,"d":"174,518.00"},{"$nulls":3},{"v":100546.5,"d":"100,546.50"}]
["B","项目施工、系统集成、售后服务费",{"$nulls":6},{"v":17452,"d":"17,452.00"}]
["C","税费",{"$nulls":6},{"v":6675,"d":"6,675.00"}]
["D","项目合计",{"$nulls":6},{"v":198645,"d":"198,645.00"}]
[]
[]
[{"$nulls":8},{"v":98098.5,"d":"98,098.50"}]
[{"$nulls":8},{"v":0.4938382541720154,"d":"49.38%"}]
[]
[null,"以下是设计 计算用，不列入对外的设备清单。"]
[]
[1,"土建配套","地面埋线、上面盖U型槽","定制",null,"项",1,{"v":2500,"d":"2,500.00"},{"v":2500,"d":"2,500.00"},1.3,{"v":1620,"d":"1,620.00"},{"v":1620,"d":"1,620.00"}]
[2,"教室内配电箱","24位 带接地母排","金海",null,"个",1,{"v":406,"d":"406.00"},{"v":406,"d":"406.00"},1.45,{"v":115,"d":"115.00"},{"v":115,"d":"115.00"}]
[3,"五孔电源插座","五孔电源插座","八达",null,"个",4,{"v":11.6,"d":"11.60"},{"v":46.4,"d":"46.40"},1.45,{"v":6.5,"d":"6.50"},{"v":26,"d":"26.00"}]
[4,"六孔电源插座","六孔电源插座","八达",null,"个",37,{"v":11.6,"d":"11.60"},{"v":429.2,"d":"429.20"},1.45,{"v":7.7,"d":"7.70"},{"v":284.9,"d":"284.90"}]
[5,"电源线","ZR-BVV4mm2","三固",null,"粒",2,{"v":461.1,"d":"461.10"},{"v":922.2,"d":"922.20"},1.45,{"v":268,"d":"268.00"},{"v":536,"d":"536.00"}]
[6,"电源线","ZR-BV2.5mm2","三固",null,"粒",1,274.05,274.05,1.45,{"v":145,"d":"145.00"},{"v":145,"d":"145.00"}]
[7,"电源线","ZR-BVV2.5mm2","三固",null,"粒",3,289.28,867.84,1.45,{"v":168,"d":"168.00"},{"v":504,"d":"504.00"}]
[8,"电源线","ZR-BV1.5mm2","三固",null,"粒",2,175.45,{"v":350.9,"d":"350.90"},1.45,{"v":95,"d":"95.00"},{"v":190,"d":"190.00"}]
[9,"电源线","ZR-BVV1.5mm2","三固",null,"粒",1.5,186.33,{"v":279.5,"d":"279.50"},1.45,{"v":107,"d":"107.00"},{"v":160.5,"d":"160.50"}]
[10,"电源线","ZR-BV1.5mm2","三固",null,"粒",1,175.45,175.45,1.45,{"v":95,"d":"95.00"},{"v":95,"d":"95.00"}]
[11,"空气开关","60A/4P","正泰",null,"个",1,{"v":522,"d":"522.00"},{"v":522,"d":"522.00"},1.45,{"v":31.5,"d":"31.50"},{"v":31.5,"d":"31.50"}]
[12,"空气开关","25A/1P","正泰",null,"个",5,36.25,181.25,1.45,6.37,31.85]
[13,"空气开关","10A/2P","正泰",null,"个",1,{"v":72.5,"d":"72.50"},{"v":72.5,"d":"72.50"},1.45,{"v":13.4,"d":"13.40"},{"v":13.4,"d":"13.40"}]
[14,"阻燃PVC线槽","59×22","国产",null,"米",87,8.41,731.67,1.45,2.46,214.02]
[15,"阻燃PVC线槽","39×19","国产",null,"米",100,4.21,{"v":421,"d":"421.00"},1.45,{"v":1.8,"d":"1.80"},{"v":180,"d":"180.00"}]
[16,"阻燃PVC线槽","24×14","国产",null,"米",111,3.05,338.55,1.45,1.15,127.65]
[17,"波纹管","DN25","国产",null,"米",20,3.19,{"v":63.8,"d":"63.80"},1.45,{"v":1.4,"d":"1.40"},{"v":28,"d":"28.00"}]
[18,"电源排插","五位电源排插","佳立","佳立905","只",1,{"v":26.1,"d":"26.10"},{"v":26.1,"d":"26.10"},1.45,{"v":22.5,"d":"22.50"},{"v":22.5,"d":"22.50"}]
[19,"机柜","15U (宽W60×深450×高78厘米)","弘誉","HYD5A-6415","台",1,{"v":797.5,"d":"797.50"},{"v":797.5,"d":"797.50"},1.45,{"v":360,"d":"360.00"},{"v":360,"d":"360.00"}]
[20,"超五类理线器","非屏蔽","大唐",null,"个",3,79.75,239.25,1.45,{"v":35,"d":"35.00"},{"v":105,"d":"105.00"}]
[21,"超五类四对双绞线","非屏蔽","三固",null,"箱",3,{"v":725,"d":"725.00"},{"v":2175,"d":"2,175.00"},1.45,{"v":387.5,"d":"387.50"},{"v":1162.5,"d":"1,162.50"}]
[22,"水晶头","网线两头直接打水晶头","唯康",null,"盒",1,{"v":147.9,"d":"147.90"},{"v":147.9,"d":"147.90"},1.45,{"v":40,"d":"40.00"},{"v":40,"d":"40.00"}]

{"sheet":"24台电脑","index":10,"n_rows":62,"n_cols":18,"rows_kept":62,"hidden":true,"merged":[[0,0,0,8],[1,1,1,6],[29,1,29,7],[30,1,30,7],[31,1,31,7],[32,1,32,7]],"flags":["formulas_cached_only"]}
["西南门、湖边小学电脑教室 详细报价表"]
[null,"学校自理：粉刷教室墙面、清空教室。",{"$nulls":6},"人民币（元）",null,"电脑数：24台学生机、1台教师机"]
["序号","设备名称","产品参数与规格","品牌","型号","单位","数量","单价","金额",null,"比值","成本","成本金额",null,"2014潮阳","2014改薄报价","改薄成本","2014年创强的配置"]
[null,"一、设备部分"]
[1,"教师计算机","Intel G3250 CPU(双核双线程 主频≥3.2GHz 3M缓存) /4G DDRIII 内存 /硬盘：500G，SATA接口，7200rpm  /19\"宽屏液晶显示器 /DVD光驱 /防水抗菌键盘、USB光电鼠标 /集成声卡、显卡、网卡 /三年有限保修及上门   /集成网络同传及还原功能","ACER","Veriton D430-3113","套",1,{"v":3865,"d":"3,865.00"},{"v":3865,"d":"3,865.00"},null,1.475,{"v":2620,"d":"2,620.00"},{"v":2620,"d":"2,620.00"},"此报价无南京远志软件",1.472,{"v":3862,"d":"3,862.00"},{"v":2620,"d":"2,620.00"},"Intel G3250 CPU(双核双线程 主频≥3.2GHz 3M缓存) /4G DDRIII 内存 /硬盘：500G，SATA接口，7200rpm  /19\"宽屏液晶显示器 /DVD光驱 /防水抗菌键盘、USB光电鼠标 /集成声卡、显卡、网卡 /三年有限保修及上门   /集成网络同传及还原功能  /安装管理软件和WINDOWS系统"]
[2,"学生计算机","Intel G1840 CPU(双核双线程 主频≥2.8GHz 2M缓存) /2G DDRIII 内存 /硬盘：500G，SATA接口，7200rpm  /19\"宽屏液晶显示器 /防水抗菌键盘、USB光电鼠标 /集成声卡、显卡、网卡  /三年有限保修及上门   /集成网络同传及还原功能","ACER","Veriton D430-3197","套",24,{"v":3390,"d":"3,390.00"},{"v":81360,"d":"81,360.00"},null,1.63,{"v":2080,"d":"2,080.00"},{"v":49920,"d":"49,920.00"},"此报价无南京远志软件",1.62,{"v":3370,"d":"3,370.00"},{"v":2080,"d":"2,080.00"},"Intel G1840 CPU(双核双线程 主频≥2.8GHz 2M缓存) /2G DDRIII 内存 /硬盘：500G，SATA接口，7200rpm  /19\"宽屏液晶显示器 /防水抗菌键盘、USB光电鼠标 /集成声卡、显卡、网卡  /三年有限保修及上门   /集成网络同传及还原功能  /安装管理软件和WINDOWS系统"]
[3,"头夹式耳机","头夹式耳机，带麦克风  /喇叭：φ40mm喇叭，阻抗32Ω，频率响应20Hz～20kHz，输出声压108dB；皮质头垫、包耳式耳垫。  /麦克风：φ6.0×5.0mm，全指向，阻抗2.2KΩ，灵敏度-58dB  /φ3.5mm插头；线长1.8米以上","硕美科","DT-2109","个",25,{"v":43,"d":"43.00"},{"v":1075,"d":"1,075.00"},null,1.5,{"v":28.5,"d":"28.50"},{"v":712.5,"d":"712.50"}]
[4,"落地式机柜","15U (宽W60×深450×高78厘米)","弘誉","HYD5A-6415","台",1,{"v":792,"d":"792.00"},{"v":792,"d":"792.00"},null,2.2,{"v":360,"d":"360.00"},{"v":360,"d":"360.00"}]
[5,"企业级路由器","百兆企业级无线路由器，内置防火墙； 1个WAN口、4个LAN口、1USB、1串行控制口； DHCP、PPPOE； 支持组播、VPN、QOS、ACL、ARP安全。 支持IPV4、IPV6单播路由。","华为","AR121-S","台",1,{"v":2325,"d":"2,325.00"},{"v":2325,"d":"2,325.00"},null,2.5,{"v":930,"d":"930.00"},{"v":930,"d":"930.00"}]
[6,"24口千兆交换机","24口千兆二层企业级交换机；背板带宽48Gbps；包转发率：36Mpps；MAC地址表8K；全双工/半双工自适应； 网络标准：IEEE 802.3，IEEE 802.3u，IEEE 802.3ab，ANSI/IEEE 802.3 Nway，IEEE 802.3x，IEEE 802.3az；交流电源","华为","S1724G-AC","台",2,{"v":1480,"d":"1,480.00"},{"v":2960,"d":"2,960.00"},null,2,{"v":740,"d":"740.00"},{"v":1480,"d":"1,480.00"}]
[7,"学生桌","1、双位学生桌：长120×宽55×高75cm；中纤板；浅木纹色。\n2、学生凳2张：凳高≥43厘米；塑料凳面；五爪金属脚","定制",null,"套",12,{"v":640,"d":"640.00"},{"v":7680,"d":"7,680.00"},null,2.2,{"v":291,"d":"291.00"},{"v":3492,"d":"3,492.00"}]
[8,"教学讲台","1、讲台：长180×宽60×高75cm；中纤板；浅木纹色。\n2、教师椅：有扶手、有靠背、带轮子","定制",null,"套",1,{"v":2282,"d":"2,282.00"},{"v":2282,"d":"2,282.00"},null,2.7,{"v":845,"d":"845.00"},{"v":845,"d":"845.00"}]
[9,"全自动稳压电源","全自动稳压电源；20KVA","全力","SJW-20KVS","台",1,{"v":6400,"d":"6,400.00"},{"v":6400,"d":"6,400.00"},null,3.2,{"v":2000,"d":"2,000.00"},{"v":2000,"d":"2,000.00"}]
[10,"UPS电源","后备式UPS；额定功率500VA；后备时间≥7分钟；转换时间10毫秒；阀控式铅酸蓄电池；充电时间10小时；","山特","TG500","台",1,{"v":378,"d":"378.00"},{"v":378,"d":"378.00"},null,2.1,{"v":180,"d":"180.00"},{"v":180,"d":"180.00"}]
[11,"合并式功率放大器","2U铝合金面板；2路线路输入；2路话筒输入；设高音和低音独立调节。2种功率输出方式；内置2级有源高通滤波及完整的线路安全工作保证。","ITC","T-30C","台",1,{"v":792,"d":"792.00"},{"v":792,"d":"792.00"},null,2,{"v":396,"d":"396.00"},{"v":396,"d":"396.00"}]
[12,"室内全频音柱","2个5\"喇叭单元,15W功率,灵敏度90dB±3dB,木质外壳,壁挂式","ITC","T-301A","个",2,{"v":318,"d":"318.00"},{"v":636,"d":"636.00"},null,2,{"v":159,"d":"159.00"},{"v":318,"d":"318.00"}]
[13,"鹅颈式有线话筒","频率响应：50-12KHz;阻抗:600Ω;灵敏度:-63dB;尺寸:125x150x455mm;重量:1.3Kg;电源:AC 220V /50Hz","ITC","T-621","个",1,{"v":338,"d":"338.00"},{"v":338,"d":"338.00"},null,2,{"v":169,"d":"169.00"},{"v":169,"d":"169.00"}]
[14,"网络教学软件","1、网络教学：屏幕录制、屏幕回放、屏幕广播；电子教鞭、文件收集、远程命令、远程设置、远程消息、电子举手、黑屏肃静；\n2、硬盘检测、软硬件资产侦测及盘点；\n3、支持所有格式图像的显示方式。增加了网络实时考试系统功能，实现完美的教学评估应用。\n4、软件厂商要提供软件著作权证书","南京远志","Lanstar 8","套",1,{"v":3375,"d":"3,375.00"},{"v":3375,"d":"3,375.00"},null,1.5,{"v":2250,"d":"2250.00"},{"v":2250,"d":"2,250.00"}]
[15,"投影机","DLP显示技术；3200流明；分辨率1280×800；对比度15000:1；主机2年质保（灯泡6个月）；遥控器具备红外遥控和翻页功能","ACER","X1385WH","台",1,{"v":7040,"d":"7,040.00"},{"v":7040,"d":"7,040.00"},null,2.2,{"v":3200,"d":"3200.00"},{"v":3200,"d":"3,200.00"}]
[16,"投影屏幕","100寸电动遥控幕 16：9 白塑幕","莱特斯",null,"块",1,{"v":756,"d":"756.00"},{"v":756,"d":"756.00"},null,1.8,{"v":420,"d":"420.00"},{"v":420,"d":"420.00"}]
[null,"二、配套建设"]
[1,"明装配电箱","24位配电箱 带接地母排；一体化防雷模块；空气开关","定制",null,"项",1,{"v":1086,"d":"1,086.00"},{"v":1086,"d":"1,086.00"},null,3,{"v":362,"d":"362.00"},{"v":362,"d":"362.00"}]
[2,"教室电源主干","学校将电源主干线（满足电脑教室用）布放到教室内。本次工程续接到稳压电源和配电箱上，预估电源主干线的长度15米。","三固",null,"项",1,{"v":927,"d":"927.00"},{"v":927,"d":"927.00"},null,1.3,{"v":713,"d":"713.00"},{"v":713,"d":"713.00"}]
[3,"电源线","ZR-BVV4mm2    2粒\nZR-BV2.5mm2   1粒\nZR-BVV2.5mm2  2.5粒\nZR-BV1.5mm2   1.5粒\nZR-BVV1.5mm2  1粒","三固",null,"项",1,{"v":2297,"d":"2,297.00"},{"v":2297,"d":"2,297.00"},null,1.7,{"v":1351,"d":"1,351.00"},{"v":1351,"d":"1,351.00"}]
[4,"电源插座","五孔电源插座4个；六孔电源插座(电脑数)。五位电源排插1个。","八达",null,"项",1,{"v":363,"d":"363.00"},{"v":363,"d":"363.00"},null,1.5,{"v":242,"d":"242.00"},{"v":242,"d":"242.00"}]
[5,"网线","超五类非屏蔽四对双绞线","大唐",null,"箱",2,{"v":660,"d":"660.00"},{"v":1320,"d":"1,320.00"},null,1.7,{"v":388,"d":"388.00"},{"v":776,"d":"776.00"}]
[6,"阻燃PVC线槽","59×22； 39×19； 24×14","国产",null,"项",1,{"v":788,"d":"788.00"},{"v":788,"d":"788.00"},null,2,{"v":394,"d":"394.00"},{"v":394,"d":"394.00"}]
[7,"土建配套","地面上埋线、上盖弧形金属槽；水晶头、3个理线器、投影吊架","定制",null,"项",1,{"v":2592,"d":"2,592.00"},{"v":2592,"d":"2,592.00"},null,1.6,{"v":1620,"d":"1,620.00"},{"v":1620,"d":"1,620.00"}]
[]
["A","设备材料小计",{"$nulls":6},{"v":131427,"d":"131,427.00"},{"$nulls":3},{"v":74750.5,"d":"74,750.50"}]
["B","项目施工、系统集成、售后服务费",{"$nulls":6},{"v":13143,"d":"13,143.00"}]
["C","税费",{"$nulls":6},{"v":5027,"d":"5,027.00"}]
["D","项目合计",{"$nulls":6},{"v":149597,"d":"149,597.00"}]
[]
[]
[{"$nulls":8},{"v":74846.5,"d":"74,846.50"}]
[{"$nulls":8},{"v":0.5003208620493726,"d":"50.03%"}]
[]
[null,"以下是设计 计算用，不列入对外的设备清单。"]
[]
[1,"土建配套","地面埋线、上面盖U型槽","定制",null,"项",1,{"v":2500,"d":"2,500.00"},{"v":2500,"d":"2,500.00"},null,1.3,{"v":1620,"d":"1,620.00"},{"v":1620,"d":"1,620.00"}]
[2,"教室内配电箱","24位 带接地母排","金海",null,"个",1,{"v":406,"d":"406.00"},{"v":406,"d":"406.00"},null,1.45,{"v":115,"d":"115.00"},{"v":115,"d":"115.00"}]
[3,"五孔电源插座","五孔电源插座","八达",null,"个",4,{"v":11.6,"d":"11.60"},{"v":46.4,"d":"46.40"},null,1.45,{"v":6.5,"d":"6.50"},{"v":26,"d":"26.00"}]
[4,"六孔电源插座","六孔电源插座","八达",null,"个",25,{"v":11.6,"d":"11.60"},{"v":290,"d":"290.00"},null,1.45,{"v":7.7,"d":"7.70"},{"v":192.5,"d":"192.50"}]
[5,"电源线","ZR-BVV4mm2","三固",null,"粒",2,{"v":461.1,"d":"461.10"},{"v":922.2,"d":"922.20"},null,1.45,{"v":268,"d":"268.00"},{"v":536,"d":"536.00"}]
[6,"电源线","ZR-BV2.5mm2","三固",null,"粒",1,274.05,274.05,null,1.45,{"v":145,"d":"145.00"},{"v":145,"d":"145.00"}]
[7,"电源线","ZR-BVV2.5mm2","三固",null,"粒",2,289.28,578.56,null,1.45,{"v":168,"d":"168.00"},{"v":336,"d":"336.00"}]
[8,"电源线","ZR-BV1.5mm2","三固",null,"粒",1,175.45,175.45,null,1.45,{"v":95,"d":"95.00"},{"v":95,"d":"95.00"}]
[9,"电源线","ZR-BVV1.5mm2","三固",null,"粒",1,186.33,186.33,null,1.45,{"v":107,"d":"107.00"},{"v":107,"d":"107.00"}]
[10,"电源线","ZR-BV1.5mm2","三固",null,"粒",0.5,175.45,87.73,null,1.45,{"v":95,"d":"95.00"},{"v":47.5,"d":"47.50"}]
[11,"空气开关","60A/4P","正泰",null,"个",1,{"v":522,"d":"522.00"},{"v":522,"d":"522.00"},null,1.45,{"v":31.5,"d":"31.50"},{"v":31.5,"d":"31.50"}]
[12,"空气开关","25A/1P","正泰",null,"个",3,36.25,108.75,null,1.45,6.37,19.11]
[13,"空气开关","10A/2P","正泰",null,"个",1,{"v":72.5,"d":"72.50"},{"v":72.5,"d":"72.50"},null,1.45,{"v":13.4,"d":"13.40"},{"v":13.4,"d":"13.40"}]
[14,"阻燃PVC线槽","59×22","国产",null,"米",67,8.41,563.47,null,1.45,2.46,164.82]
[15,"阻燃PVC线槽","39×19","国产",null,"米",68,4.21,286.28,null,1.45,{"v":1.8,"d":"1.80"},{"v":122.4,"d":"122.40"}]
[16,"阻燃PVC线槽","24×14","国产",null,"米",75,3.05,228.75,null,1.45,1.15,86.25]
[17,"波纹管","DN25","国产",null,"米",15,3.19,47.85,null,1.45,{"v":1.4,"d":"1.40"},{"v":21,"d":"21.00"}]
[18,"电源排插","五位电源排插","佳立","佳立905","只",1,{"v":26.1,"d":"26.10"},{"v":26.1,"d":"26.10"},null,1.45,{"v":22.5,"d":"22.50"},{"v":22.5,"d":"22.50"}]
[19,"机柜","15U (宽W60×深450×高78厘米)","弘誉","HYD5A-6415","台",1,{"v":797.5,"d":"797.50"},{"v":797.5,"d":"797.50"},null,1.45,{"v":360,"d":"360.00"},{"v":360,"d":"360.00"}]
[20,"超五类理线器","非屏蔽","大唐",null,"个",2,79.75,{"v":159.5,"d":"159.50"},null,1.45,{"v":35,"d":"35.00"},{"v":70,"d":"70.00"}]
[21,"超五类四对双绞线","非屏蔽","三固",null,"箱",2,{"v":725,"d":"725.00"},{"v":1450,"d":"1,450.00"},null,1.45,{"v":387.5,"d":"387.50"},{"v":775,"d":"775.00"}]
[22,"水晶头","网线两头直接打水晶头","唯康",null,"盒",1,{"v":147.9,"d":"147.90"},{"v":147.9,"d":"147.90"},null,1.45,{"v":40,"d":"40.00"},{"v":40,"d":"40.00"}]

{"sheet":"20台电脑","index":11,"n_rows":62,"n_cols":18,"rows_kept":62,"hidden":true,"merged":[[0,0,0,8],[1,1,1,6],[29,1,29,7],[30,1,30,7],[31,1,31,7],[32,1,32,7]],"flags":["formulas_cached_only"]}
["西南门、湖边小学电脑教室 详细报价表"]
[null,"学校自理：粉刷教室墙面、清空教室。",{"$nulls":6},"人民币（元）",null,"电脑数：20台学生机、1台教师机"]
["序号","设备名称","产品参数与规格","品牌","型号","单位","数量","单价","金额",null,"比值","成本","成本金额",null,"2014潮阳","2014改薄报价","改薄成本","2014年创强的配置"]
[null,"一、设备部分"]
[1,"教师计算机","Intel G3250 CPU(双核双线程 主频≥3.2GHz 3M缓存) /4G DDRIII 内存 /硬盘：500G，SATA接口，7200rpm  /19\"宽屏液晶显示器 /DVD光驱 /防水抗菌键盘、USB光电鼠标 /集成声卡、显卡、网卡 /三年有限保修及上门   /集成网络同传及还原功能","ACER","Veriton D430-3113","套",1,{"v":3865,"d":"3,865.00"},{"v":3865,"d":"3,865.00"},null,1.475,{"v":2620,"d":"2,620.00"},{"v":2620,"d":"2,620.00"},"此报价无南京远志软件",1.472,{"v":3862,"d":"3,862.00"},{"v":2620,"d":"2,620.00"},"Intel G3250 CPU(双核双线程 主频≥3.2GHz 3M缓存) /4G DDRIII 内存 /硬盘：500G，SATA接口，7200rpm  /19\"宽屏液晶显示器 /DVD光驱 /防水抗菌键盘、USB光电鼠标 /集成声卡、显卡、网卡 /三年有限保修及上门   /集成网络同传及还原功能  /安装管理软件和WINDOWS系统"]
[2,"学生计算机","Intel G1840 CPU(双核双线程 主频≥2.8GHz 2M缓存) /2G DDRIII 内存 /硬盘：500G，SATA接口，7200rpm  /19\"宽屏液晶显示器 /防水抗菌键盘、USB光电鼠标 /集成声卡、显卡、网卡  /三年有限保修及上门   /集成网络同传及还原功能","ACER","Veriton D430-3197","套",20,{"v":3390,"d":"3,390.00"},{"v":67800,"d":"67,800.00"},null,1.63,{"v":2080,"d":"2,080.00"},{"v":41600,"d":"41,600.00"},"此报价无南京远志软件",1.62,{"v":3370,"d":"3,370.00"},{"v":2080,"d":"2,080.00"},"Intel G1840 CPU(双核双线程 主频≥2.8GHz 2M缓存) /2G DDRIII 内存 /硬盘：500G，SATA接口，7200rpm  /19\"宽屏液晶显示器 /防水抗菌键盘、USB光电鼠标 /集成声卡、显卡、网卡  /三年有限保修及上门   /集成网络同传及还原功能  /安装管理软件和WINDOWS系统"]
[3,"头夹式耳机","头夹式耳机，带麦克风  /喇叭：φ40mm喇叭，阻抗32Ω，频率响应20Hz～20kHz，输出声压108dB；皮质头垫、包耳式耳垫。  /麦克风：φ6.0×5.0mm，全指向，阻抗2.2KΩ，灵敏度-58dB  /φ3.5mm插头；线长1.8米以上","硕美科","DT-2109","个",21,{"v":43,"d":"43.00"},{"v":903,"d":"903.00"},null,1.5,{"v":28.5,"d":"28.50"},{"v":598.5,"d":"598.50"}]
[4,"落地式机柜","15U (宽W60×深450×高78厘米)","弘誉","HYD5A-6415","台",1,{"v":792,"d":"792.00"},{"v":792,"d":"792.00"},null,2.2,{"v":360,"d":"360.00"},{"v":360,"d":"360.00"}]
[5,"企业级路由器","百兆企业级无线路由器，内置防火墙； 1个WAN口、4个LAN口、1USB、1串行控制口； DHCP、PPPOE； 支持组播、VPN、QOS、ACL、ARP安全。 支持IPV4、IPV6单播路由。","华为","AR121-S","台",1,{"v":2325,"d":"2,325.00"},{"v":2325,"d":"2,325.00"},null,2.5,{"v":930,"d":"930.00"},{"v":930,"d":"930.00"}]
[6,"24口千兆交换机","24口千兆二层企业级交换机；背板带宽48Gbps；包转发率：36Mpps；MAC地址表8K；全双工/半双工自适应； 网络标准：IEEE 802.3，IEEE 802.3u，IEEE 802.3ab，ANSI/IEEE 802.3 Nway，IEEE 802.3x，IEEE 802.3az；交流电源","华为","S1724G-AC","台",1,{"v":1480,"d":"1,480.00"},{"v":1480,"d":"1,480.00"},null,2,{"v":740,"d":"740.00"},{"v":740,"d":"740.00"}]
[7,"学生桌","1、双位学生桌：长120×宽55×高75cm；中纤板；浅木纹色。\n2、学生凳2张：凳高≥43厘米；塑料凳面；五爪金属脚","定制",null,"套",10,{"v":640,"d":"640.00"},{"v":6400,"d":"6,400.00"},null,2.2,{"v":291,"d":"291.00"},{"v":2910,"d":"2,910.00"}]
[8,"教学讲台","1、讲台：长180×宽60×高75cm；中纤板；浅木纹色。\n2、教师椅：有扶手、有靠背、带轮子","定制",null,"套",1,{"v":2282,"d":"2,282.00"},{"v":2282,"d":"2,282.00"},null,2.7,{"v":845,"d":"845.00"},{"v":845,"d":"845.00"}]
[9,"全自动稳压电源","全自动稳压电源；20KVA","全力","SJW-20KVS","台",1,{"v":6400,"d":"6,400.00"},{"v":6400,"d":"6,400.00"},null,3.2,{"v":2000,"d":"2,000.00"},{"v":2000,"d":"2,000.00"}]
[10,"UPS电源","后备式UPS；额定功率500VA；后备时间≥7分钟；转换时间10毫秒；阀控式铅酸蓄电池；充电时间10小时；","山特","TG500","台",1,{"v":378,"d":"378.00"},{"v":378,"d":"378.00"},null,2.1,{"v":180,"d":"180.00"},{"v":180,"d":"180.00"}]
[11,"合并式功率放大器","2U铝合金面板；2路线路输入；2路话筒输入；设高音和低音独立调节。2种功率输出方式；内置2级有源高通滤波及完整的线路安全工作保证。","ITC","T-30C","台",1,{"v":792,"d":"792.00"},{"v":792,"d":"792.00"},null,2,{"v":396,"d":"396.00"},{"v":396,"d":"396.00"}]
[12,"室内全频音柱","2个5\"喇叭单元,15W功率,灵敏度90dB±3dB,木质外壳,壁挂式","ITC","T-301A","个",2,{"v":318,"d":"318.00"},{"v":636,"d":"636.00"},null,2,{"v":159,"d":"159.00"},{"v":318,"d":"318.00"}]
[13,"鹅颈式有线话筒","频率响应：50-12KHz;阻抗:600Ω;灵敏度:-63dB;尺寸:125x150x455mm;重量:1.3Kg;电源:AC 220V /50Hz","ITC","T-621","个",1,{"v":338,"d":"338.00"},{"v":338,"d":"338.00"},null,2,{"v":169,"d":"169.00"},{"v":169,"d":"169.00"}]
[14,"网络教学软件","1、网络教学：屏幕录制、屏幕回放、屏幕广播；电子教鞭、文件收集、远程命令、远程设置、远程消息、电子举手、黑屏肃静；\n2、硬盘检测、软硬件资产侦测及盘点；\n3、支持所有格式图像的显示方式。增加了网络实时考试系统功能，实现完美的教学评估应用。\n4、软件厂商要提供软件著作权证书","南京远志","Lanstar 8","套",1,{"v":3375,"d":"3,375.00"},{"v":3375,"d":"3,375.00"},null,1.5,{"v":2250,"d":"2250.00"},{"v":2250,"d":"2,250.00"}]
[15,"投影机","DLP显示技术；3200流明；分辨率1280×800；对比度15000:1；主机2年质保（灯泡6个月）；遥控器具备红外遥控和翻页功能","ACER","X1385WH","台",1,{"v":7040,"d":"7,040.00"},{"v":7040,"d":"7,040.00"},null,2.2,{"v":3200,"d":"3200.00"},{"v":3200,"d":"3,200.00"}]
[16,"投影屏幕","100寸电动遥控幕 16：9 白塑幕","莱特斯",null,"块",1,{"v":756,"d":"756.00"},{"v":756,"d":"756.00"},null,1.8,{"v":420,"d":"420.00"},{"v":420,"d":"420.00"}]
[null,"二、配套建设"]
[1,"明装配电箱","24位配电箱 带接地母排；一体化防雷模块；空气开关","定制",null,"项",1,{"v":1068,"d":"1,068.00"},{"v":1068,"d":"1,068.00"},null,3,{"v":356,"d":"356.00"},{"v":356,"d":"356.00"}]
[2,"教室电源主干","学校将电源主干线（满足电脑教室用）布放到教室内。本次工程续接到稳压电源和配电箱上，预估电源主干线的长度15米。","三固",null,"项",1,{"v":927,"d":"927.00"},{"v":927,"d":"927.00"},null,1.3,{"v":713,"d":"713.00"},{"v":713,"d":"713.00"}]
[3,"电源线","ZR-BVV4mm2    2粒\nZR-BV2.5mm2   1粒\nZR-BVV2.5mm2  2粒\nZR-BV1.5mm2   1.5粒\nZR-BVV1.5mm2  1粒","三固",null,"项",1,{"v":2154,"d":"2,154.00"},{"v":2154,"d":"2,154.00"},null,1.7,{"v":1267,"d":"1,267.00"},{"v":1267,"d":"1,267.00"}]
[4,"电源插座","五孔电源插座4个；六孔电源插座(电脑数)。五位电源排插1个。","八达",null,"项",1,{"v":317,"d":"317.00"},{"v":317,"d":"317.00"},null,1.5,{"v":211,"d":"211.00"},{"v":211,"d":"211.00"}]
[5,"网线","超五类非屏蔽四对双绞线","大唐",null,"箱",2,{"v":660,"d":"660.00"},{"v":1320,"d":"1,320.00"},null,1.7,{"v":388,"d":"388.00"},{"v":776,"d":"776.00"}]
[6,"阻燃PVC线槽","59×22； 39×19； 24×14","国产",null,"项",1,{"v":678,"d":"678.00"},{"v":678,"d":"678.00"},null,2,{"v":339,"d":"339.00"},{"v":339,"d":"339.00"}]
[7,"土建配套","地面上埋线、上盖弧形金属槽；水晶头、2个理线器、投影吊架","定制",null,"项",1,{"v":2592,"d":"2,592.00"},{"v":2592,"d":"2,592.00"},null,1.6,{"v":1620,"d":"1,620.00"},{"v":1620,"d":"1,620.00"}]
[]
["A","设备材料小计",{"$nulls":6},{"v":114618,"d":"114,618.00"},{"$nulls":3},{"v":64818.5,"d":"64,818.50"}]
["B","项目施工、系统集成、售后服务费",{"$nulls":6},{"v":11462,"d":"11,462.00"}]
["C","税费",{"$nulls":6},{"v":4384,"d":"4,384.00"}]
["D","项目合计",{"$nulls":6},{"v":130464,"d":"130,464.00"}]
[]
[]
[{"$nulls":8},{"v":65645.5,"d":"65,645.50"}]
[{"$nulls":8},{"v":0.503169456708364,"d":"50.32%"}]
[]
[null,"以下是设计 计算用，不列入对外的设备清单。"]
[]
[1,"土建配套","地面埋线、上面盖U型槽","定制",null,"项",1,{"v":2500,"d":"2,500.00"},{"v":2500,"d":"2,500.00"},null,1.3,{"v":1620,"d":"1,620.00"},{"v":1620,"d":"1,620.00"}]
[2,"教室内配电箱","24位 带接地母排","金海",null,"个",1,{"v":406,"d":"406.00"},{"v":406,"d":"406.00"},null,1.45,{"v":115,"d":"115.00"},{"v":115,"d":"115.00"}]
[3,"五孔电源插座","五孔电源插座","八达",null,"个",4,{"v":11.6,"d":"11.60"},{"v":46.4,"d":"46.40"},null,1.45,{"v":6.5,"d":"6.50"},{"v":26,"d":"26.00"}]
[4,"六孔电源插座","六孔电源插座","八达",null,"个",21,{"v":11.6,"d":"11.60"},{"v":243.6,"d":"243.60"},null,1.45,{"v":7.7,"d":"7.70"},{"v":161.7,"d":"161.70"}]
[5,"电源线","ZR-BVV4mm2","三固",null,"粒",2,{"v":461.1,"d":"461.10"},{"v":922.2,"d":"922.20"},null,1.45,{"v":268,"d":"268.00"},{"v":536,"d":"536.00"}]
[6,"电源线","ZR-BV2.5mm2","三固",null,"粒",1,274.05,274.05,null,1.45,{"v":145,"d":"145.00"},{"v":145,"d":"145.00"}]
[7,"电源线","ZR-BVV2.5mm2","三固",null,"粒",2,289.28,578.56,null,1.45,{"v":168,"d":"168.00"},{"v":336,"d":"336.00"}]
[8,"电源线","ZR-BV1.5mm2","三固",null,"粒",1,175.45,175.45,null,1.45,{"v":95,"d":"95.00"},{"v":95,"d":"95.00"}]
[9,"电源线","ZR-BVV1.5mm2","三固",null,"粒",1,186.33,186.33,null,1.45,{"v":107,"d":"107.00"},{"v":107,"d":"107.00"}]
[10,"电源线","ZR-BV1.5mm2","三固",null,"粒",0.5,175.45,87.73,null,1.45,{"v":95,"d":"95.00"},{"v":47.5,"d":"47.50"}]
[11,"空气开关","60A/4P","正泰",null,"个",1,{"v":522,"d":"522.00"},{"v":522,"d":"522.00"},null,1.45,{"v":31.5,"d":"31.50"},{"v":31.5,"d":"31.50"}]
[12,"空气开关","25A/1P","正泰",null,"个",3,36.25,108.75,null,1.45,6.37,19.11]
[13,"空气开关","10A/2P","正泰",null,"个",1,{"v":72.5,"d":"72.50"},{"v":72.5,"d":"72.50"},null,1.45,{"v":13.4,"d":"13.40"},{"v":13.4,"d":"13.40"}]
[14,"阻燃PVC线槽","59×22","国产",null,"米",61,8.41,513.01,null,1.45,2.46,150.06]
[15,"阻燃PVC线槽","39×19","国产",null,"米",57,4.21,239.97,null,1.45,{"v":1.8,"d":"1.80"},{"v":102.6,"d":"102.60"}]
[16,"阻燃PVC线槽","24×14","国产",null,"米",63,3.05,192.15,null,1.45,1.15,72.45]
[17,"波纹管","DN25","国产",null,"米",10,3.19,{"v":31.9,"d":"31.90"},null,1.45,{"v":1.4,"d":"1.40"},{"v":14,"d":"14.00"}]
[18,"电源排插","五位电源排插","佳立","佳立905","只",1,{"v":26.1,"d":"26.10"},{"v":26.1,"d":"26.10"},null,1.45,{"v":22.5,"d":"22.50"},{"v":22.5,"d":"22.50"}]
[19,"机柜","15U (宽W60×深450×高78厘米)","弘誉","HYD5A-6415","台",1,{"v":797.5,"d":"797.50"},{"v":797.5,"d":"797.50"},null,1.45,{"v":360,"d":"360.00"},{"v":360,"d":"360.00"}]
[20,"超五类理线器","非屏蔽","大唐",null,"个",2,79.75,{"v":159.5,"d":"159.50"},null,1.45,{"v":35,"d":"35.00"},{"v":70,"d":"70.00"}]
[21,"超五类四对双绞线","非屏蔽","三固",null,"箱",2,{"v":725,"d":"725.00"},{"v":1450,"d":"1,450.00"},null,1.45,{"v":387.5,"d":"387.50"},{"v":775,"d":"775.00"}]
[22,"水晶头","网线两头直接打水晶头","唯康",null,"盒",1,{"v":147.9,"d":"147.90"},{"v":147.9,"d":"147.90"},null,1.45,{"v":40,"d":"40.00"},{"v":40,"d":"40.00"}]

{"sheet":"教学平台 木","index":12,"n_rows":22,"n_cols":14,"rows_kept":22,"hidden":true,"merged":[[0,0,0,8],[15,1,15,7],[16,1,16,7],[17,1,17,7],[18,1,18,7]],"flags":["formulas_cached_only"]}
["中小学多媒体教学平台   详细报价表"]
[{"$nulls":8},"人民币（元）"]
["序号","设备名称","设备配置或者参数","品牌","型号","单位","数量","单价","金额",null,"比值","成本","成本金额"]
[1,"教师计算机","Intel G3250 CPU(双核双线程 主频≥3.2GHz 3M缓存) /4G DDRIII 内存 /硬盘：500G，SATA接口，7200rpm  /19\"宽屏液晶显示器 /DVD光驱 /防水抗菌键盘、USB光电鼠标 /集成声卡、显卡、网卡 /三年有限保修及上门   /集成网络同传及还原功能","ACER","Veriton D430-3113","套",1,{"v":3865,"d":"3,865.00"},{"v":3865,"d":"3,865.00"},null,1.475,{"v":2620,"d":"2,620.00"},{"v":2620,"d":"2,620.00"},"此报价无南京远志软件"]
[2,"宽屏投影机","DLP显示技术；3200流明；分辨率1280×800；对比度15000:1；主机2年质保（灯泡6个月）；遥控器具备红外遥控和翻页功能","ACER","X1385WH","台",1,{"v":7040,"d":"7,040.00"},{"v":7040,"d":"7,040.00"},null,2.2,{"v":3200,"d":"3200.00"},{"v":3200,"d":"3,200.00"}]
[3,"投影屏幕","100寸电动遥控幕 16：9 白塑幕","莱特斯",null,"块",1,{"v":714,"d":"714.00"},{"v":714,"d":"714.00"},null,1.7,{"v":420,"d":"420.00"},{"v":420,"d":"420.00"}]
[4,"无线演示器","翻页笔：含无线接收器；无线控制距离10米；红色激光指针","诺为","(KNORVAY)N75 ","个",1,{"v":158,"d":"158.00"},{"v":158,"d":"158.00"},null,2,{"v":79,"d":"79.00"},{"v":79,"d":"79.00"}]
[5,"实物视频展台","1/3\"彩色专业图像传感器；≥320万像素；≥900TV线；整机放大倍数≥220倍；镜头可350度垂直或350度水平转动拍摄；；2个VGA输入和2个VGA输出；具有教师备课工具及互动教学工具功能（软件）；展台中控：断电后电脑画面可继续显示。","银狐","TT-850","台",1,{"v":2156,"d":"2,156.00"},{"v":2156,"d":"2,156.00"},null,2.8,{"v":770,"d":"770.00"},{"v":770,"d":"770.00"}]
[6,"教学讲台","木质：长140×宽60×高95厘米；中纤板；浅木纹色。电脑、实物展台全部内置；显示器内藏。","定制",null,"台",1,{"v":1788,"d":"1,788.00"},{"v":1788,"d":"1,788.00"},null,2.75,{"v":650,"d":"650.00"},{"v":650,"d":"650.00"}]
[7,"合并式功率放大器","2U铝合金面板；2路线路输入；2路话筒输入；设高音和低音独立调节。2种功率输出方式；内置2级有源高通滤波及完整的线路安全工作保证。","ITC","T-30C","台",1,{"v":792,"d":"792.00"},{"v":792,"d":"792.00"},null,2,{"v":396,"d":"396.00"},{"v":396,"d":"396.00"}]
[8,"室内全频音柱","2个5\"喇叭单元,15W功率,灵敏度90dB±3dB,木质外壳,壁挂式","ITC","T-301A","个",2,{"v":318,"d":"318.00"},{"v":636,"d":"636.00"},null,2,{"v":159,"d":"159.00"},{"v":318,"d":"318.00"}]
[9,"鹅颈式有线话筒","频率响应：50-12KHz;阻抗:600Ω;灵敏度:-63dB;尺寸:125x150x455mm;重量:1.3Kg;电源:AC 220V /50Hz","ITC","T-621","个",1,{"v":338,"d":"338.00"},{"v":338,"d":"338.00"},null,2,{"v":169,"d":"169.00"},{"v":169,"d":"169.00"}]
[10,"设备配套","金银双色音箱线2*100支36米；VGA线20米、五孔电源插座3个、五位电源插排1个；电源线BVV 1.5mm2 *3；2米音频线（2头3.5mm接头）；配电箱、空开。","国产",null,"项",1,{"v":1372,"d":"1,372.00"},{"v":1372,"d":"1,372.00"},null,2,{"v":686,"d":"686.00"},{"v":686,"d":"686.00"}]
[11,"辅材材料","阻燃PVC线槽、PVC线管、波纹管、直通头、压线槽、膨胀螺丝、铁钉、胶布、标签、扎带等","国产",null,"项",1,{"v":336,"d":"336.00"},{"v":336,"d":"336.00"},null,2,168.16,168.16]
[]
["A","教室电教平台设备小计",{"$nulls":6},{"v":19195,"d":"19,195.00"},{"$nulls":3},{"v":9476.16,"d":"9,476.16"}]
["B","施工费、运输、售后服务费",{"$nulls":6},{"v":1920,"d":"1,920.00"}]
["C","税费",{"$nulls":6},{"v":734,"d":"734.00"}]
["D","合计",{"$nulls":6},{"v":21849,"d":"21,849.00"}]
[]
[{"$nulls":12},{"v":12372.84,"d":"12,372.84"}]
[{"$nulls":12},{"v":0.5662886173280242,"d":"56.63%"}]

{"sheet":"多动能室","index":13,"n_rows":22,"n_cols":14,"rows_kept":22,"hidden":true,"merged":[[0,0,0,8],[15,1,15,7],[16,1,16,7],[17,1,17,7],[18,1,18,7]],"flags":["formulas_cached_only"]}
["中小学多功能室   详细报价表"]
[{"$nulls":8},"人民币（元）"]
["序号","设备名称","设备配置或者参数","品牌","型号","单位","数量","单价","金额",null,"比值","成本","成本金额"]
[1,"教师计算机","Intel G3250 CPU(双核双线程 主频≥3.2GHz 3M缓存) /4G DDRIII 内存 /硬盘：500G，SATA接口，7200rpm  /19\"宽屏液晶显示器 /DVD光驱 /防水抗菌键盘、USB光电鼠标 /集成声卡、显卡、网卡 /三年有限保修及上门   /集成网络同传及还原功能","ACER","Veriton D430-3113","套",1,{"v":3865,"d":"3,865.00"},{"v":3865,"d":"3,865.00"},null,1.475,{"v":2620,"d":"2,620.00"},{"v":2620,"d":"2,620.00"},"此报价无南京远志软件"]
[2,"宽屏投影机","DLP显示技术；3200流明；分辨率1280×800；对比度15000:1；主机2年质保（灯泡6个月）；遥控器具备红外遥控和翻页功能","ACER","X1385WH","台",1,{"v":7040,"d":"7,040.00"},{"v":7040,"d":"7,040.00"},null,2.2,{"v":3200,"d":"3200.00"},{"v":3200,"d":"3,200.00"}]
[3,"投影屏幕","120寸电动遥控幕 16：9 白塑幕","莱特斯",null,"块",1,{"v":1190,"d":"1,190.00"},{"v":1190,"d":"1,190.00"},null,1.7,{"v":700,"d":"700.00"},{"v":700,"d":"700.00"}]
[4,"无线演示器","翻页笔：含无线接收器；无线控制距离10米；红色激光指针","诺为","(KNORVAY)N75 ","个",1,{"v":158,"d":"158.00"},{"v":158,"d":"158.00"},null,2,{"v":79,"d":"79.00"},{"v":79,"d":"79.00"}]
[5,"教学讲台","木质：长140×宽60×高95厘米；中纤板；浅木纹色。电脑、实物展台全部内置；显示器内藏。","定制",null,"台",1,{"v":1788,"d":"1,788.00"},{"v":1788,"d":"1,788.00"},null,2.75,{"v":650,"d":"650.00"},{"v":650,"d":"650.00"}]
[6,"无线话筒带接收机","4支无线话筒、无线接收机","ITC","T-524UH","套",1,{"v":3431,"d":"3,431.00"},{"v":3431,"d":"3,431.00"},null,1.5,{"v":2287,"d":"2,287.00"},{"v":2287,"d":"2,287.00"}]
[7,"音箱150W\n(1对主 1对辅助）","二分频全频专业扩声音箱；ф34钛膜高音、ф126磁10寸低音；8Ω阻抗；60Hz～20KHz频响；150W功率；100dB灵敏度；黑灰色喷漆；尺寸:360×290×540mm；重量:20Kg","ITC","TS-10A","只",2,{"v":2800,"d":"2,800.00"},{"v":5600,"d":"5,600.00"},null,2,{"v":1400,"d":"1,400.00"},{"v":2800,"d":"2,800.00"}]
[8,"功放300W*2","1.双单声道平衡输入结构； 立体声、桥接、平衡输入方式；H类高效的放大电路,内置自动温度控制的冷却系统；高保真的音质；\n2.开机自动软启动、内置智能限压系统；立体声、桥接输出方式；内置100HZ高通滤波器\n3.输出功率:20Hz-20KHz/THD≤0.1％、(Into8Ohms×2 )300W；频率响应；20Hz-20KHz/-1dB\n4.电压增益：26dB；信噪比：105dB；尺寸：（W×H×D）484×88×360mm；重量：26Kg","ITC","TA-H6","台",1,{"v":3950,"d":"3,950.00"},{"v":3950,"d":"3,950.00"},null,2,{"v":1975,"d":"1,975.00"},{"v":1975,"d":"1,975.00"}]
[9,"多功能室椅","80位学生折叠椅（塑料凳面，金属椅脚）；8位教师椅和会议桌（长120×宽40×高75厘米）","定制",null,"套",88,{"v":312,"d":"312.00"},{"v":27456,"d":"27,456.00"},null,1.2,{"v":260,"d":"260.00"},{"v":22880,"d":"22,880.00"}]
[10,"设备配套","金银双色音箱线2*300支60米；VGA线20米、五孔电源插座3个、五位电源插排1个；电源线BVV 1.5mm2 *3；2米音频线（2头3.5mm接头）；配电箱、空开。","国产",null,"项",1,{"v":1808,"d":"1,808.00"},{"v":1808,"d":"1,808.00"},null,2,{"v":904,"d":"904.00"},{"v":904,"d":"904.00"}]
[11,"辅材材料","阻燃PVC线槽、PVC线管、波纹管、直通头、压线槽、膨胀螺丝、铁钉、胶布、标签、扎带等","国产",null,"项",1,{"v":336,"d":"336.00"},{"v":336,"d":"336.00"},null,2,168.16,168.16]
[]
["A","教室电教平台设备小计",{"$nulls":6},{"v":56622,"d":"56,622.00"},{"$nulls":3},{"v":38263.16,"d":"38,263.16"}]
["B","施工费、运输、售后服务费",{"$nulls":6},{"v":5662,"d":"5,662.00"}]
["C","税费",{"$nulls":6},{"v":2166,"d":"2,166.00"}]
["D","合计",{"$nulls":6},{"v":64450,"d":"64,450.00"}]
[]
[{"$nulls":12},{"v":26186.839999999997,"d":"26,186.84"}]
[{"$nulls":12},{"v":0.40631249030256006,"d":"40.63%"}]